Všechny obce v Česku - Statistics

General Stats
  • This quiz has been taken 34 times
  • The average score is 431 of 6258
Answer Stats
Jihočeský Blatná Blatná 6 543 % Correct
Praha Praha Praha 1 335 084
95%
Jihomoravský Brno Brno 382 405
75%
Středočeský Lysá nad Labem Ostrá 577
75%
Jihočeský Písek Písek 30 379
75%
Královéhradecký Hradec Králové Písek 264
75%
Moravskoslezský Jablunkov Písek 1 884
75%
Jihočeský České Budějovice České Budějovice 94 229
70%
Moravskoslezský Ostrava Ostrava 284 982
70%
Pardubický Pardubice Pardubice 91 755
70%
Plzeňský Plzeň Plzeň 175 219
70%
Vysočina Žďár nad Sázavou Karlov 114
65%
Karlovarský Karlovy Vary Karlovy Vary 48 319
65%
Středočeský Černošice Libeř 1 523
65%
Olomoucký Olomouc Olomouc 100 514
65%
Jihočeský Tábor Tábor 34 119
65%
Jihočeský Soběslav Val 253
65%
Královéhradecký Dobruška Val 294
65%
Zlínský Zlín Zlín 74 478
65%
Karlovarský 13 105
60%
Jihomoravský Boskovice Hodonín 112
60%
Jihomoravský Hodonín Hodonín 24 385
60%
Pardubický Chrudim Hodonín 77
60%
Plzeňský Stod Hradec 583
60%
Vysočina Světlá nad Sázavou Hradec 252
60%
Jihomoravský Znojmo Hrádek 947
60%
Královéhradecký Hradec Králové Hrádek 181
60%
Moravskoslezský Jablunkov Hrádek 1 894
60%
Pardubický Ústí nad Orlicí Hrádek 109
60%
Plzeňský Rokycany Hrádek 2 824
60%
Plzeňský Sušice Hrádek 1 382
60%
Olomoucký Hranice Ústí 563
60%
Vysočina Jihlava Ústí 222
60%
Zlínský Vsetín Ústí 623
60%
Olomoucký Olomouc Ústín 436
60%
Ústecký Ústí nad Labem Ústí nad Labem 91 982
60%
Jihočeský Vodňany Vodňany 6 995
60%
Jihomoravský Vyškov Vyškov 20 676
60%
Ústecký Louny Výškov 518
60%
Plzeňský Tachov Bor 4 488
55%
Jihomoravský Břeclav Břeclav 24 554
55%
Středočeský Černošice Buš 345
55%
Ústecký Chomutov Chomutov 48 349
55%
Pardubický Chrudim Chrudim 23 140
55%
Jihomoravský Pohořelice Ivaň 743
55%
Olomoucký Prostějov Ivaň 469
55%
Vysočina Jihlava Jihlava 51 125
55%
Moravskoslezský Karviná Karviná 50 902
55%
Pardubický Hlinsko Kladno 254
55%
Středočeský Kladno Kladno 68 896
55%
Liberecký Liberec Liberec 104 261
55%
Středočeský Mladá Boleslav Mladá Boleslav 44 506
55%
Moravskoslezský Opava Opava 55 996
55%
Karlovarský Ostrov Ostrov 16 491
55%
Pardubický Chrudim Ostrov 206
55%
Pardubický Lanškroun Ostrov 691
55%
Středočeský Příbram Ostrov 145
55%
Středočeský Vlašim Ostrov 57
55%
Vysočina Světlá nad Sázavou Ostrov 157
55%
Jihočeský Strakonice Strakonice 22 428
55%
Jihočeský Třeboň Třeboň 8 150
55%
Zlínský Uherské Hradiště Uherské Hradiště 25 001
55%
Jihočeský Jindřichův Hradec Žďár 106
55%
Jihočeský Písek Žďár 263
55%
Jihomoravský Blansko Žďár 405
55%
Středočeský Mnichovo Hradiště Žďár 1 435
55%
Středočeský Rakovník Žďár 116
55%
Jihomoravský Znojmo Znojmo 33 775
55%
Jihomoravský Blansko Blansko 20 306
50%
Moravskoslezský Bruntál Bruntál 15 908
50%
Jihomoravský Kuřim Česká 1 015
50%
Liberecký Česká Lípa Česká Lípa 37 361
50%
Jihočeský Český Krumlov Český Krumlov 12 788
50%
Karlovarský Cheb Cheb 31 920
50%
Jihočeský Dačice Dačice 7 192
50%
Moravskoslezský Frýdek-Místek Frýdek-Místek 55 006
50%
Pardubický Holice Holice 6 603
50%
Královéhradecký Hradec Králové Hradec Králové 92 683
50%
Jihomoravský Hustopeče Hustopeče 5 974
50%
Jihomoravský Ivančice Ivančice 9 854
50%
Královéhradecký Jičín Jičín 16 551
50%
Ústecký Kadaň Kadaň 18 133
50%
Jihočeský Kaplice Kaplice 7 241
50%
Jihomoravský Kuřim Kuřim 11 021
50%
Ústecký Most Most 65 341
50%
Královéhradecký Náchod Náchod 19 688
50%
Královéhradecký Hradec Králové Nové Město 417
50%
Zlínský Otrokovice Otrokovice 17 592
50%
Karlovarský Sokolov Sokolov 22 924
50%
Vysočina Havlíčkův Brod Tis 385
50%
Jihočeský Trhové Sviny Trhové Sviny 5 279
50%
Moravskoslezský Třinec Třinec 34 778
50%
Královéhradecký Trutnov Trutnov 29 958
50%
Královéhradecký Jičín Tuř 126
50%
Zlínský Uherský Brod Uherský Brod 16 409
50%
Jihomoravský Znojmo Újezd 79
50%
Olomoucký Uničov Újezd 1 449
50%
Plzeňský Domažlice Újezd 421
50%
Středočeský Hořovice Újezd 672
50%
Vysočina Žďár nad Sázavou Újezd 268
50%
Zlínský Valašské Klobouky Újezd 1 182
50%
Pardubický Přelouč Veselí 371
50%
Jihomoravský Boskovice Žďárná 767
50%
Vysočina Žďár nad Sázavou Žďár nad Sázavou 20 485
50%
Jihomoravský Boskovice Benešov 660
45%
Středočeský Benešov Benešov 16 804
45%
Středočeský Beroun Beroun 19 988
45%
Jihomoravský Boskovice Boskovice 11 726
45%
Pardubický Holice Býšť 1 577
45%
Královéhradecký Jičín Bystřice 343
45%
Moravskoslezský Třinec Bystřice 5 373
45%
Středočeský Benešov Bystřice 4 444
45%
Vysočina Bystřice nad Pernštejnem Bystřice nad Pernštejnem 7 982
45%
Královéhradecký Dobruška Dobruška 6 651
45%
Královéhradecký Dvůr Králové nad Labem Dvůr Králové nad Labem 15 471
45%
Karlovarský Cheb Františkovy Lázně 5 412
45%
Moravskoslezský Havířov Havířov 70 165
45%
Zlínský Holešov Holešov 11 509
45%
Královéhradecký Hořice Hořice 8 439
45%
Vysočina Humpolec Hořice 194
45%
Jihočeský Trhové Sviny Hranice 205
45%
Karlovarský Hranice 2 151
45%
Olomoucký Hranice Hranice 17 818
45%
Liberecký Jablonec nad Nisou Jablonec nad Nisou 45 317
45%
Královéhradecký Jaroměř Jaroměř 12 324
45%
Olomoucký Jeseník Jeseník 10 977
45%
Jihočeský Jindřichův Hradec Jindřichův Hradec 21 169
45%
Olomoucký Konice Konice 2 753
45%
Jihomoravský Kyjov Kostelec 888
45%
Královéhradecký Jičín Kostelec 37
45%
Plzeňský Stříbro Kostelec 601
45%
Vysočina Jihlava Kostelec 905
45%
Královéhradecký Kostelec nad Orlicí Kostelec nad Orlicí 6 188
45%
Karlovarský Kraslice Kraslice 6 705
45%
Moravskoslezský Krnov Krnov 23 130
45%
Středočeský Kutná Hora Kutná Hora 20 828
45%
Jihomoravský Břeclav Lednice 2 230
45%
Ústecký Litoměřice Litoměřice 23 623
45%
Pardubický Litomyšl Litomyšl 10 240
45%
Ústecký Litvínov Litvínov 23 489
45%
Ústecký Lovosice Lovosice 8 715
45%
Zlínský Luhačovice Luhačovice 5 077
45%
Karlovarský Mariánské Lázně Mariánské Lázně 12 752
45%
Středočeský Mělník Mělník 19 579
45%
Jihomoravský Mikulov Mikulov 7 479
45%
Ústecký Teplice Mikulov 229
45%
Vysočina Moravské Budějovice Moravské Budějovice 7 256
45%
Jihomoravský Moravský Krumlov Moravský Krumlov 5 688
45%
Královéhradecký Nová Paka Nová Paka 9 044
45%
Vysočina Pelhřimov Pelhřimov 16 012
45%
Jihomoravský Boskovice Petrov 131
45%
Jihomoravský Hodonín Petrov 1 345
45%
Středočeský Černošice Petrov 753
45%
Jihomoravský Blansko Petrovice 628
45%
Jihomoravský Moravský Krumlov Petrovice 363
45%
Královéhradecký Nový Bydžov Petrovice 287
45%
Moravskoslezský Krnov Petrovice 137
45%
Pardubický Lanškroun Petrovice 261
45%
Středočeský Rakovník Petrovice 273
45%
Středočeský Sedlčany Petrovice 1 347
45%
Ústecký Ústí nad Labem Petrovice 932
45%
Vysočina Třebíč Petrovice 422
45%
Jihomoravský Pohořelice Pohořelice 5 251
45%
Zlínský Otrokovice Pohořelice 890
45%
Jihočeský Prachatice Prachatice 10 706
45%
Olomoucký Přerov Přerov 42 451
45%
Olomoucký Prostějov Prostějov 43 381
45%
Plzeňský Rokycany Rokycany 14 313
45%
Jihomoravský Rosice Rosice 6 368
45%
Pardubický Chrudim Rosice 1 390
45%
Královéhradecký Jaroměř Rožnov 377
45%
Zlínský Rožnov pod Radhoštěm Rožnov pod Radhoštěm 16 280
45%
Královéhradecký Rychnov nad Kněžnou Rychnov nad Kněžnou 10 899
45%
Moravskoslezský Opava Slavkov 2 071
45%
Zlínský Uherský Brod Slavkov 664
45%
Jihočeský Soběslav Soběslav 6 928
45%
Olomoucký Šumperk Šumperk 25 452
45%
Pardubický Svitavy Svitavy 16 601
45%
Jihomoravský Tišnov Tišnov 9 267
45%
Liberecký Turnov Turnov 14 391
45%
Jihočeský Týn nad Vltavou Týn nad Vltavou 7 887
45%
Olomoucký Uničov Uničov 11 281
45%
Pardubický Ústí nad Orlicí Ústí nad Orlicí 14 209
45%
Zlínský Valašské Meziříčí Valašské Meziříčí 22 149
45%
Jihočeský Vimperk Vimperk 7 400
45%
Liberecký Liberec Bílá 973
40%
Moravskoslezský Frýdlant nad Ostravicí Bílá 275
40%
Moravskoslezský Bílovec Bílov 575
40%
Plzeňský Kralovice Bílov 79
40%
Středočeský Brandýs n. Lab.-St.Boleslav Brandýs nad Labem-Stará Boleslav 19 420
40%
Královéhradecký Broumov Broumov 7 272
40%
Plzeňský Tachov Broumov 137
40%
Jihočeský Vimperk Buk 290
40%
Olomoucký Přerov Buk 371
40%
Vysočina Bystřice nad Pernštejnem Bukov 190
40%
Středočeský Čáslav Čáslav 10 350
40%
Pardubický Česká Třebová Česká Třebová 15 267
40%
Moravskoslezský Český Těšín Český Těšín 24 069
40%
Vysočina Chotěboř Chotěboř 9 103
40%
Ústecký Děčín Děčín 47 951
40%
Liberecký Česká Lípa Doksy 5 178
40%
Středočeský Kladno Doksy 1 708
40%
Plzeňský Domažlice Domažlice 11 056
40%
Moravskoslezský Frenštát pod Radhoštěm Frenštát pod Radhoštěm 10 766
40%
Liberecký Frýdlant Frýdlant 7 478
40%
Vysočina Havlíčkův Brod Havlíčkův Brod 23 255
40%
Olomoucký Lipník nad Bečvou Hlinsko 242
40%
Pardubický Hlinsko Hlinsko 9 602
40%
Jihočeský Jindřichův Hradec Jilem 126
40%
Vysočina Chotěboř Jilem 134
40%
Liberecký Jilemnice Jilemnice 5 417
40%
Středočeský Kralupy nad Vltavou Kralupy nad Vltavou 18 485
40%
Liberecký Česká Lípa Kravaře 789
40%
Moravskoslezský Kravaře Kravaře 6 662
40%
Zlínský Kroměříž Kroměříž 28 360
40%
Jihomoravský Kyjov Kyjov 11 105
40%
Vysočina Havlíčkův Brod Kyjov 149
40%
Vysočina Žďár nad Sázavou Kyjov 44
40%
Středočeský Příbram Láz 631
40%
Vysočina Moravské Budějovice Láz 286
40%
Olomoucký Lipník nad Bečvou Lhota 320
40%
Středočeský Brandýs n. Lab.-St.Boleslav Lhota 479
40%
Středočeský Kladno Lhota 660
40%
Zlínský Zlín Lhota 898
40%
Ústecký Louny Louny 18 156
40%
Jihočeský Milevsko Milevsko 8 185
40%
Pardubický Moravská Třebová Moravská Třebová 9 795
40%
Vysočina Náměšť nad Oslavou Náměšť nad Oslavou 4 817
40%
Pardubický Pardubice Neratov 162
40%
Středočeský Neratovice Neratovice 16 138
40%
Královéhradecký Nové Město nad Metují Nové Město nad Metují 9 317
40%
Vysočina Nové Město na Moravě Nové Město na Moravě 10 006
40%
Královéhradecký Nový Bydžov Nový Bydžov 6 924
40%
Moravskoslezský Nový Jičín Nový Jičín 23 151
40%
Středočeský Příbram Pičín 667
40%
Pardubický Polička Polička 8 808
40%
Středočeský Příbram Příbram 32 248
40%
Olomoucký Hranice Rakov 400
40%
Jihomoravský Rosice Říčany 2 093
40%
Středočeský Říčany Říčany 16 167
40%
Moravskoslezský Rýmařov Rýmařov 8 081
40%
Jihomoravský Slavkov u Brna Slavkov u Brna 7 045
40%
Plzeňský Stod Stod 3 578
40%
Olomoucký Litovel Střeň 602
40%
Plzeňský Stříbro Stříbro 7 687
40%
Olomoucký Přerov Sušice 324
40%
Plzeňský Sušice Sušice 10 957
40%
Zlínský Uherské Hradiště Sušice 623
40%
Liberecký Česká Lípa Tachov 216
40%
Plzeňský Tachov Tachov 13 072
40%
Liberecký Tanvald Tanvald 6 146
40%
Vysočina Telč Telč 5 257
40%
Ústecký Teplice Teplice 49 705
40%
Vysočina Třebíč Třebíč 35 107
40%
Středočeský Brandýs n. Lab.-St.Boleslav Úvaly 7 023
40%
Zlínský Valašské Klobouky Valašské Klobouky 4 918
40%
Jihomoravský Břeclav Valtice 3 582
40%
Vysočina Velké Meziříčí Velké Meziříčí 11 452
40%
Jihomoravský Veselí nad Moravou Veselí nad Moravou 10 807
40%
Moravskoslezský Vítkov Vítkov 5 620
40%
Zlínský Vizovice Vizovice 4 847
40%
Zlínský Vsetín Vsetín 25 782
40%
Olomoucký Zábřeh Zábřeh 13 479
40%
Pardubický Žamberk Žamberk 6 028
40%
Ústecký Žatec Žatec 18 823
40%
Vysočina Telč Žatec 113
40%
Jihomoravský Židlochovice Židlochovice 3 823
40%
Ústecký Bílina Bílina 17 103
35%
Moravskoslezský Bílovec Bílovec 7 399
35%
Jihomoravský Bučovice Bučovice 6 491
35%
Zlínský Bystřice pod Hostýnem Bystřice pod Hostýnem 8 129
35%
Vysočina Velké Meziříčí Černá 298
35%
Středočeský Černošice Černošice 7 382
35%
Středočeský Dobříš Dobříš 8 828
35%
Jihočeský Prachatice Dub 395
35%
Moravskoslezský Frýdlant nad Ostravicí Frýdlant nad Ostravicí 9 926
35%
Pardubický Chrudim Hluboká 190
35%
Středočeský Hořovice Hořovice 6 939
35%
Jihomoravský Břeclav Hrušky 1 640
35%
Jihomoravský Slavkov u Brna Hrušky 769
35%
Moravskoslezský Jablunkov Jablunkov 5 445
35%
Ústecký Děčín Kámen 249
35%
Vysočina Havlíčkův Brod Kámen 388
35%
Vysočina Pacov Kámen 270
35%
Plzeňský Klatovy Klatovy 22 140
35%
Středočeský Kolín Kolín 32 490
35%
Plzeňský Kralovice Kralovice 3 460
35%
Středočeský Slaný Královice 250
35%
Jihomoravský Boskovice Letovice 6 720
35%
Moravskoslezský Frýdek-Místek Lhotka 559
35%
Olomoucký Přerov Lhotka 67
35%
Středočeský Hořovice Lhotka 354
35%
Středočeský Mělník Lhotka 298
35%
Vysočina Telč Lhotka 99
35%
Vysočina Žďár nad Sázavou Lhotka 225
35%
Ústecký Žatec Lipno 550
35%
Jihomoravský Veselí nad Moravou Lipov 1 486
35%
Karlovarský Cheb Lipová 743
35%
Olomoucký Konice Lipová 716
35%
Olomoucký Přerov Lipová 278
35%
Ústecký Rumburk Lipová 568
35%
Zlínský Luhačovice Lipová 363
35%
Olomoucký Litovel Litovel 9 651
35%
Jihočeský Blatná Lom 123
35%
Jihočeský Tábor Lom 183
35%
Ústecký Litvínov Lom 3 695
35%
Středočeský Lysá nad Labem Lysá nad Labem 9 825
35%
Jihomoravský Znojmo Mikulovice 653
35%
Olomoucký Jeseník Mikulovice 2 508
35%
Pardubický Pardubice Mikulovice 1 270
35%
Vysočina Třebíč Mikulovice 221
35%
Vysočina Pelhřimov Mnich 396
35%
Jihočeský Strakonice Mnichov 234
35%
Karlovarský Mariánské Lázně Mnichov 398
35%
Plzeňský Domažlice Mnichov 214
35%
Olomoucký Mohelnice Mohelnice 9 255
35%
Plzeňský Nepomuk Mohelnice 62
35%
Jihomoravský Kyjov Moravany 738
35%
Jihomoravský Šlapanice Moravany 3 394
35%
Pardubický Pardubice Moravany 1 860
35%
Jihočeský Trhové Sviny Nové Hrady 2 512
35%
Pardubický Vysoké Mýto Nové Hrady 303
35%
Liberecký Nový Bor Nový Bor 11 582
35%
Středočeský Nymburk Nymburk 15 106
35%
Plzeňský Nýřany Nýřany 6 979
35%
Moravskoslezský Odry Odry 7 286
35%
Středočeský Poděbrady Poděbrady 14 469
35%
Pardubický Přelouč Přelouč 9 875
35%
Plzeňský Přeštice Přeštice 7 049
35%
Středočeský Rakovník Rakovník 15 652
35%
Královéhradecký Hradec Králové Roudnice 691
35%
Ústecký Roudnice nad Labem Roudnice nad Labem 12 770
35%
Jihomoravský Vyškov Rousínov 5 730
35%
Středočeský Sedlčany Sedlčany 6 922
35%
Liberecký Semily Semily 8 311
35%
Středočeský Slaný Slaný 16 010
35%
Jihomoravský Šlapanice Šlapanice 7 703
35%
Středočeský Slaný Šlapanice 182
35%
Královéhradecký Nová Paka Stará Paka 2 102
35%
Olomoucký Šternberk Šternberk 13 388
35%
Jihomoravský Boskovice Světlá 249
35%
Jihomoravský Břeclav Týnec 1 112
35%
Plzeňský Klatovy Týnec 347
35%
Ústecký Varnsdorf Varnsdorf 15 117
35%
Královéhradecký Vrchlabí Vrchlabí 12 289
35%
Vysočina Žďár nad Sázavou Vysoké 195
35%
Liberecký Železný Brod Železný Brod 6 011
35%
Zlínský Uherské Hradiště Bílovice 1 922
30%
Plzeňský Blovice Blovice 4 127
30%
Královéhradecký Náchod Borová 198
30%
Pardubický Polička Borová 1 023
30%
Liberecký Liberec Český Dub 2 802
30%
Jihočeský Blatná Chlum 202
30%
Liberecký Česká Lípa Chlum 250
30%
Plzeňský Blovice Chlum 234
30%
Plzeňský Rokycany Chlum 50
30%
Středočeský Vlašim Chlum 124
30%
Vysočina Třebíč Chlum 144
30%
Jihočeský Český Krumlov Chlumec 100
30%
Ústecký Ústí nad Labem Chlumec 4 320
30%
Královéhradecký Hradec Králové Chlumec nad Cidlinou 5 600
30%
Karlovarský Karlovy Vary Chodov 115
30%
Karlovarský Sokolov Chodov 13 089
30%
Plzeňský Domažlice Chodov 761
30%
Jihočeský Dačice Dešná 595
30%
Liberecký Tanvald Desná 3 112
30%
Pardubický Litomyšl Desná 363
30%
Zlínský Vizovice Dešná 211
30%
Moravskoslezský Frýdek-Místek Dobrá 3 233
30%
Vysočina Pacov 62
30%
Jihomoravský Slavkov u Brna Holubice 1 465
30%
Středočeský Černošice Holubice 2 089
30%
Plzeňský Horažďovice Horažďovice 5 213
30%
Plzeňský Domažlice Hradiště 192
30%
Plzeňský Nepomuk Hradiště 222
30%
Plzeňský Rokycany Hradiště 36
30%
Středočeský Vlašim Hradiště 28
30%
Středočeský Mladá Boleslav Hrušov 229
30%
Pardubický Vysoké Mýto Hrušová 391
30%
Ústecký Chomutov Hrušovany 541
30%
Jihomoravský Znojmo Hrušovany nad Jevišovkou 3 309
30%
Vysočina Humpolec Humpolec 10 975
30%
Plzeňský Klatovy Javor 72
30%
Středočeský Říčany Kamenice 4 707
30%
Vysočina Jihlava Kamenice 1 978
30%
Moravskoslezský Kopřivnice Kopřivnice 21 657
30%
Královéhradecký Nový Bydžov Králíky 402
30%
Pardubický Králíky Králíky 4 158
30%
Karlovarský Krásná 628
30%
Moravskoslezský Frýdek-Místek Krásná 669
30%
Pardubický Lanškroun Lanškroun 9 800
30%
Jihomoravský Břeclav Lanžhot 3 710
30%
Pardubický Pardubice Lázně Bohdaneč 3 541
30%
Vysočina Havlíčkův Brod Lípa 1 184
30%
Zlínský Zlín Lípa 854
30%
Středočeský Mladá Boleslav Lipník 366
30%
Vysočina Třebíč Lipník 401
30%
Olomoucký Lipník nad Bečvou Lipník nad Bečvou 7 953
30%
Liberecký Česká Lípa Luka 90
30%
Olomoucký Litovel Luká 872
30%
Jihomoravský Boskovice Lysice 1 902
30%
Liberecký Česká Lípa Mimoň 6 369
30%
Středočeský Mnichovo Hradiště Mnichovo Hradiště 8 858
30%
Plzeňský Nepomuk Nepomuk 3 730
30%
Středočeský Příbram Nepomuk 191
30%
Jihočeský České Budějovice Nová Ves 779
30%
Jihočeský Český Krumlov Nová Ves 411
30%
Jihočeský Strakonice Nová Ves 94
30%
Jihomoravský Ivančice Nová Ves 808
30%
Karlovarský Sokolov Nová Ves 192
30%
Královéhradecký Kostelec nad Orlicí Nová Ves 218
30%
Liberecký Liberec Nová Ves 881
30%
Plzeňský Domažlice Nová Ves 140
30%
Plzeňský Stod Nová Ves 284
30%
Středočeský Brandýs n. Lab.-St.Boleslav Nová Ves 1 386
30%
Středočeský Kralupy nad Vltavou Nová Ves 1 096
30%
Ústecký Louny Nová Ves 121
30%
Vysočina Třebíč Nová Ves 243
30%
Vysočina Velké Meziříčí Nová Ves 164
30%
Pardubický Svitavy Opatov 1 190
30%
Vysočina Jihlava Opatov 198
30%
Vysočina Třebíč Opatov 760
30%
Královéhradecký Dobruška Opočno 3 094
30%
Ústecký Louny Opočno 122
30%
Jihomoravský Mikulov Pavlov 600
30%
Olomoucký Mohelnice Pavlov 653
30%
Středočeský Kladno Pavlov 204
30%
Vysočina Jihlava Pavlov 413
30%
Vysočina Pelhřimov Pavlov 132
30%
Vysočina Světlá nad Sázavou Pavlov 134
30%
Vysočina Žďár nad Sázavou Pavlov 352
30%
Jihočeský Dačice Peč 496
30%
Plzeňský Domažlice Pec 229
30%
Moravskoslezský Kopřivnice Petřvald 1 795
30%
Moravskoslezský Orlová Petřvald 7 296
30%
Jihočeský České Budějovice Planá 269
30%
Plzeňský Tachov Planá 5 385
30%
Pardubický Vysoké Mýto Radhošť 168
30%
Jihomoravský Hodonín Ratíškovice 4 001
30%
Pardubický Lanškroun Sázava 565
30%
Středočeský Benešov Sázava 3 748
30%
Vysočina Žďár nad Sázavou Sázava 664
30%
Královéhradecký Vrchlabí Špindlerův Mlýn 1 057
30%
Moravskoslezský Bruntál Staré Město 920
30%
Moravskoslezský Frýdek-Místek Staré Město 1 465
30%
Olomoucký Šumperk Staré Město 1 687
30%
Pardubický Moravská Třebová Staré Město 1 027
30%
Zlínský Uherské Hradiště Staré Město 6 572
30%
Vysočina Světlá nad Sázavou Světlá nad Sázavou 6 429
30%
Královéhradecký Rychnov nad Kněžnou Vamberk 4 579
30%
Liberecký Jilemnice Vítkovice 380
30%
Středočeský Votice Votice 4 547
30%
Pardubický Vysoké Mýto Vysoké Mýto 12 267
30%
Jihočeský Vodňany Bavorov 1 642
25%
Liberecký Semily Bělá 275
25%
Moravskoslezský Hlučín Bělá 648
25%
Vysočina Pelhřimov Bělá 49
25%
Vysočina Světlá nad Sázavou Bělá 218
25%
Plzeňský Nýřany Blatnice 917
25%
Vysočina Moravské Budějovice Blatnice 358
25%
Jihočeský Milevsko Borovany 210
25%
Jihočeský Trhové Sviny Borovany 4 166
25%
Jihočeský Blatná Březí 65
25%
Jihomoravský Mikulov Březí 1 681
25%
Středočeský Říčany Březí 608
25%
Vysočina Velké Meziříčí Březí 185
25%
Vysočina Třebíč Budišov 1 205
25%
Královéhradecký Kostelec nad Orlicí Častolovice 1 714
25%
Středočeský Český Brod Český Brod 7 066
25%
Pardubický Vysoké Mýto Choceň 8 584
25%
Plzeňský Kralovice Dobříč 412
25%
Středočeský Černošice Dobříč 437
25%
Ústecký Teplice Dubí 7 809
25%
Jihočeský Třeboň Hamr 366
25%
Olomoucký Šumperk Hanušovice 3 030
25%
Liberecký Tanvald Harrachov 1 335
25%
Jihočeský České Budějovice Hluboká nad Vltavou 5 451
25%
Moravskoslezský Hlučín Hlučín 13 805
25%
Plzeňský Horšovský Týn Horšovský Týn 4 987
25%
Jihočeský Prachatice Husinec 1 439
25%
Středočeský Brandýs n. Lab.-St.Boleslav Husinec 1 536
25%
Královéhradecký Dobruška Janov 106
25%
Moravskoslezský Krnov Janov 281
25%
Pardubický Litomyšl Janov 987
25%
Středočeský Rakovník Janov 140
25%
Ústecký Děčín Janov 352
25%
Moravskoslezský Frýdlant nad Ostravicí Janovice 1 967
25%
Pardubický Moravská Třebová Jaroměřice 1 169
25%
Pardubický Holice Jaroslav 241
25%
Středočeský Černošice Jesenice 9 997
25%
Středočeský Rakovník Jesenice 1 694
25%
Středočeský Sedlčany Jesenice 553
25%
Jihomoravský Hodonín Josefov 445
25%
Karlovarský Sokolov Josefov 384
25%
Plzeňský Nepomuk Klášter 233
25%
Liberecký Tanvald Kořenov 894
25%
Středočeský Kolín Kouřim 1 908
25%
Pardubický Chrudim Lány 285
25%
Středočeský Kladno Lány 2 291
25%
Vysočina Chotěboř Lány 52
25%
Jihomoravský Tišnov Lomnice 1 459
25%
Karlovarský Sokolov Lomnice 1 358
25%
Moravskoslezský Bruntál Lomnice 516
25%
Plzeňský Rokycany Mirošov 2 274
25%
Vysočina Jihlava Mirošov 159
25%
Vysočina Nové Město na Moravě Mirošov 134
25%
Středočeský Říčany Mirošovice 1 445
25%
Olomoucký Mohelnice Mírov 369
25%
Zlínský Uherské Hradiště Modrá 734
25%
Jihomoravský Šlapanice Modřice 5 410
25%
Moravskoslezský Jablunkov Mosty u Jablunkova 3 781
25%
Jihočeský Prachatice Němčice 194
25%
Jihočeský Strakonice Němčice 108
25%
Jihomoravský Boskovice Němčice 468
25%
Pardubický Litomyšl Němčice 1 030
25%
Pardubický Pardubice Němčice 728
25%
Plzeňský Domažlice Němčice 139
25%
Středočeský Kolín Němčice 373
25%
Středočeský Mladá Boleslav Němčice 183
25%
Zlínský Holešov Němčice 348
25%
Jihomoravský Židlochovice Opatovice 1 120
25%
Olomoucký Hranice Opatovice 827
25%
Moravskoslezský Orlová Orlová 28 330
25%
Vysočina Pacov Pacov 4 667
25%
Jihomoravský Pohořelice Pasohlávky 743
25%
Středočeský Vlašim Pavlovice 253
25%
Ústecký Podbořany Podbořany 6 392
25%
Olomoucký Mohelnice Police 212
25%
Vysočina Moravské Budějovice Police 340
25%
Zlínský Valašské Meziříčí Police 588
25%
Královéhradecký Rychnov nad Kněžnou Potštejn 970
25%
Jihomoravský Šlapanice Pozořice 2 328
25%
Olomoucký Zábřeh Rovensko 824
25%
Ústecký Rumburk Rumburk 10 903
25%
Jihočeský Tábor Sezimovo Ústí 7 176
25%
Jihomoravský Znojmo Slatina 235
25%
Moravskoslezský Bílovec Slatina 793
25%
Pardubický Moravská Třebová Slatina 166
25%
Pardubický Vysoké Mýto Slatina 454
25%
Plzeňský Horažďovice Slatina 103
25%
Plzeňský Kralovice Slatina 59
25%
Středočeský Kladno Slatina 645
25%
Ústecký Lovosice Slatina 269
25%
Jihomoravský Blansko Sloup 966
25%
Moravskoslezský Nový Jičín Starý Jičín 2 910
25%
Ústecký Litoměřice Úštěk 2 944
25%
Středočeský Říčany Velké Popovice 3 048
25%
Středočeský Vlašim Vlašim 11 496
25%
Jihočeský Strakonice Volyně 3 000
25%
Jihomoravský Šlapanice Vranov 843
25%
Plzeňský Stříbro Vranov 186
25%
Středočeský Benešov Vranov 422
25%
Jihomoravský Pohořelice Vranovice 2 455
25%
Středočeský Příbram Vranovice 326
25%
Moravskoslezský Ostrava Vratimov 7 356
25%
Moravskoslezský Krnov Vysoká 306
25%
Pardubický Moravská Třebová Vysoká 40
25%
Středočeský Mělník Vysoká 925
25%
Vysočina Havlíčkův Brod Vysoká 241
25%
Jihočeský Český Krumlov Vyšší Brod 2 621
25%
Středočeský Beroun Železná 262
25%
Plzeňský Klatovy Železná Ruda 1 631
25%
Středočeský Brandýs n. Lab.-St.Boleslav Zlatá 364
25%
Vysočina Nové Město na Moravě Zubří 524
25%
Zlínský Rožnov pod Radhoštěm Zubří 5 535
25%
Jihočeský České Budějovice Adamov 979
20%
Jihomoravský Blansko Adamov 4 515
20%
Středočeský Čáslav Adamov 132
20%
Královéhradecký Broumov Adršpach 513
20%
Moravskoslezský Frýdek-Místek Baška 3 932
20%
Středočeský Mladá Boleslav Bělá pod Bezdězem 4 754
20%
Jihomoravský Šlapanice Bílovice nad Svitavou 3 749
20%
Moravskoslezský Bohumín Bohumín 20 308
20%
Jihočeský Milevsko Branice 306
20%
Jihočeský Tábor Březnice 223
20%
Středočeský Příbram Březnice 3 535
20%
Zlínský Zlín Březnice 1 353
20%
Karlovarský Karlovy Vary Březová 543
20%
Karlovarský Sokolov Březová 2 660
20%
Moravskoslezský Vítkov Březová 1 384
20%
Středočeský Hořovice Březová 325
20%
Zlínský Uherský Brod Březová 997
20%
Zlínský Vizovice Březová 518
20%
Pardubický Svitavy Březová nad Svitavou 1 629
20%
Jihomoravský Tišnov Brumov 242
20%
Moravskoslezský Frýdek-Místek Brušperk 4 131
20%
Zlínský Uherské Hradiště Buchlovice 2 391
20%
Moravskoslezský Vítkov Budišov nad Budišovkou 2 912
20%
Vysočina Humpolec Bystrá 125
20%
Královéhradecký Dobruška Bystré 271
20%
Pardubický Polička Bystré 1 493
20%
Zlínský Vsetín Bystřička 1 028
20%
Jihomoravský Kuřim Čebín 1 867
20%
Jihomoravský Blansko Černá Hora 2 190
20%
Jihočeský Český Krumlov Černá v Pošumaví 824
20%
Pardubický Králíky Červená Voda 2 990
20%
Královéhradecký Náchod Červený Kostelec 8 332
20%
Královéhradecký Náchod Česká Skalice 5 017
20%
Jihočeský Tábor Chýnov 2 472
20%
Středočeský Kolín Církvice 157
20%
Středočeský Kutná Hora Církvice 1 328
20%
Pardubický Litomyšl Čistá 969
20%
Středočeský Mladá Boleslav Čistá 828
20%
Středočeský Rakovník Čistá 903
20%
Pardubický Pardubice Dašice 2 365
20%
Středočeský Kolín Dobřichov 772
20%
Středočeský Černošice Dobřichovice 3 739
20%
Středočeský Mladá Boleslav Dobrovice 3 455
20%
Moravskoslezský Hlučín Dolní Benešov 4 052
20%
Jihočeský Kaplice Dolní Dvořiště 1 388
20%
Moravskoslezský Ostrava Dolní Lhota 1 490
20%
Zlínský Luhačovice Dolní Lhota 664
20%
Jihočeský České Budějovice Doubravice 311
20%
Jihočeský Strakonice Doubravice 270
20%
Královéhradecký Dvůr Králové nad Labem Doubravice 363
20%
Liberecký Česká Lípa Dubá 1 702
20%
Olomoucký Olomouc Dub nad Moravou 1 625
20%
Ústecký Teplice Duchcov 8 582
20%
Vysočina Třebíč Dukovany 901
20%
Moravskoslezský Bruntál Dvorce 1 286
20%
Vysočina Jihlava Dvorce 195
20%
Zlínský Zlín Fryšták 3 718
20%
Vysočina Havlíčkův Brod Golčův Jeníkov 2 706
20%
Olomoucký Olomouc Grygov 1 564
20%
Jihočeský České Budějovice Heřmaň 196
20%
Jihočeský Písek Heřmaň 279
20%
Pardubický Chrudim Heřmanův Městec 4 807
20%
Zlínský Uherské Hradiště Hluk 4 338
20%
Moravskoslezský Bruntál Horní Benešov 2 238
20%
Jihočeský Kaplice Horní Dvořiště 454
20%
Moravskoslezský Ostrava Horní Lhota 847
20%
Zlínský Luhačovice Horní Lhota 587
20%
Jihočeský Český Krumlov Horní Planá 2 079
20%
Jihočeský Strakonice Hoštice 151
20%
Zlínský Kroměříž Hoštice 160
20%
Ústecký Děčín Hřensko 277
20%
Jihomoravský Veselí nad Moravou Hroznová Lhota 1 222
20%
Jihomoravský Židlochovice Hrušovany u Brna 3 567
20%
Zlínský Kroměříž Hulín 6 687
20%
Jihomoravský Vyškov Ivanovice na Hané 2 930
20%
Liberecký Jilemnice Jablonec nad Jizerou 1 601
20%
Karlovarský Ostrov Jáchymov 2 381
20%
Jihomoravský Veselí nad Moravou Javorník 704
20%
Olomoucký Jeseník Javorník 2 725
20%
Pardubický Svitavy Javorník 421
20%
Pardubický Vysoké Mýto Javorník 257
20%
Středočeský Vlašim Javorník 128
20%
Vysočina Moravské Budějovice Jemnice 3 991
20%
Ústecký Děčín Jílové 5 110
20%
Středočeský Černošice Jílové u Prahy 4 909
20%
Moravskoslezský Krnov Jindřichov 1 216
20%
Olomoucký Hranice Jindřichov 481
20%
Olomoucký Šumperk Jindřichov 1 150
20%
Karlovarský Kraslice Jindřichovice 505
20%
Vysočina Telč Jindřichovice 92
20%
Středočeský Lysá nad Labem Jiřice 281
20%
Vysočina Humpolec Jiřice 948
20%
Ústecký Chomutov Jirkov 19 200
20%
Vysočina Pelhřimov Kamenice nad Lipou 3 742
20%
Středočeský Beroun Karlštejn 865
20%
Zlínský Kroměříž Karolín 256
20%
Ústecký Teplice Kostomlaty pod Milešovkou 953
20%
Středočeský Beroun Králův Dvůr 9 940
20%
Karlovarský Sokolov Krásno 716
20%
Jihomoravský Hustopeče Krumvíř 1 232
20%
Královéhradecký Hradec Králové Kunčice 380
20%
Moravskoslezský Frýdlant nad Ostravicí Kunčice pod Ondřejníkem 2 416
20%
Jihomoravský Boskovice Kunštát 2 798
20%
Královéhradecký Jičín Lázně Bělohrad 3 677
20%
Středočeský Kutná Hora Ledečko 193
20%
Jihočeský České Budějovice Libín 423
20%
Jihočeský České Budějovice Lišov 4 503
20%
Plzeňský Stod Lisov 134
20%
Olomoucký Litovel Loučka 199
20%
Středočeský Slaný Loucká 145
20%
Zlínský Valašské Klobouky Loučka 450
20%
Zlínský Valašské Meziříčí Loučka 803
20%
Jihomoravský Boskovice Louka 61
20%
Jihomoravský Veselí nad Moravou Louka 936
20%
Jihomoravský Vyškov Lysovice 286
20%
Středočeský Rakovník Městečko 450
20%
Pardubický Moravská Třebová Městečko Trnávka 1 396
20%
Jihomoravský Hodonín Mikulčice 1 956
20%
Moravskoslezský Nový Jičín Mořkov 2 497
20%
Středočeský Brandýs n. Lab.-St.Boleslav Nehvizdy 3 720
20%
Karlovarský Karlovy Vary Nejdek 7 790
20%
Plzeňský Klatovy Nýrsko 4 926
20%
Jihočeský Trhové Sviny Olešnice 849
20%
Jihomoravský Boskovice Olešnice 1 667
20%
Královéhradecký Hradec Králové Olešnice 376
20%
Královéhradecký Kostelec nad Orlicí Olešnice 481
20%
Liberecký Turnov Olešnice 208
20%
Liberecký Liberec Osečná 1 176
20%
Jihočeský Milevsko Osek 135
20%
Jihočeský Strakonice Osek 655
20%
Královéhradecký Jičín Osek 230
20%
Plzeňský Rokycany Osek 1 452
20%
Středočeský Hořovice Osek 817
20%
Ústecký Teplice Osek 4 670
20%
Jihomoravský Ivančice Oslavany 4 733
20%
Moravskoslezský Frýdlant nad Ostravicí Ostravice 2 446
20%
Olomoucký Jeseník Ostružná 169
20%
Jihočeský Písek Paseky 185
20%
Královéhradecký Trutnov Pec pod Sněžkou 646
20%
Plzeňský Klatovy Poleň 282
20%
Vysočina Jihlava Polná 5 201
20%
Olomoucký Hranice Potštát 1 182
20%
Jihomoravský Šlapanice Prace 946
20%
Jihomoravský Znojmo Práče 806
20%
Liberecký Turnov Přepeře 962
20%
Středočeský Mladá Boleslav Přepeře 119
20%
Středočeský Lysá nad Labem Přerov nad Labem 1 229
20%
Královéhradecký Nové Město nad Metují Přibyslav 203
20%
Vysočina Havlíčkův Brod Přibyslav 3 989
20%
Středočeský Černošice Průhonice 2 902
20%
Středočeský Rakovník Račice 156
20%
Ústecký Litoměřice Račice 339
20%
Vysočina Nové Město na Moravě Račice 45
20%
Vysočina Třebíč Račice 87
20%
Olomoucký Zábřeh Rájec 527
20%
Jihomoravský Blansko Rájec-Jestřebí 3 745
20%
Olomoucký Přerov Rokytnice 1 527
20%
Zlínský Valašské Klobouky Rokytnice 591
20%
Liberecký Jilemnice Rokytnice nad Jizerou 2 601
20%
Liberecký Turnov Rovensko pod Troskami 1 291
20%
Středočeský Rakovník Ruda 749
20%
Vysočina Velké Meziříčí Ruda 392
20%
Pardubický Svitavy Rudná 153
20%
Středočeský Černošice Rudná 5 157
20%
Jihočeský České Budějovice Rudolfov 2 572
20%
Pardubický Česká Třebová Rybník 830
20%
Plzeňský Domažlice Rybník 170
20%
Moravskoslezský Bohumín Rychvald 7 572
20%
Karlovarský Karlovy Vary Sadov 1 299
20%
Středočeský Nymburk Sadská 3 221
20%
Jihočeský České Budějovice Sedlec 524
20%
Jihomoravský Mikulov Sedlec 868
20%
Plzeňský Kralovice Sedlec 123
20%
Středočeský Brandýs n. Lab.-St.Boleslav Sedlec 426
20%
Středočeský Mladá Boleslav Sedlec 248
20%
Ústecký Lovosice Sedlec 221
20%
Vysočina Náměšť nad Oslavou Sedlec 242
20%
Moravskoslezský Ostrava Šenov 6 419
20%
Pardubický Chrudim Slatiňany 4 178
20%
Královéhradecký Dobruška Sněžné 135
20%
Vysočina Nové Město na Moravě Sněžné 717
20%
Královéhradecký Jičín Sobotka 2 377
20%
Jihomoravský Šlapanice Sokolnice 2 361
20%
Moravskoslezský Rýmařov Stará Ves 504
20%
Olomoucký Přerov Stará Ves 615
20%
Jihomoravský Boskovice Štěchov 191
20%
Jihočeský Strakonice Štěchovice 207
20%
Středočeský Černošice Štěchovice 2 075
20%
Olomoucký Olomouc Štěpánov 3 535
20%
Pardubický Litomyšl Strakov 247
20%
Plzeňský Domažlice Stráž 213
20%
Plzeňský Tachov Stráž 1 226
20%
Pardubický Lanškroun Strážná 105
20%
Jihomoravský Veselí nad Moravou Strážnice 5 467
20%
Jihočeský Vimperk Strážný 447
20%
Jihomoravský Veselí nad Moravou Tasov 557
20%
Ústecký Ústí nad Labem Tašov 146
20%
Vysočina Velké Meziříčí Tasov 680
20%
Jihomoravský Šlapanice Telnice 1 628
20%
Ústecký Ústí nad Labem Telnice 711
20%
Jihomoravský Rosice Tetčice 1 170
20%
Olomoucký Přerov Tovačov 2 461
20%
Královéhradecký Hradec Králové Třebechovice pod Orebem 5 716
20%
Pardubický Česká Třebová Třebovice 794
20%
Vysočina Jihlava Třešť 5 682
20%
Zlínský Uherské Hradiště Uherský Ostroh 4 209
20%
Jihomoravský Šlapanice Újezd u Brna 3 371
20%
Středočeský Kralupy nad Vltavou Úžice 946
20%
Středočeský Kutná Hora Úžice 665
20%
Středočeský Slaný Velvary 3 056
20%
Jihočeský Soběslav Veselí nad Lužnicí 6 334
20%
Jihočeský Prachatice Vlachovo Březí 1 711
20%
Jihomoravský Rosice Zbýšov 3 740
20%
Jihomoravský Slavkov u Brna Zbýšov 692
20%
Středočeský Čáslav Zbýšov 622
20%
Liberecký Česká Lípa Ždírec 123
20%
Plzeňský Blovice Ždírec 461
20%
Vysočina Havlíčkův Brod Ždírec 150
20%
Vysočina Jihlava Ždírec 417
20%
Vysočina Chotěboř Ždírec nad Doubravou 3 135
20%
Královéhradecký Jičín Železnice 1 318
20%
Olomoucký Jeseník Zlaté Hory 3 711
20%
Středočeský Kutná Hora Zruč nad Sázavou 4 834
20%
Moravskoslezský Havířov Albrechtice 3 849
15%
Pardubický Lanškroun Albrechtice 452
15%
Jihočeský Prachatice Babice 135
15%
Královéhradecký Nový Bydžov Babice 190
15%
Olomoucký Šternberk Babice 453
15%
Středočeský Říčany Babice 1 318
15%
Vysočina Moravské Budějovice Babice 191
15%
Zlínský Uherské Hradiště Babice 1 838
15%
Jihomoravský Šlapanice Babice nad Svitavou 1 373
15%
Vysočina Havlíčkův Brod Bačkov 119
15%
Středočeský Mladá Boleslav Bakov nad Jizerou 5 141
15%
Jihočeský Tábor Bechyně 4 965
15%
Olomoucký Jeseník Bělá pod Pradědem 1 753
15%
Královéhradecký Hradec Králové Benátky 120
15%
Pardubický Litomyšl Benátky 384
15%
Středočeský Mladá Boleslav Benátky nad Jizerou 7 575
15%
Liberecký Jilemnice Benecko 1 104
15%
Ústecký Děčín Benešov nad Ploučnicí 3 659
15%
Jihočeský Kaplice Besednice 823
15%
Olomoucký Jeseník Bílá Voda 350
15%
Liberecký Liberec Bílý Kostel nad Nisou 1 049
15%
Ústecký Podbořany Blšany 998
15%
Jihomoravský Židlochovice Blučina 2 241
15%
Karlovarský Karlovy Vary Bochov 1 945
15%
Královéhradecký Nové Město nad Metují Bohuslavice 1 000
15%
Moravskoslezský Hlučín Bohuslavice 1 775
15%
Olomoucký Konice Bohuslavice 445
15%
Olomoucký Zábřeh Bohuslavice 518
15%
Vysočina Telč Bohuslavice 136
15%
Jihočeský České Budějovice Borek 1 603
15%
Královéhradecký Hořice Borek 97
15%
Pardubický Pardubice Borek 285
15%
Středočeský Brandýs n. Lab.-St.Boleslav Borek 319
15%
Vysočina Chotěboř Borek 125
15%
Vysočina Velké Meziříčí Bory 781
15%
Pardubický Ústí nad Orlicí Brandýs nad Orlicí 1 316
15%
Zlínský Valašské Meziříčí Branky 1 004
15%
Olomoucký Šumperk Branná 283
15%
Středočeský Mladá Boleslav Březno 1 051
15%
Ústecký Chomutov Březno 1 424
15%
Ústecký Roudnice nad Labem Bříza 448
15%
Olomoucký Přerov Brodek u Přerova 1 928
15%
Vysočina Jihlava Brtnice 3 757
15%
Zlínský Valašské Klobouky Brumov-Bylnice 5 545
15%
Olomoucký Prostějov Buková 308
15%
Plzeňský Přeštice Buková 242
15%
Jihomoravský Tišnov Bukovice 82
15%
Královéhradecký Náchod Bukovice 341
15%
Jihomoravský Blansko Bukovina 454
15%
Olomoucký Přerov Čechy 315
15%
Olomoucký Prostějov Čechy pod Kosířem 1 047
15%
Jihomoravský Hodonín Čejč 1 258
15%
Moravskoslezský Frýdlant nad Ostravicí Čeladná 2 868
15%
Středočeský Brandýs n. Lab.-St.Boleslav Čelákovice 12 293
15%
Středočeský Benešov Čerčany 2 902
15%
Středočeský Kolín Cerhenice 1 783
15%
Ústecký Roudnice nad Labem Černouček 287
15%
Vysočina Třebíč Červená Lhota 184
15%
Olomoucký Jeseník Česká Ves 2 392
15%
Jihočeský Strakonice Čestice 910
15%
Královéhradecký Kostelec nad Orlicí Čestice 608
15%
Pardubický Chrudim Chrast 3 148
15%
Plzeňský Plzeň Chrást 1 917
15%
Středočeský Nymburk Chrást 536
15%
Středočeský Příbram Chrást 212
15%
Zlínský Kroměříž Chropyně 4 850
15%
Středočeský Dobříš Čím 357
15%
Jihočeský Písek Čimelice 973
15%
Liberecký Nový Bor Cvikov 4 503
15%
Liberecký Jablonec nad Nisou Dalešice 212
15%
Vysočina Třebíč Dalešice 568
15%
Středočeský Černošice Davle 1 760
15%
Jihočeský Jindřichův Hradec Deštná 763
15%
Jihomoravský Boskovice Deštná 222
15%
Královéhradecký Dobruška Deštné v Orlických horách 556
15%
Jihočeský Písek Dobev 971
15%
Středočeský Mělník Dobřeň 182
15%
Ústecký Roudnice nad Labem Dobříň 539
15%
Královéhradecký Jaroměř Dolany 661
15%
Olomoucký Olomouc Dolany 2 845
15%
Pardubický Pardubice Dolany 407
15%
Plzeňský Klatovy Dolany 939
15%
Plzeňský Nýřany Dolany 295
15%
Středočeský Kladno Dolany 302
15%
Jihomoravský Ivančice Dolní Kounice 2 471
15%
Moravskoslezský Orlová Doubrava 1 201
15%
Jihomoravský Blansko Doubravice nad Svitavou 1 385
15%
Jihomoravský Tišnov Doubravník 837
15%
Jihočeský České Budějovice Doudleby 478
15%
Královéhradecký Kostelec nad Orlicí Doudleby nad Orlicí 1 769
15%
Jihomoravský Tišnov Drásov 2 002
15%
Středočeský Příbram Drásov 433
15%
Jihomoravský Boskovice Drnovice 1 332
15%
Jihomoravský Vyškov Drnovice 2 387
15%
Zlínský Valašské Klobouky Drnovice 435
15%
Jihomoravský Hodonín Dubňany 6 327
15%
Jihočeský České Budějovice Dubné 1 654
15%
Jihočeský Český Krumlov Frymburk 1 321
15%
Plzeňský Sušice Frymburk 114
15%
Liberecký Česká Lípa Hamr na Jezeře 434
15%
Liberecký Frýdlant Hejnice 2 730
15%
Pardubický Žamberk Hejnice 203
15%
Jihomoravský Znojmo Hevlín 1 424
15%
Pardubický Chrudim Horka 411
15%
Olomoucký Olomouc Horka nad Moravou 2 561
15%
Pardubický Litomyšl Horky 135
15%
Středočeský Čáslav Horky 382
15%
Vysočina Moravské Budějovice Hornice 63
15%
Jihomoravský Tišnov Horní Loučky 313
15%
Liberecký Česká Lípa Horní Police 691
15%
Středočeský Mělník Hostín 323
15%
Královéhradecký Vrchlabí Hostinné 4 352
15%
Plzeňský Domažlice Hostouň 1 221
15%
Středočeský Kladno Hostouň 1 400
15%
Zlínský Vsetín Hovězí 2 375
15%
Moravskoslezský Opava Hradec nad Moravicí 5 493
15%
Ústecký Teplice Hrob 2 017
15%
Pardubický Chrudim Hrochův Týnec 2 082
15%
Královéhradecký Náchod Hronov 6 075
15%
Moravskoslezský Frýdek-Místek Hukvaldy 2 126
15%
Plzeňský Klatovy Janovice nad Úhlavou 2 324
15%
Královéhradecký Trutnov Janské Lázně 682
15%
Vysočina Třebíč Jaroměřice nad Rokytnou 4 140
15%
Středočeský Černošice Jeneč 1 293
15%
Pardubický Moravská Třebová Jevíčko 2 790
15%
Jihomoravský Znojmo Jevišovice 1 158
15%
Středočeský Říčany Kaliště 341
15%
Vysočina Humpolec Kaliště 350
15%
Vysočina Jihlava Kaliště 162
15%
Pardubický Hlinsko Kameničky 793
15%
Liberecký Nový Bor Kamenický Šenov 3 918
15%
Ústecký Litoměřice Kamýk 180
15%
Středočeský Příbram Kamýk nad Vltavou 951
15%
Liberecký Turnov Karlovice 788
15%
Moravskoslezský Bruntál Karlovice 998
15%
Zlínský Zlín Karlovice 239
15%
Plzeňský Sušice Kašperské Hory 1 404
15%
Plzeňský Domažlice Kdyně 5 146
15%
Ústecký Kadaň Klášterec nad Ohří 14 365
15%
Pardubický Žamberk Klášterec nad Orlicí 902
15%
Královéhradecký Jičín Kněžnice 271
15%
Jihomoravský Hustopeče Kobylí 2 026
15%
Středočeský Mělník Kokořín 378
15%
Jihočeský Soběslav Komárov 127
15%
Olomoucký Šternberk Komárov 209
15%
Středočeský Hořovice Komárov 2 418
15%
Zlínský Otrokovice Komárov 312
15%
Olomoucký Prostějov Kostelec na Hané 2 897
15%
Středočeský Nymburk Kostomlaty nad Labem 1 850
15%
Ústecký Rumburk Krásná Lípa 3 428
15%
Pardubický Chrudim Krásné 148
15%
Vysočina Nové Město na Moravě Krásné 116
15%
Středočeský Rakovník Křivoklát 684
15%
Moravskoslezský Frýdek-Místek Krmelín 2 365
15%
Středočeský Český Brod Krupá 399
15%
Středočeský Rakovník Krupá 451
15%
Jihočeský Jindřichův Hradec Kunžak 1 473
15%
Liberecký Frýdlant Lázně Libverda 430
15%
Vysočina Světlá nad Sázavou Ledeč nad Sázavou 4 951
15%
Pardubický Žamberk Letohrad 6 439
15%
Středočeský Kladno Libušín 3 369
15%
Středočeský Kladno Lidice 569
15%
Jihočeský České Budějovice Lipí 656
15%
Jihočeský Český Krumlov Lipno nad Vltavou 656
15%
Olomoucký Jeseník Lipová-lázně 2 098
15%
Plzeňský Kralovice Líté 206
15%
Středočeský Beroun Liteň 1 229
15%
Jihočeský Blatná Lnáře 700
15%
Liberecký Semily Lomnice nad Popelkou 5 524
15%
Karlovarský Cheb Luby 2 124
15%
Jihomoravský Znojmo Lukov 255
15%
Ústecký Bílina Lukov 132
15%
Vysočina Moravské Budějovice Lukov 403
15%
Zlínský Zlín Lukov 1 710
15%
Jihomoravský Vyškov Luleč 976
15%
Pardubický Chrudim Luže 2 619
15%
Středočeský Brandýs n. Lab.-St.Boleslav Měšice 1 999
15%
Středočeský Poděbrady Městec Králové 2 787
15%
Moravskoslezský Frýdlant nad Ostravicí Metylovice 1 790
15%
Ústecký Litvínov Meziboří 4 884
15%
Královéhradecký Broumov Meziměstí 2 360
15%
Jihočeský Tábor Meziříčí 168
15%
Ústecký Litoměřice Michalovice 156
15%
Vysočina Havlíčkův Brod Michalovice 225
15%
Královéhradecký Hořice Miletín 927
15%
Středočeský Příbram Milín 2 191
15%
Jihomoravský Kyjov Milotice 1 882
15%
Jihomoravský Mikulov Milovice 454
15%
Středočeský Lysá nad Labem Milovice 12 249
15%
Jihomoravský Moravský Krumlov Miroslav 3 006
15%
Jihočeský Písek Mirotice 1 237
15%
Jihočeský Písek Mirovice 1 624
15%
Středočeský Říčany Mnichovice 3 950
15%
Středočeský Vlašim Mnichovice 214
15%
Liberecký Liberec Mníšek 1 662
15%
Středočeský Černošice Mníšek pod Brdy 6 085
15%
Plzeňský Sušice Modrava 80
15%
Vysočina Náměšť nad Oslavou Mohelno 1 341
15%
Moravskoslezský Frýdek-Místek Morávka 1 219
15%
Jihomoravský Ivančice Moravské Bránice 973
15%
Olomoucký Šternberk Moravský Beroun 2 916
15%
Jihomoravský Veselí nad Moravou Moravský Písek 2 070
15%
Středočeský Mělník Mšeno 1 447
15%
Plzeňský Rokycany Mýto 1 526
15%
Olomoucký Olomouc Náměšť na Hané 2 138
15%
Olomoucký Prostějov Němčice nad Hanou 1 975
15%
Jihomoravský Bučovice Nesovice 1 083
15%
Jihočeský Prachatice Netolice 2 559
15%
Olomoucký Prostějov Nezamyslice 1 483
15%
Plzeňský Sušice Nezamyslice 214
15%
Jihočeský Prachatice Nová Pec 429
15%
Liberecký Frýdlant Nové Město pod Smrkem 3 704
15%
Karlovarský Sokolov Nové Sedlo 2 612
15%
Ústecký Žatec Nové Sedlo 610
15%
Středočeský Brandýs n. Lab.-St.Boleslav Odolena Voda 6 200
15%
Plzeňský Stříbro Olbramov 60
15%
Jihomoravský Moravský Krumlov Olbramovice 1 154
15%
Středočeský Votice Olbramovice 1 312
15%
Jihomoravský Vyškov Olšany 617
15%
Olomoucký Šumperk Olšany 1 045
15%
Plzeňský Horažďovice Olšany 204
15%
Vysočina Telč Olšany 76
15%
Středočeský Říčany Ondřejov 1 844
15%
Vysočina Pelhřimov Ondřejov 157
15%
Jihočeský Písek Orlík nad Vltavou 282
15%
Pardubický Holice Ostřetín 928
15%
Jihomoravský Rosice Ostrovačice 738
15%
Jihočeský Písek Ostrovec 373
15%
Moravskoslezský Frýdek-Místek Paskov 3 909
15%
Moravskoslezský Karviná Petrovice u Karviné 4 725
15%
Moravskoslezský Jablunkov Písečná 1 027
15%
Olomoucký Jeseník Písečná 976
15%
Pardubický Žamberk Písečná 581
15%
Jihočeský Tábor Planá nad Lužnicí 4 305
15%
Jihočeský České Budějovice Plav 418
15%
Vysočina Pelhřimov Počátky 2 518
15%
Jihomoravský Břeclav Podivín 3 009
15%
Jihomoravský Šlapanice Podolí 1 452
15%
Olomoucký Přerov Podolí 215
15%
Vysočina Nové Město na Moravě Podolí 90
15%
Zlínský Uherské Hradiště Podolí 893
15%
Zlínský Valašské Meziříčí Podolí 263
15%
Plzeňský Nepomuk Polánka 44
15%
Královéhradecký Náchod Police nad Metují 4 016
15%
Královéhradecký Rychnov nad Kněžnou Polom 137
15%
Olomoucký Hranice Polom 283
15%
Jihomoravský Židlochovice Popovice 354
15%
Středočeský Benešov Popovice 278
15%
Zlínský Uherské Hradiště Popovice 1 015
15%
Středočeský Český Brod Poříčany 1 569
15%
Olomoucký Zábřeh Postřelmov 2 983
15%
Plzeňský Sušice Prášily 154
15%
Moravskoslezský Kopřivnice Příbor 8 428
15%
Jihočeský Písek Putim 543
15%
Jihočeský Písek Ražice 386
15%
Královéhradecký Rychnov nad Kněžnou Rokytnice v Orlických horách 1 995
15%
Moravskoslezský Bruntál Roudno 208
15%
Jihočeský Český Krumlov Rožmberk nad Vltavou 377
15%
Olomoucký Šumperk Ruda nad Moravou 2 502
15%
Jihomoravský Blansko Rudice 968
15%
Zlínský Uherský Brod Rudice 438
15%
Jihomoravský Rosice Rudka 402
15%
Královéhradecký Hradec Králové Sadová 319
15%
Jihomoravský Slavkov u Brna Šaratice 1 049
15%
Středočeský Poděbrady Senice 200
15%
Olomoucký Litovel Senice na Hané 1 774
15%
Liberecký Semily Slaná 664
15%
Zlínský Luhačovice Slavičín 6 316
15%
Liberecký Nový Bor Sloup v Čechách 721
15%
Jihočeský Třeboň Smržov 113
15%
Královéhradecký Hradec Králové Smržov 508
15%
Liberecký Tanvald Smržovka 3 751
15%
Královéhradecký Rychnov nad Kněžnou Solnice 2 247
15%
Pardubický Ústí nad Orlicí Sopotnice 912
15%
Jihomoravský Blansko Šošůvka 669
15%
Plzeňský Sušice Srní 231
15%
Jihočeský Třeboň Staňkov 208
15%
Plzeňský Horšovský Týn Staňkov 3 328
15%
Ústecký Litoměřice Štětí 8 584
15%
Olomoucký Zábřeh Štíty 1 994
15%
Středočeský Říčany Strančice 2 598
15%
Zlínský Uherský Brod Strání 3 456
15%
Liberecký Liberec Stráž nad Nisou 2 394
15%
Liberecký Česká Lípa Stráž pod Ralskem 3 899
15%
Jihomoravský Šlapanice Střelice 3 072
15%
Jihomoravský Znojmo Střelice 154
15%
Plzeňský Stod Střelice 144
15%
Olomoucký Konice Suchdol 582
15%
Středočeský Kutná Hora Suchdol 1 107
15%
Jihomoravský Boskovice Sudice 479
15%
Moravskoslezský Kravaře Sudice 641
15%
Vysočina Náměšť nad Oslavou Sudice 352
15%
Středočeský Mladá Boleslav Sudoměř 98
15%
Středočeský Beroun Svatá 513
15%
Liberecký Turnov Svijany 358
15%
Liberecký Turnov Sychrov 231
15%
Vysočina Humpolec Syrov 51
15%
Jihomoravský Židlochovice Syrovice 1 878
15%
Jihomoravský Boskovice Tasovice 71
15%
Jihomoravský Znojmo Tasovice 1 379
15%
Jihočeský Týn nad Vltavou Temelín 840
15%
Karlovarský Mariánské Lázně Teplá 2 961
15%
Královéhradecký Broumov Teplice nad Metují 1 613
15%
Jihomoravský Hodonín Terezín 378
15%
Ústecký Litoměřice Terezín 2 852
15%
Královéhradecký Hořice Tetín 153
15%
Středočeský Beroun Tetín 871
15%
Středočeský Hořovice Točník 243
15%
Jihočeský Soběslav Tučapy 786
15%
Jihomoravský Vyškov Tučapy 606
15%
Zlínský Uherské Hradiště Tučapy 253
15%
Středočeský Mladá Boleslav Tuřice 406
15%
Středočeský Kolín Týnec nad Labem 2 095
15%
Plzeňský Přeštice Týniště 48
15%
Královéhradecký Kostelec nad Orlicí Týniště nad Orlicí 6 050
15%
Středočeský Kladno Unhošť 4 815
15%
Jihomoravský Boskovice Úsobrno 446
15%
Olomoucký Mohelnice Úsov 1 168
15%
Jihomoravský Kyjov Vacenovice 2 194
15%
Královéhradecký Jičín Valdice 1 398
15%
Olomoucký Jeseník Vápenná 1 301
15%
Středočeský Brandýs n. Lab.-St.Boleslav Veleň 1 719
15%
Jihomoravský Břeclav Velké Bílovice 3 906
15%
Královéhradecký Náchod Vestec 179
15%
Středočeský Černošice Vestec 2 822
15%
Středočeský Nymburk Vestec 328
15%
Jihočeský Český Krumlov Větřní 3 824
15%
Vysočina Jihlava Větrný Jeníkov 634
15%
Jihomoravský Kuřim Veverská Bítýška 3 441
15%
Vysočina Bystřice nad Pernštejnem Vír 703
15%
Středočeský Votice Vojkov 467
15%
Jihomoravský Židlochovice Vojkovice 1 188
15%
Karlovarský Ostrov Vojkovice 645
15%
Moravskoslezský Frýdek-Místek Vojkovice 756
15%
Středočeský Kralupy nad Vltavou Vojkovice 869
15%
Jihočeský Prachatice Volary 3 738
15%
Olomoucký Prostějov Vranovice-Kelčice 597
15%
Jihomoravský Znojmo Vranov nad Dyjí 803
15%
Středočeský Beroun Zadní Třebaň 936
15%
Středočeský Brandýs n. Lab.-St.Boleslav Zápy 920
15%
Olomoucký Zábřeh Zborov 217
15%
Středočeský Hořovice Žebrák 2 212
15%
Středočeský Brandýs n. Lab.-St.Boleslav Zeleneč 3 182
15%
Vysočina Pelhřimov Žirov 89
15%
Vysočina Pelhřimov Žirovnice 2 920
15%
Středočeský Čáslav Žleby 1 361
15%
Jihočeský České Budějovice Zliv 3 537
15%
Olomoucký Jeseník Žulová 1 197
15%
Jihočeský České Budějovice Zvíkov 263
15%
Jihočeský Kaplice Zvíkov 100
15%
Karlovarský Ostrov Abertamy 924
10%
Jihomoravský Kyjov Archlebov 878
10%
Ústecký Most Bečov 1 390
10%
Karlovarský Karlovy Vary Bečov nad Teplou 954
10%
Středočeský Kolín Bečváry 1 040
10%
Jihomoravský Boskovice Bedřichov 227
10%
Liberecký Jablonec nad Nisou Bedřichov 360
10%
Olomoucký Hranice Bělotín 1 825
10%
Zlínský Otrokovice Bělov 317
10%
Jihočeský Kaplice Benešov nad Černou 1 480
10%
Plzeňský Klatovy Běšiny 824
10%
Liberecký Česká Lípa Bezděz 353
10%
Jihomoravský Šlapanice Blažovice 1 232
10%
Olomoucký Šumperk Bludov 3 077
10%
Středočeský Kutná Hora Bludov 25
10%
Královéhradecký Hořice Boháňka 262
10%
Jihomoravský Bučovice Bohaté Málkovice 250
10%
Jihomoravský Vyškov Bohdalice-Pavlovice 872
10%
Pardubický Svitavy Bohuňov 140
10%
Vysočina Bystřice nad Pernštejnem Bohuňov 269
10%
Olomoucký Olomouc Bohuňovice 2 521
10%
Pardubický Litomyšl Bohuňovice 115
10%
Moravskoslezský Krnov Bohušov 378
10%
Středočeský Mladá Boleslav Boreč 264
10%
Jihomoravský Hustopeče Bořetice 1 306
10%
Vysočina Pelhřimov Bořetice 77
10%
Pardubický Chrudim Bořice 185
10%
Jihomoravský Blansko Bořitov 1 290
10%
Královéhradecký Kostelec nad Orlicí Borohrádek 2 102
10%
Jihočeský České Budějovice Borovnice 141
10%
Královéhradecký Dvůr Králové nad Labem Borovnice 360
10%
Královéhradecký Kostelec nad Orlicí Borovnice 402
10%
Středočeský Vlašim Borovnice 83
10%
Vysočina Nové Město na Moravě Borovnice 186
10%
Jihomoravský Slavkov u Brna Bošovice 1 251
10%
Olomoucký Litovel Bouzov 1 522
10%
Moravskoslezský Krnov Brantice 1 353
10%
Jihočeský Jindřichův Hradec Březina 127
10%
Jihomoravský Šlapanice Březina 1 100
10%
Jihomoravský Tišnov Březina 331
10%
Královéhradecký Jičín Březina 122
10%
Pardubický Moravská Třebová Březina 322
10%
Plzeňský Rokycany Březina 386
10%
Středočeský Mnichovo Hradiště Březina 418
10%
Moravskoslezský Rýmařov Břidličná 3 043
10%
Olomoucký Prostějov Brodek u Prostějova 1 509
10%
Jihomoravský Mikulov Brod nad Dyjí 526
10%
Jihočeský Vodňany Budyně 45
10%
Ústecký Roudnice nad Labem Budyně nad Ohří 2 139
10%
Jihomoravský Kyjov Bukovany 685
10%
Karlovarský Sokolov Bukovany 1 526
10%
Olomoucký Olomouc Bukovany 662
10%
Středočeský Benešov Bukovany 760
10%
Středočeský Příbram Bukovany 88
10%
Jihomoravský Břeclav Bulhary 746
10%
Pardubický Žamberk Bystřec 1 146
10%
Olomoucký Olomouc Bystročice 823
10%
Olomoucký Olomouc Bystrovany 1 015
10%
Plzeňský Klatovy Čachrov 507
10%
Pardubický Pardubice Časy 239
10%
Jihočeský Strakonice Cehnice 493
10%
Jihočeský Třeboň Cep 190
10%
Pardubický Pardubice Čepí 461
10%
Středočeský Kolín Červené Pečky 1 873
10%
Olomoucký Litovel Červenka 1 433
10%
Ústecký Děčín Česká Kamenice 5 196
10%
Plzeňský Domažlice Česká Kubice 958
10%
Pardubický Ústí nad Orlicí České Libchavy 647
10%
Pardubický Žamberk České Petrovice 163
10%
Středočeský Říčany Čestlice 704
10%
Ústecký Ústí nad Labem Chabařovice 2 517
10%
Středočeský Benešov Chleby 46
10%
Středočeský Nymburk Chleby 446
10%
Jihočeský Třeboň Chlum u Třeboně 1 918
10%
Pardubický Moravská Třebová Chornice 855
10%
Moravskoslezský Český Těšín Chotěbuz 1 409
10%
Jihočeský Tábor Chotoviny 1 783
10%
Jihočeský Tábor Choustník 484
10%
Královéhradecký Dvůr Králové nad Labem Choustníkovo Hradiště 577
10%
Liberecký Liberec Chrastava 6 279
10%
Vysočina Světlá nad Sázavou Chřenovice 150
10%
Pardubický Holice Chvojenec 731
10%
Vysočina Moravské Budějovice Cidlina 82
10%
Pardubický Lanškroun Cotkytle 396
10%
Jihomoravský Ivančice Čučice 445
10%
Jihomoravský Kyjov Dambořice 1 473
10%
Moravskoslezský Karviná Dětmarovice 4 307
10%
Jihomoravský Hustopeče Diváky 511
10%
Jihočeský České Budějovice Dívčice 560
10%
Olomoucký Uničov Dlouhá Loučka 2 000
10%
Pardubický Moravská Třebová Dlouhá Loučka 562
10%
Pardubický Ústí nad Orlicí Dlouhá Třebová 1 326
10%
Plzeňský Sušice Dlouhá Ves 878
10%
Vysočina Havlíčkův Brod Dlouhá Ves 458
10%
Středočeský Poděbrady Dlouhopolsko 226
10%
Královéhradecký Dobruška Dobřany 128
10%
Plzeňský Stod Dobřany 6 169
10%
Pardubický Vysoké Mýto Dobříkov 556
10%
Vysočina Jihlava Dobronín 1 864
10%
Zlínský Rožnov pod Radhoštěm Dolní Bečva 1 868
10%
Jihočeský Týn nad Vltavou Dolní Bukovsko 1 765
10%
Pardubický Ústí nad Orlicí Dolní Dobrouč 2 604
10%
Jihomoravský Tišnov Dolní Loučky 1 271
10%
Královéhradecký Náchod Dolní Radechová 776
10%
Pardubický Holice Dolní Roveň 2 076
10%
Olomoucký Olomouc Doloplazy 1 360
10%
Olomoucký Prostějov Doloplazy 540
10%
Středočeský Brandýs n. Lab.-St.Boleslav Dřísy 1 047
10%
Pardubický Pardubice Dříteč 555
10%
Jihomoravský Vyškov Drysice 612
10%
Liberecký Česká Lípa Dubnice 650
10%
Jihočeský České Budějovice Dynín 323
10%
Olomoucký Konice Dzbel 227
10%
Ústecký Lovosice Evaň 289
10%
Moravskoslezský Odry Fulnek 5 561
10%
Jihomoravský Znojmo Grešlové Mýto 215
10%
Olomoucký Přerov Grymov 156
10%
Jihočeský České Budějovice Habří 109
10%
Vysočina Havlíčkův Brod Habry 1 334
10%
Vysočina Havlíčkův Brod Havlíčkova Borová 985
10%
Karlovarský Hazlov 1 532
10%
Středočeský Brandýs n. Lab.-St.Boleslav Hlavenec 508
10%
Olomoucký Olomouc Hlubočky 4 224
10%
Pardubický Ústí nad Orlicí Hnátnice 825
10%
Moravskoslezský Třinec Hnojník 1 460
10%
Moravskoslezský Opava Holasovice 1 354
10%
Jihočeský Český Krumlov Holubov 1 099
10%
Ústecký Chomutov Hora Svatého Šebestiána 339
10%
Jihočeský Český Krumlov Hořice na Šumavě 875
10%
Zlínský Rožnov pod Radhoštěm Horní Bečva 2 446
10%
Karlovarský Ostrov Horní Blatná 389
10%
Pardubický Holice Horní Jelení 2 082
10%
Královéhradecký Vrchlabí Horní Kalná 373
10%
Olomoucký Přerov Horní Moštěnice 1 696
10%
Královéhradecký Náchod Horní Radechová 510
10%
Karlovarský Sokolov Horní Slavkov 5 379
10%
Vysočina Pelhřimov Horní Ves 309
10%
Středočeský Černošice Horoměřice 4 653
10%
Olomoucký Zábřeh Hoštejn 433
10%
Jihomoravský Slavkov u Brna Hostěrádky-Rešov 865
10%
Středočeský Hořovice Hostomice 1 822
10%
Ústecký Bílina Hostomice 1 254
10%
Jihočeský Týn nad Vltavou Hosty 157
10%
Jihočeský Prachatice Hracholusky 496
10%
Středočeský Rakovník Hracholusky 77
10%
Jihomoravský Tišnov Hradčany 685
10%
Olomoucký Přerov Hradčany 314
10%
Středočeský Poděbrady Hradčany 273
10%
Liberecký Liberec Hrádek nad Nisou 7 744
10%
Moravskoslezský Jablunkov Hrčava 247
10%
Vysočina Třebíč Hrotovice 1 773
10%
Olomoucký Prostějov Hruška 258
10%
Pardubický Žamberk Jablonné nad Orlicí 3 137
10%
Liberecký Liberec Jablonné v Podještědí 3 653
10%
Moravskoslezský Opava Jakartovice 1 051
10%
Liberecký Jablonec nad Nisou Janov nad Nisou 1 475
10%
Jihomoravský Znojmo Jaroslavice 1 267
10%
Královéhradecký Jaroměř Jasenná 764
10%
Zlínský Vizovice Jasenná 971
10%
Jihomoravský Blansko Jedovnice 2 824
10%
Královéhradecký Hořice Jeřice 409
10%
Zlínský Valašské Klobouky Jestřabí 276
10%
Královéhradecký Nové Město nad Metují Jestřebí 157
10%
Liberecký Česká Lípa Jestřebí 827
10%
Olomoucký Zábřeh Jestřebí 668
10%
Jihomoravský Mikulov Jevišovka 689
10%
Jihomoravský Vyškov Ježkovice 380
10%
Jihomoravský Kyjov Ježov 698
10%
Vysočina Humpolec Ježov 64
10%
Moravskoslezský Rýmařov Jiříkov 295
10%
Ústecký Rumburk Jiříkov 3 591
10%
Středočeský Brandýs n. Lab.-St.Boleslav Jirny 2 950
10%
Moravskoslezský Bílovec Jistebník 1 657
10%
Liberecký Jablonec nad Nisou Josefův Důl 892
10%
Středočeský Mladá Boleslav Josefův Důl 435
10%
Středočeský Nymburk Kamenné Zboží 542
10%
Středočeský Černošice Kamenný Přívoz 1 458
10%
Jihočeský Jindřichův Hradec Kardašova Řečice 2 232
10%
Plzeňský Rokycany Kařez 697
10%
Moravskoslezský Bruntál Karlova Studánka 162
10%
Zlínský Vsetín Karolinka 2 452
10%
Zlínský Valašské Meziříčí Kelč 2 699
10%
Jihočeský Písek Kestřany 735
10%
Jihočeský Strakonice Kladruby 141
10%
Plzeňský Rokycany Kladruby 154
10%
Plzeňský Stříbro Kladruby 1 638
10%
Středočeský Vlašim Kladruby 267
10%
Ústecký Teplice Kladruby 417
10%
Středočeský Mnichovo Hradiště Klášter Hradiště nad Jizerou 1 001
10%
Jihomoravský Hustopeče Klobouky u Brna 2 488
10%
Středočeský Český Brod Klučov 1 063
10%
Vysočina Třebíč Klučov 162
10%
Jihomoravský Boskovice Knínice 931
10%
Vysočina Telč Knínice 193
10%
Moravskoslezský Kravaře Kobeřice 3 271
10%
Královéhradecký Nový Bydžov Kobylice 262
10%
Královéhradecký Dvůr Králové nad Labem Kocbeře 524
10%
Středočeský Rakovník Kolešov 148
10%
Středočeský Rakovník Kolešovice 808
10%
Královéhradecký Jičín Kopidlno 2 112
10%
Pardubický Moravská Třebová Koruna 147
10%
Zlínský Kroměříž Koryčany 2 706
10%
Olomoucký Zábřeh Kosov 320
10%
Pardubický Pardubice Kostěnice 567
10%
Středočeský Lysá nad Labem Kounice 1 546
10%
Středočeský Mladá Boleslav Kováň 145
10%
Středočeský Kralupy nad Vltavou Kozomín 446
10%
Olomoucký Olomouc Kožušany-Tážaly 873
10%
Jihomoravský Vyškov Krásensko 412
10%
Pardubický Moravská Třebová Křenov 410
10%
Jihočeský Písek Křenovice 175
10%
Jihomoravský Slavkov u Brna Křenovice 1 956
10%
Olomoucký Přerov Křenovice 447
10%
Jihočeský Milevsko Křižanov 102
10%
Vysočina Velké Meziříčí Křižanov 1 866
10%
Liberecký Liberec Křižany 854
10%
Liberecký Liberec Kryštofovo Údolí 391
10%
Královéhradecký Dvůr Králové nad Labem Kuks 270
10%
Pardubický Žamberk Kunvald 924
10%
Jihomoravský Hustopeče Kurdějov 442
10%
Královéhradecký Jičín Kyje 65
10%
Královéhradecký Dvůr Králové nad Labem Lanžov 192
10%
Jihočeský Jindřichův Hradec Lásenice 555
10%
Jihočeský Blatná Lažánky 101
10%
Jihomoravský Tišnov Lažánky 723
10%
Jihočeský Blatná Lažany 53
10%
Jihomoravský Blansko Lažany 420
10%
Liberecký Turnov Lažany 218
10%
Jihočeský České Budějovice Ledenice 2 474
10%
Ústecký Louny Lenešice 1 409
10%
Jihočeský Prachatice Lenora 715
10%
Jihomoravský Bučovice Letonice 1 377
10%
Jihočeský Písek Lety 285
10%
Středočeský Černošice Lety 1 579
10%
Zlínský Vsetín Lhota u Vsetína 799
10%
Karlovarský Cheb Libá 802
10%
Pardubický Ústí nad Orlicí Libchavy 1 771
10%
Středočeský Mělník Liběchov 1 057
10%
Olomoucký Šumperk Libina 3 238
10%
Pardubický Králíky Lichkov 533
10%
Olomoucký Šternberk Lipina 166
10%
Vysočina Havlíčkův Brod Lipnice nad Sázavou 647
10%
Jihomoravský Blansko Lipovec 1 199
10%
Pardubický Chrudim Lipovec 253
10%
Zlínský Vsetín Liptál 1 509
10%
Jihomoravský Blansko Lipůvka 1 386
10%
Zlínský Kroměříž Litenčice 466
10%
Jihočeský České Budějovice Litvínovice 2 613
10%
Jihomoravský Pohořelice Loděnice 530
10%
Středočeský Beroun Loděnice 1 970
10%
Královéhradecký Hradec Králové Lodín 416
10%
Jihomoravský Tišnov Lomnička 567
10%
Středočeský Nymburk Loučeň 1 375
10%
Olomoucký Šumperk Loučná nad Desnou 1 507
10%
Středočeský Mnichovo Hradiště Loukov 186
10%
Zlínský Bystřice pod Hostýnem Loukov 922
10%
Středočeský Říčany Louňovice 1 163
10%
Ústecký Litoměřice Lovečkovice 582
10%
Vysočina Jihlava Luka nad Jihlavou 3 028
10%
Královéhradecký Rychnov nad Kněžnou Lukavice 613
10%
Olomoucký Zábřeh Lukavice 863
10%
Pardubický Chrudim Lukavice 876
10%
Pardubický Žamberk Lukavice 1 162
10%
Olomoucký Olomouc Lutín 3 217
10%
Zlínský Vizovice Lutonina 423
10%
Jihočeský Prachatice Lužice 37
10%
Jihomoravský Hodonín Lužice 2 950
10%
Olomoucký Šternberk Lužice 398
10%
Ústecký Most Lužice 672
10%
Jihočeský Třeboň Lužnice 418
10%
Jihočeský Třeboň Majdalena 504
10%
Liberecký Turnov Malá Skála 1 201
10%
Jihočeský Strakonice Malenice 707
10%
Moravskoslezský Frýdlant nad Ostravicí Malenovice 775
10%
Jihomoravský Tišnov Malhostovice 995
10%
Vysočina Jihlava Malý Beranov 615
10%
Vysočina Velké Meziříčí Martinice 466
10%
Zlínský Holešov Martinice 804
10%
Středočeský Brandýs n. Lab.-St.Boleslav Máslovice 381
10%
Středočeský Nymburk Mcely 408
10%
Středočeský Mladá Boleslav Mečeříž 539
10%
Jihomoravský Židlochovice Měnín 1 865
10%
Moravskoslezský Krnov Město Albrechtice 3 481
10%
Olomoucký Šternberk Město Libavá 606
10%
Plzeňský Klatovy Mezihoří 66
10%
Ústecký Rumburk Mikulášovice 2 111
10%
Středočeský Votice Miličín 826
10%
Moravskoslezský Bruntál Milotice nad Opavou 382
10%
Pardubický Žamberk Mistrovice 597
10%
Jihočeský Tábor Mladá Vožice 2 709
10%
Pardubický Králíky Mladkov 519
10%
Středočeský Brandýs n. Lab.-St.Boleslav Mochov 1 418
10%
Jihočeský Český Krumlov Mojné 274
10%
Jihomoravský Šlapanice Mokrá-Horákov 2 766
10%
Moravskoslezský Vítkov Moravice 234
10%
Jihomoravský Břeclav Moravská Nová Ves 2 613
10%
Olomoucký Prostějov Mořice 522
10%
Zlínský Kroměříž Morkovice-Slížany 2 959
10%
Královéhradecký Dvůr Králové nad Labem Mostek 1 175
10%
Pardubický Vysoké Mýto Mostek 265
10%
Olomoucký Prostějov Mostkovice 1 601
10%
Zlínský Otrokovice Napajedla 7 127
10%
Jihočeský Tábor Nasavrky 99
10%
Pardubický Chrudim Nasavrky 1 678
10%
Pardubický Vysoké Mýto Nasavrky 133
10%
Moravskoslezský Jablunkov Návsí 3 850
10%
Jihomoravský Tišnov Nedvědice 1 314
10%
Jihomoravský Bučovice Nemotice 422
10%
Středočeský Mladá Boleslav Nepřevázka 416
10%
Jihomoravský Bučovice Nevojice 423
10%
Zlínský Uherský Brod Nivnice 3 369
10%
Jihočeský Jindřichův Hradec Nová Bystřice 3 244
10%
Olomoucký Uničov Nová Hradečná 760
10%
Jihomoravský Veselí nad Moravou Nová Lhota 654
10%
Vysočina Telč Nová Říše 826
10%
Karlovarský Karlovy Vary Nová Role 4 154
10%
Vysočina Žďár nad Sázavou Nové Veselí 1 352
10%
Středočeský Černošice Nučice 2 288
10%
Středočeský Říčany Nučice 377
10%
Moravskoslezský Třinec Nýdek 2 071
10%
Jihomoravský Boskovice Obora 322
10%
Plzeňský Kralovice Obora 565
10%
Plzeňský Tachov Obora 161
10%
Ústecký Louny Obora 444
10%
Královéhradecký Jičín Ohaveč 133
10%
Ústecký Bílina Ohníč 723
10%
Jihomoravský Znojmo Olbramkostel 522
10%
Jihomoravský Blansko Olomučany 1 071
10%
Olomoucký Prostějov Olšany u Prostějova 1 812
10%
Jihočeský Tábor Opařany 1 385
10%
Pardubický Svitavy Opatovec 720
10%
Pardubický Pardubice Opatovice nad Labem 2 643
10%
Středočeský Černošice Ořech 974
10%
Královéhradecký Rychnov nad Kněžnou Orlické Záhoří 208
10%
Plzeňský Nepomuk Oselce 351
10%
Pardubický Litomyšl Osík 1 025
10%
Moravskoslezský Krnov Osoblaha 1 100
10%
Jihomoravský Šlapanice Ostopovice 1 766
10%
Středočeský Benešov Ostředek 403
10%
Jihomoravský Blansko Ostrov u Macochy 1 129
10%
Zlínský Uherské Hradiště Ostrožská Nová Ves 3 461
10%
Jihomoravský Židlochovice Otmarov 376
10%
Jihomoravský Slavkov u Brna Otnice 1 611
10%
Středočeský Kolín Ovčáry 882
10%
Středočeský Neratovice Ovčáry 514
10%
Moravskoslezský Frýdek-Místek Palkovice 3 437
10%
Olomoucký Uničov Paseka 1 301
10%
Liberecký Jilemnice Paseky nad Jizerou 249
10%
Pardubický Žamberk Pastviny 364
10%
Královéhradecký Nová Paka Pecka 1 298
10%
Středočeský Kolín Pečky 4 811
10%
Liberecký Turnov Pěnčín 709
10%
Liberecký Železný Brod Pěnčín 2 040
10%
Olomoucký Prostějov Pěnčín 750
10%
Liberecký Frýdlant Pertoltice 299
10%
Středočeský Kutná Hora Pertoltice 157
10%
Ústecký Louny Peruc 2 326
10%
Královéhradecký Hořice Petrovičky 47
10%
Středočeský Mladá Boleslav Písková Lhota 1 013
10%
Středočeský Poděbrady Písková Lhota 489
10%
Plzeňský Kralovice Plasy 2 770
10%
Ústecký Litoměřice Ploskovice 447
10%
Olomoucký Prostějov Plumlov 2 312
10%
Karlovarský Podhradí 195
10%
Královéhradecký Jičín Podhradí 472
10%
Zlínský Luhačovice Podhradí 194
10%
Středočeský Brandýs n. Lab.-St.Boleslav Podolanka 580
10%
Jihočeský Kaplice Pohorská Ves 251
10%
Pardubický Polička Pomezí 1 261
10%
Karlovarský Cheb Pomezí nad Ohří 314
10%
Moravskoslezský Frýdek-Místek Pražmo 912
10%
Středočeský Brandýs n. Lab.-St.Boleslav Přezletice 1 948
10%
Pardubický Chrudim Proseč 2 086
10%
Vysočina Humpolec Proseč 66
10%
Zlínský Rožnov pod Radhoštěm Prostřední Bečva 1 779
10%
Jihočeský Písek Protivín 4 760
10%
Moravskoslezský Frýdlant nad Ostravicí Pržno 1 061
10%
Zlínský Vsetín Pržno 639
10%
Středočeský Černošice Psáry 4 154
10%
Moravskoslezský Opava Pustá Polom 1 369
10%
Jihomoravský Vyškov Pustiměř 1 852
10%
Plzeňský Sušice Rabí 492
10%
Zlínský Zlín Racková 869
10%
Vysočina Havlíčkův Brod Radostín 161
10%
Vysočina Žďár nad Sázavou Radostín 149
10%
Středočeský Kolín Radovesnice I 382
10%
Středočeský Kolín Radovesnice II 499
10%
Jihomoravský Blansko Ráječko 1 367
10%
Jihomoravský Židlochovice Rajhrad 3 974
10%
Jihomoravský Židlochovice Rajhradice 1 504
10%
Zlínský Bystřice pod Hostýnem Rajnochovice 530
10%
Plzeňský Rokycany Raková 246
10%
Liberecký Česká Lípa Ralsko 2 119
10%
Vysočina Náměšť nad Oslavou Rapotice 538
10%
Olomoucký Šumperk Rapotín 3 291
10%
Moravskoslezský Frýdek-Místek Raškovice 1 963
10%
Liberecký Frýdlant Raspenava 2 837
10%
Jihočeský Jindřichův Hradec Ratiboř 176
10%
Zlínský Vsetín Ratiboř 1 833
10%
Plzeňský Sušice Rejštejn 261
10%
Moravskoslezský Třinec Řeka 572
10%
Středočeský Černošice Řevnice 3 616
10%
Jihomoravský Tišnov Řikonín 49
10%
Královéhradecký Náchod Říkov 228
10%
Olomoucký Přerov Říkovice 479
10%
Jihočeský České Budějovice Římov 942
10%
Vysočina Třebíč Římov 431
10%
Středočeský Černošice Řitka 1 315
10%
Pardubický Pardubice Rokytno 896
10%
Pardubický Chrudim Ronov nad Doubravou 1 699
10%
Moravskoslezský Třinec Ropice 1 685
10%
Vysočina Velké Meziříčí Rousměrov 108
10%
Jihomoravský Kuřim Rozdrojovice 1 096
10%
Středočeský Příbram Rožmitál pod Třemšínem 4 352
10%
Vysočina Telč Rozseč 175
10%
Vysočina Velké Meziříčí Rozseč 88
10%
Středočeský Černošice Roztoky 8 783
10%
Středočeský Rakovník Roztoky 1 084
10%
Královéhradecký Trutnov Rtyně v Podkrkonoší 2 962
10%
Královéhradecký Vrchlabí Rudník 2 154
10%
Moravskoslezský Nový Jičín Rybí 1 258
10%
Plzeňský Kralovice Rybnice 582
10%
Ústecký Varnsdorf Rybniště 655
10%
Jihomoravský Znojmo Šatov 1 113
10%
Pardubický Chrudim Seč 1 753
10%
Pardubický Vysoké Mýto Seč 162
10%
Plzeňský Blovice Seč 310
10%
Jihočeský Blatná Sedlice 1 242
10%
Středočeský Příbram Sedlice 269
10%
Vysočina Humpolec Sedlice 141
10%
Středočeský Rakovník Senec 260
10%
Jihomoravský Ivančice Senorady 392
10%
Jihočeský Milevsko Sepekov 1 350
10%
Královéhradecký Jaroměř Šestajovice 174
10%
Středočeský Brandýs n. Lab.-St.Boleslav Šestajovice 3 988
10%
Pardubický Pardubice Sezemice 4 039
10%
Středočeský Mnichovo Hradiště Sezemice 132
10%
Jihočeský Soběslav Skalice 501
10%
Jihomoravský Moravský Krumlov Skalice 515
10%
Královéhradecký Hradec Králové Skalice 662
10%
Jihomoravský Tišnov Skalička 160
10%
Olomoucký Hranice Skalička 654
10%
Pardubický Vysoké Mýto Skořenice 407
10%
Jihomoravský Kyjov Skoronice 534
10%
Pardubický Chrudim Skuteč 5 059
10%
Jihočeský Dačice Slavonice 2 343
10%
Ústecký Rumburk Šluknov 5 727
10%
Zlínský Vizovice Slušovice 2 959
10%
Královéhradecký Hradec Králové Smiřice 2 927
10%
Vysočina Třebíč Smrk 270
10%
Plzeňský Sušice Soběšice 391
10%
Olomoucký Šumperk Sobotín 1 142
10%
Vysočina Nové Město na Moravě Spělkov 36
10%
Zlínský Otrokovice Spytihněv 1 694
10%
Středočeský Beroun Srbsko 562
10%
Pardubický Pardubice Srch 1 659
10%
Pardubický Pardubice Srnojedy 777
10%
Pardubický Vysoké Mýto Sruby 594
10%
Jihočeský Vimperk Stachy 1 164
10%
Vysočina Telč Stará Říše 616
10%
Královéhradecký Jičín Staré Hrady 187
10%
Karlovarský Sokolov Staré Sedlo 832
10%
Plzeňský Tachov Staré Sedlo 255
10%
Moravskoslezský Frýdek-Místek Staříč 2 201
10%
Královéhradecký Nový Bydžov Starý Bydžov 415
10%
Plzeňský Plzeň Starý Plzenec 5 171
10%
Středočeský Lysá nad Labem Starý Vestec 184
10%
Pardubický Pardubice Stéblová 272
10%
Jihočeský Strakonice Štěkeň 822
10%
Moravskoslezský Kravaře Štěpánkovice 3 241
10%
Jihočeský České Budějovice Štěpánovice 943
10%
Jihomoravský Tišnov Štěpánovice 500
10%
Moravskoslezský Kopřivnice Štramberk 3 464
10%
Středočeský Mělník Stránka 204
10%
Karlovarský Ostrov Stráž nad Ohří 604
10%
Plzeňský Klatovy Strážov 1 424
10%
Jihomoravský Kyjov Strážovice 599
10%
Středočeský Černošice Středokluky 1 231
10%
Zlínský Vsetín Střelná 573
10%
Jihočeský Strakonice Střelské Hoštice 907
10%
Jihočeský Jindřichův Hradec Strmilov 1 448
10%
Jihočeský Prachatice Strunkovice nad Blanicí 1 270
10%
Moravskoslezský Bílovec Studénka 9 466
10%
Jihomoravský Vyškov Studnice 496
10%
Královéhradecký Náchod Studnice 1 152
10%
Pardubický Hlinsko Studnice 460
10%
Vysočina Třebíč Studnice 132
10%
Zlínský Uherské Hradiště Stupava 153
10%
Jihočeský Třeboň Suchdol nad Lužnicí 3 548
10%
Jihomoravský Boskovice Suchý 451
10%
Jihomoravský Hodonín Sudoměřice 1 285
10%
Olomoucký Jeseník Supíkovice 669
10%
Ústecký Bílina Světec 1 026
10%
Jihočeský Soběslav Sviny 340
10%
Vysočina Velké Meziříčí Sviny 110
10%
Královéhradecký Trutnov Svoboda nad Úpou 2 057
10%
Královéhradecký Rychnov nad Kněžnou Synkov-Slemeno 429
10%
Pardubický Žamberk Těchonín 573
10%
Pardubický Polička Telecí 445
10%
Olomoucký Hranice Teplice nad Bečvou 387
10%
Moravskoslezský Havířov Těrlicko 4 707
10%
Středočeský Benešov Tisem 228
10%
Středočeský Neratovice Tišice 2 444
10%
Karlovarský Cheb Třebeň 413
10%
Ústecký Lovosice Třebenice 1 965
10%
Vysočina Třebíč Třebenice 452
10%
Ústecký Lovosice Třebívlice 839
10%
Moravskoslezský Kravaře Třebom 231
10%
Vysočina Třebíč Trnava 718
10%
Zlínský Vizovice Trnava 1 173
10%
Královéhradecký Dobruška Trnov 755
10%
Jihomoravský Šlapanice Troubsko 2 362
10%
Středočeský Kladno Tuchlovice 2 689
10%
Středočeský Čáslav Tupadly 672
10%
Středočeský Mělník Tupadly 138
10%
Karlovarský Cheb Tuřany 148
10%
Středočeský Slaný Tuřany 621
10%
Jihomoravský Šlapanice Tvarožná 1 326
10%
Středočeský Benešov Týnec nad Sázavou 5 699
10%
Olomoucký Jeseník Uhelná 479
10%
Pardubický Holice Uhersko 350
10%
Pardubický Přelouč Újezd u Přelouče 228
10%
Královéhradecký Jičín Úlibice 310
10%
Královéhradecký Trutnov Úpice 5 622
10%
Pardubický Moravská Třebová Útěchov 337
10%
Plzeňský Nýřany Úterý 463
10%
Moravskoslezský Krnov Úvalno 1 019
10%
Moravskoslezský Bruntál Václavov u Bruntálu 476
10%
Zlínský Rožnov pod Radhoštěm Valašská Bystřice 2 233
10%
Zlínský Vsetín Valašská Polanka 1 457
10%
Karlovarský Karlovy Vary Valeč 362
10%
Vysočina Třebíč Valeč 823
10%
Karlovarský Mariánské Lázně Valy 472
10%
Pardubický Přelouč Valy 495
10%
Jihomoravský Šlapanice Velatice 754
10%
Zlínský Uherské Hradiště Velehrad 1 153
10%
Jihočeský Kaplice Velešín 3 878
10%
Jihomoravský Slavkov u Brna Velešovice 1 272
10%
Zlínský Uherský Brod Veletiny 524
10%
Středočeský Kolín Velim 2 232
10%
Jihomoravský Veselí nad Moravou Velká nad Veličkou 2 892
10%
Liberecký Tanvald Velké Hamry 2 694
10%
Moravskoslezský Opava Velké Hoštice 1 863
10%
Zlínský Vsetín Velké Karlovice 2 366
10%
Olomoucký Šumperk Velké Losiny 2 552
10%
Jihomoravský Hustopeče Velké Pavlovice 3 118
10%
Vysočina Jihlava Velký Beranov 1 280
10%
Olomoucký Olomouc Velký Újezd 1 355
10%
Královéhradecký Dvůr Králové nad Labem Velký Vřešťov 231
10%
Moravskoslezský Třinec Vendryně 4 538
10%
Vysočina Žďár nad Sázavou Vepřová 429
10%
Pardubický Žamberk Verměřovice 758
10%
Moravskoslezský Frenštát pod Radhoštěm Veřovice 1 987
10%
Ústecký Děčín Veselé 356
10%
Vysočina Havlíčkův Brod Věž 824
10%
Olomoucký Přerov Věžky 206
10%
Zlínský Kroměříž Věžky 423
10%
Olomoucký Litovel Vilémov 432
10%
Ústecký Kadaň Vilémov 593
10%
Ústecký Rumburk Vilémov 878
10%
Vysočina Chotěboř Vilémov 969
10%
Jihomoravský Blansko Vilémovice 324
10%
Vysočina Světlá nad Sázavou Vilémovice 270
10%
Plzeňský Přeštice Vlčí 78
10%
Pardubický Hlinsko Vojtěchov 410
10%
Jihočeský Vimperk Vrbice 63
10%
Jihomoravský Hustopeče Vrbice 1 063
10%
Karlovarský Karlovy Vary Vrbice 193
10%
Královéhradecký Jičín Vrbice 163
10%
Královéhradecký Kostelec nad Orlicí Vrbice 150
10%
Středočeský Poděbrady Vrbice 182
10%
Ústecký Roudnice nad Labem Vrbice 535
10%
Moravskoslezský Bruntál Vrbno pod Pradědem 4 944
10%
Jihomoravský Znojmo Vrbovec 1 191
10%
Středočeský Votice Vrchotovy Janovice 1 011
10%
Liberecký Turnov Všeň 609
10%
Středočeský Černošice Všenory 1 710
10%
Jihomoravský Blansko Vysočany 783
10%
Jihomoravský Znojmo Vysočany 98
10%
Pardubický Holice Vysoké Chvojno 418
10%
Liberecký Semily Vysoké nad Jizerou 1 289
10%
Královéhradecký Jičín Vysoké Veselí 866
10%
Královéhradecký Náchod Vysokov 513
10%
Královéhradecký Trutnov Žacléř 3 126
10%
Jihočeský Jindřichův Hradec Zahrádky 259
10%
Liberecký Česká Lípa Zahrádky 710
10%
Královéhradecký Rychnov nad Kněžnou Záměl 612
10%
Pardubický Vysoké Mýto Zámrsk 742
10%
Jihočeský Trhové Sviny Žár 352
10%
Liberecký Železný Brod Zásada 902
10%
Zlínský Valašské Meziříčí Zašová 3 045
10%
Jihomoravský Rosice Zastávka 2 528
10%
Moravskoslezský Krnov Zátor 1 171
10%
Plzeňský Rokycany Zbiroh 2 508
10%
Zlínský Kroměříž Zborovice 1 461
10%
Jihomoravský Kyjov Ždánice 2 499
10%
Středočeský Kolín Ždánice 351
10%
Vysočina Bystřice nad Pernštejnem Ždánice 237
10%
Jihomoravský Tišnov Žďárec 368
10%
Liberecký Turnov Žďárek 165
10%
Olomoucký Prostějov Zdětín 370
10%
Středočeský Mladá Boleslav Zdětín 615
10%
Královéhradecký Rychnov nad Kněžnou Zdobnice 199
10%
Olomoucký Přerov Želatovice 545
10%
Jihočeský Tábor Želeč 1 002
10%
Olomoucký Prostějov Želeč 572
10%
Jihomoravský Kyjov Želetice 511
10%
Jihomoravský Znojmo Želetice 282
10%
Středočeský Mělník Želízy 506
10%
Pardubický Pardubice Živanice 988
10%
Jihočeský Český Krumlov Zlatá Koruna 796
10%
Středočeský Slaný Zlonice 2 258
10%
Karlovarský Karlovy Vary Žlutice 2 249
10%
Jihočeský Písek Zvíkovské Podhradí 203
10%
Jihočeský Písek Albrechtice nad Vltavou 946
5%
Liberecký Tanvald Albrechtice v Jizerských horách 350
5%
Karlovarský Karlovy Vary Andělská Hora 376
5%
Moravskoslezský Bruntál Andělská Hora 375
5%
Královéhradecký Dobruška Bačetín 390
5%
Zlínský Uherský Brod Bánov 2 137
5%
Jihočeský Dačice Báňovice 109
5%
Královéhradecký Nový Bydžov Barchov 309
5%
Pardubický Pardubice Barchov 273
5%
Moravskoslezský Nový Jičín Bartošovice 1 735
5%
Vysočina Jihlava Batelov 2 368
5%
Jihomoravský Mikulov Bavory 411
5%
Středočeský Rakovník Bdín 71
5%
Ústecký Roudnice nad Labem Bechlín 1 283
5%
Jihočeský Tábor Běleč 199
5%
Jihomoravský Tišnov Běleč 189
5%
Středočeský Kladno Běleč 307
5%
Královéhradecký Hradec Králové Běleč nad Orlicí 382
5%
Olomoucký Olomouc Bělkovice-Lašťany 2 274
5%
Jihočeský Milevsko Bernartice 1 326
5%
Královéhradecký Trutnov Bernartice 935
5%
Olomoucký Jeseník Bernartice 871
5%
Středočeský Vlašim Bernartice 229
5%
Pardubický Pardubice Bezděkov 317
5%
Plzeňský Klatovy Bezděkov 949
5%
Plzeňský Rokycany Bezděkov 146
5%
Vysočina Chotěboř Bezděkov 245
5%
Středočeský Mladá Boleslav Bezno 959
5%
Jihočeský Vodňany Bílsko 202
5%
Olomoucký Litovel Bílsko 231
5%
Liberecký Frýdlant Bílý Potok 704
5%
Jihomoravský Ivančice Biskoupky 187
5%
Olomoucký Prostějov Biskupice 302
5%
Pardubický Chrudim Biskupice 86
5%
Pardubický Moravská Třebová Biskupice 485
5%
Zlínský Luhačovice Biskupice 697
5%
Jihomoravský Znojmo Bítov 145
5%
Moravskoslezský Bílovec Bítov 448
5%
Liberecký Česká Lípa Blatce 110
5%
Olomoucký Olomouc Blatec 644
5%
Jihomoravský Veselí nad Moravou Blatnice pod Svatým Antonínkem 2 013
5%
Jihomoravský Veselí nad Moravou Blatnička 423
5%
Ústecký Chomutov Blatno 559
5%
Ústecký Podbořany Blatno 507
5%
Zlínský Bystřice pod Hostýnem Blazice 200
5%
Královéhradecký Hradec Králové Blešno 445
5%
Liberecký Česká Lípa Blíževedly 605
5%
Ústecký Louny Blšany u Loun 376
5%
Vysočina Žďár nad Sázavou Bohdalov 1 166
5%
Ústecký Litoměřice Bohušovice nad Ohří 2 486
5%
Zlínský Uherský Brod Bojkovice 4 369
5%
Jihomoravský Tišnov Borač 345
5%
Jihočeský Vimperk Borová Lada 268
5%
Královéhradecký Dvůr Králové nad Labem Borovnička 178
5%
Jihomoravský Tišnov Borovník 100
5%
Pardubický Chrudim Bor u Skutče 137
5%
Středočeský Mnichovo Hradiště Boseň 511
5%
Jihočeský České Budějovice Bošilec 206
5%
Pardubický Vysoké Mýto Bošín 97
5%
Pardubický Chrudim Bousov 213
5%
Karlovarský Ostrov Boží Dar 251
5%
Liberecký Semily Bozkov 588
5%
Středočeský Kladno Brandýsek 2 063
5%
Jihomoravský Bučovice Brankovice 914
5%
Středočeský Rakovník Branov 200
5%
Středočeský Mnichovo Hradiště Branžež 238
5%
Plzeňský Rokycany Břasy 2 306
5%
Středočeský Brandýs n. Lab.-St.Boleslav Brázdim 685
5%
Jihočeský České Budějovice Břehov 178
5%
Pardubický Přelouč Břehy 1 062
5%
Jihomoravský Znojmo Břežany 797
5%
Plzeňský Horažďovice Břežany 186
5%
Středočeský Rakovník Břežany 130
5%
Středočeský Černošice Březová-Oleško 1 296
5%
Středočeský Mladá Boleslav Březovice 340
5%
Olomoucký Zábřeh Brníčko 659
5%
Středočeský Mladá Boleslav Brodce 1 066
5%
Ústecký Louny Brodec 82
5%
Olomoucký Konice Brodek u Konice 809
5%
Jihomoravský Blansko Brťov-Jeneč 359
5%
Jihomoravský Hustopeče Brumovice 1 022
5%
Moravskoslezský Opava Brumovice 1 511
5%
Zlínský Bystřice pod Hostýnem Brusné 357
5%
Ústecký Louny Břvany 317
5%
Plzeňský Nýřany Bučí 172
5%
Pardubický Vysoké Mýto Bučina 266
5%
Moravskoslezský Jablunkov Bukovec 1 374
5%
Plzeňský Stod Bukovec 122
5%
Pardubický Pardubice Bukovina nad Labem 226
5%
Jihomoravský Blansko Bukovinka 597
5%
Pardubický Pardubice Bukovka 396
5%
Středočeský Mladá Boleslav Bukovno 756
5%
Královéhradecký Jičín Bukvice 163
5%
Středočeský Kladno Buštěhrad 3 638
5%
Královéhradecký Jičín Butoves 280
5%
Ústecký Litoměřice Býčkovice 307
5%
Jihomoravský Blansko Býkovice 242
5%
Středočeský Mělník Byšice 1 383
5%
Ústecký Teplice Bystřany 1 871
5%
Jihomoravský Kyjov Bzenec 4 442
5%
Jihočeský České Budějovice Čakov 303
5%
Středočeský Benešov Čakov 129
5%
Moravskoslezský Krnov Čaková 316
5%
Pardubický Chrudim Čankovice 326
5%
Plzeňský Tachov Částkov 340
5%
Zlínský Uherské Hradiště Částkov 380
5%
Moravskoslezský Ostrava Čavisov 505
5%
Jihočeský České Budějovice Čejkovice 388
5%
Jihomoravský Hodonín Čejkovice 2 420
5%
Jihomoravský Znojmo Čejkovice 226
5%
Středočeský Čáslav Čejkovice 29
5%
Olomoucký Přerov Čelechovice 123
5%
Olomoucký Prostějov Čelechovice na Hané 1 326
5%
Jihomoravský Kyjov Čeložnice 405
5%
Středočeský Příbram Čenkov 380
5%
Pardubický Lanškroun Čenkovice 190
5%
Pardubický Pardubice Čeperka 1 183
5%
Pardubický Litomyšl Cerekvice nad Loučnou 866
5%
Středočeský Hořovice Cerhovice 1 159
5%
Královéhradecký Vrchlabí Čermná 400
5%
Plzeňský Horšovský Týn Čermná 259
5%
Pardubický Pardubice Černá u Bohdanče 651
5%
Královéhradecký Nové Město nad Metují Černčice 483
5%
Ústecký Louny Černčice 1 352
5%
Vysočina Telč Černíč 121
5%
Plzeňský Klatovy Černíkov 368
5%
Královéhradecký Rychnov nad Kněžnou Černíkovice 808
5%
Plzeňský Kralovice Černíkovice 87
5%
Olomoucký Hranice Černotín 777
5%
Liberecký Frýdlant Černousy 316
5%
Vysočina Pelhřimov Černov 125
5%
Jihomoravský Boskovice Černovice 385
5%
Plzeňský Nýřany Čerňovice 213
5%
Plzeňský Stod Černovice 143
5%
Ústecký Chomutov Černovice 647
5%
Vysočina Pelhřimov Černovice 1 761
5%
Středočeský Slaný Černuc 942
5%
Královéhradecký Vrchlabí Černý Důl 697
5%
Středočeský Černošice Červený Újezd 1 474
5%
Středočeský Votice Červený Újezd 349
5%
Královéhradecký Náchod Česká Čermná 524
5%
Královéhradecký Náchod Česká Metuje 289
5%
Královéhradecký Dobruška České Meziříčí 1 962
5%
Jihočeský Třeboň České Velenice 3 522
5%
Jihočeský Dačice Český Rudolec 919
5%
Středočeský Benešov Český Šternberk 175
5%
Plzeňský Horažďovice Chanovice 745
5%
Olomoucký Olomouc Charváty 896
5%
Plzeňský Tachov Chodová Planá 1 879
5%
Středočeský Mělník Chorušice 562
5%
Královéhradecký Jičín Choteč 207
5%
Pardubický Pardubice Choteč 354
5%
Středočeský Černošice Choteč 377
5%
Středočeský Mladá Boleslav Chotětov 1 356
5%
Ústecký Lovosice Chotiměř 288
5%
Jihočeský Týn nad Vltavou Chrášťany 733
5%
Středočeský Benešov Chrášťany 229
5%
Středočeský Černošice Chrášťany 1 002
5%
Středočeský Český Brod Chrášťany 707
5%
Středočeský Rakovník Chrášťany 660
5%
Ústecký Varnsdorf Chřibská 1 356
5%
Plzeňský Kralovice Chříč 234
5%
Liberecký Semily Chuchelna 1 001
5%
Moravskoslezský Kravaře Chuchelná 1 270
5%
Jihomoravský Kuřim Chudčice 996
5%
Jihomoravský Znojmo Chvalatice 107
5%
Pardubický Přelouč Chvaletice 2 934
5%
Jihomoravský Bučovice Chvalkovice 252
5%
Královéhradecký Jaroměř Chvalkovice 775
5%
Středočeský Černošice Chýně 4 114
5%
Karlovarský Karlovy Vary Chyše 608
5%
Pardubický Pardubice Chýšť 212
5%
Vysočina Světlá nad Sázavou Číhošť 337
5%
Jihočeský Jindřichův Hradec Číměř 712
5%
Vysočina Třebíč Číměř 207
5%
Plzeňský Sušice Čímice 187
5%
Středočeský Černošice Čisovice 1 098
5%
Jihočeský Vimperk Čkyně 1 616
5%
Vysočina Bystřice nad Pernštejnem Dalečín 650
5%
Středočeský Dobříš Daleké Dušníky 418
5%
Vysočina Nové Město na Moravě Daňkovice 152
5%
Jihomoravský Tišnov Deblín 1 077
5%
Moravskoslezský Hlučín Děhylov 762
5%
Plzeňský Klatovy Dešenice 712
5%
Královéhradecký Jičín Dětenice 716
5%
Liberecký Frýdlant Dětřichov 718
5%
Pardubický Svitavy Dětřichov 348
5%
Moravskoslezský Bruntál Dětřichov nad Bystřicí 418
5%
Jihočeský Tábor Dlouhá Lhota 159
5%
Jihomoravský Blansko Dlouhá Lhota 132
5%
Středočeský Mladá Boleslav Dlouhá Lhota 457
5%
Středočeský Příbram Dlouhá Lhota 431
5%
Pardubický Žamberk Dlouhoňovice 836
5%
Liberecký Liberec Dlouhý Most 916
5%
Vysočina Pelhřimov Dobrá Voda 203
5%
Vysočina Velké Meziříčí Dobrá Voda 384
5%
Jihočeský České Budějovice Dobrá Voda u Českých Budějovic 2 656
5%
Královéhradecký Dobruška Dobré 862
5%
Plzeňský Rokycany Dobřív 1 323
5%
Olomoucký Prostějov Dobrochov 346
5%
Královéhradecký Hradec Králové Dohalice 457
5%
Ústecký Roudnice nad Labem Doksany 443
5%
Jihomoravský Hodonín Dolní Bojanovice 3 017
5%
Středočeský Mladá Boleslav Dolní Bousov 2 814
5%
Vysočina Jihlava Dolní Cerekev 1 270
5%
Pardubický Lanškroun Dolní Čermná 1 334
5%
Jihomoravský Mikulov Dolní Dunajovice 1 690
5%
Královéhradecký Vrchlabí Dolní Kalná 687
5%
Vysočina Světlá nad Sázavou Dolní Město 919
5%
Pardubický Králíky Dolní Morava 418
5%
Ústecký Rumburk Dolní Poustevna 1 727
5%
Pardubický Holice Dolní Ředice 977
5%
Vysočina Bystřice nad Pernštejnem Dolní Rožínka 597
5%
Středočeský Mladá Boleslav Dolní Slivno 344
5%
Středočeský Mladá Boleslav Dolní Stakory 318
5%
Olomoucký Lipník nad Bečvou Dolní Újezd 1 210
5%
Pardubický Litomyšl Dolní Újezd 1 961
5%
Jihomoravský Mikulov Dolní Věstonice 304
5%
Jihomoravský Rosice Domašov 670
5%
Olomoucký Šternberk Domašov nad Bystřicí 482
5%
Olomoucký Přerov Domaželice 551
5%
Středočeský Mladá Boleslav Domousnice 271
5%
Vysočina Telč Doupě 101
5%
Jihočeský Týn nad Vltavou Dražíč 258
5%
Jihočeský Tábor Dražice 819
5%
Jihočeský Strakonice Drážov 238
5%
Jihomoravský Bučovice Dražovice 955
5%
Plzeňský Sušice Dražovice 162
5%
Pardubický Chrudim Dřenice 406
5%
Karlovarský Mariánské Lázně Drmoul 1 013
5%
Ústecký Chomutov Droužkovice 850
5%
Liberecký Železný Brod Držkov 586
5%
Zlínský Zlín Držková 357
5%
Pardubický Pardubice Dubany 288
5%
Královéhradecký Dvůr Králové nad Labem Dubenec 663
5%
Středočeský Příbram Dubenec 372
5%
Středočeský Příbram Dubno 332
5%
Ústecký Roudnice nad Labem Dušníky 446
5%
Jihočeský Prachatice Dvory 97
5%
Středočeský Nymburk Dvory 570
5%
Jihomoravský Znojmo Dyjákovice 848
5%
Plzeňský Rokycany Ejpovice 687
5%
Plzeňský Stříbro Erpužice 345
5%
Středočeský Hořovice Felbabka 290
5%
Zlínský Vsetín Francova Lhota 1 516
5%
Moravskoslezský Frýdek-Místek Fryčovice 2 459
5%
Liberecký Jablonec nad Nisou Frýdštejn 848
5%
Vysočina Nové Město na Moravě Fryšava pod Žákovou horou 325
5%
Královéhradecký Hradec Králové Habřina 324
5%
Jihomoravský Vyškov Habrovany 879
5%
Ústecký Ústí nad Labem Habrovany 217
5%
Moravskoslezský Opava Háj ve Slezsku 3 247
5%
Jihočeský Třeboň Halámky 192
5%
Zlínský Vsetín Halenkov 2 399
5%
Zlínský Otrokovice Halenkovice 1 993
5%
Pardubický Hlinsko Hamry 222
5%
Plzeňský Klatovy Hamry 121
5%
Moravskoslezský Hlučín Hať 2 521
5%
Pardubický Žamberk Helvíkovice 517
5%
Vysočina Havlíčkův Brod Herálec 1 094
5%
Vysočina Žďár nad Sázavou Herálec 1 343
5%
Ústecký Děčín Heřmanov 475
5%
Vysočina Velké Meziříčí Heřmanov 222
5%
Plzeňský Nýřany Heřmanova Huť 1 813
5%
Jihomoravský Tišnov Heroltice 213
5%
Jihomoravský Slavkov u Brna Heršpice 861
5%
Středočeský Beroun Hlásná Třebaň 1 134
5%
Olomoucký Šternberk Hlásnice 228
5%
Plzeňský Sušice Hlavňovice 486
5%
Jihočeský České Budějovice Hlincová Hora 439
5%
Jihomoravský Břeclav Hlohovec 1 307
5%
Jihomoravský Vyškov Hlubočany 515
5%
Vysočina Náměšť nad Oslavou Hluboké 206
5%
Středočeský Příbram Hluboš 629
5%
Vysočina Světlá nad Sázavou Hněvkovice 614
5%
Jihomoravský Slavkov u Brna Hodějice 1 061
5%
Liberecký Liberec Hodkovice nad Mohelkou 2 967
5%
Moravskoslezský Nový Jičín Hodslavice 1 738
5%
Liberecký Česká Lípa Holany 517
5%
Jihomoravský Židlochovice Holasice 1 261
5%
Královéhradecký Jičín Holín 606
5%
Pardubický Chrudim Honbice 163
5%
Středočeský Slaný Hořešovice 259
5%
Královéhradecký Náchod Hořičky 579
5%
Středočeský Mělník Hořín 859
5%
Středočeský Mladá Boleslav Horky nad Jizerou 598
5%
Ústecký Roudnice nad Labem Horní Beřkovice 952
5%
Pardubický Chrudim Horní Bradlo 425
5%
Plzeňský Nýřany Horní Bříza 4 136
5%
Vysočina Pelhřimov Horní Cerekev 1 836
5%
Pardubický Lanškroun Horní Čermná 1 010
5%
Ústecký Litvínov Horní Jiřetín 2 242
5%
Jihomoravský Moravský Krumlov Horní Kounice 294
5%
Zlínský Holešov Horní Lapač 273
5%
Liberecký Česká Lípa Horní Libchava 809
5%
Zlínský Vsetín Horní Lideč 1 347
5%
Moravskoslezský Rýmařov Horní Město 823
5%
Pardubický Holice Horní Ředice 1 051
5%
Středočeský Mladá Boleslav Horní Slivno 327
5%
Jihočeský Trhové Sviny Horní Stropnice 1 509
5%
Pardubický Lanškroun Horní Třešňovec 639
5%
Olomoucký Hranice Horní Újezd 435
5%
Pardubický Litomyšl Horní Újezd 403
5%
Vysočina Třebíč Horní Újezd 266
5%
Jihomoravský Mikulov Horní Věstonice 491
5%
Jihočeský Vimperk Horní Vltavice 356
5%
Středočeský Brandýs n. Lab.-St.Boleslav Horoušany 1 554
5%
Středočeský Rakovník Hořovičky 466
5%
Plzeňský Sušice Horská Kvilda 61
5%
Karlovarský Karlovy Vary Hory 338
5%
Moravskoslezský Nový Jičín Hostašovice 781
5%
Jihomoravský Šlapanice Hostěnice 803
5%
Jihomoravský Vyškov Hoštice-Heroltice 624
5%
Středočeský Černošice Hostivice 8 917
5%
Plzeňský Tachov Hošťka 451
5%
Ústecký Litoměřice Hoštka 1 744
5%
Olomoucký Zábřeh Hrabová 657
5%
Moravskoslezský Opava Hrabyně 1 168
5%
Pardubický Svitavy Hradec nad Svitavou 1 723
5%
Středočeský Černošice Hradištko 2 250
5%
Středočeský Nymburk Hradištko 704
5%
Jihočeský České Budějovice Hrdějovice 1 558
5%
Středočeský Mladá Boleslav Hrdlořezy 722
5%
Pardubický Pardubice Hrobice 227
5%
Zlínský Vizovice Hrobice 465
5%
Plzeňský Nýřany Hromnice 1 266
5%
Liberecký Turnov Hrubá Skála 611
5%
Středočeský Mladá Boleslav Husí Lhota 158
5%
Zlínský Vsetín Huslenky 2 194
5%
Zlínský Uherské Hradiště Huštěnovice 975
5%
Olomoucký Hranice Hustopeče nad Bečvou 1 767
5%
Zlínský Rožnov pod Radhoštěm Hutisko-Solanec 2 038
5%
Středočeský Příbram Jablonná 406
5%
Vysočina Velké Meziříčí Jabloňov 340
5%
Zlínský Vsetín Jablůnka 2 048
5%
Moravskoslezský Odry Jakubčovice nad Odrou 644
5%
Olomoucký Šumperk Jakubovice 218
5%
Vysočina Jihlava Jamné 567
5%
Pardubický Žamberk Jamné nad Orlicí 701
5%
Jihočeský České Budějovice Jankov 383
5%
Středočeský Votice Jankov 914
5%
Vysočina Pelhřimov Jankov 41
5%
Královéhradecký Rychnov nad Kněžnou Javornice 1 074
5%
Olomoucký Zábřeh Jedlí 678
5%
Pardubický Polička Jedlová 1 021
5%
Pardubický Ústí nad Orlicí Jehnědí 338
5%
Středočeský Slaný Jemníky 277
5%
Pardubický Hlinsko Jeníkov 454
5%
Ústecký Teplice Jeníkov 884
5%
Liberecký Liberec Jeřmanice 569
5%
Moravskoslezský Nový Jičín Jeseník nad Odrou 1 939
5%
Jihočeský Milevsko Jetětice 324
5%
Královéhradecký Broumov Jetřichov 461
5%
Ústecký Děčín Jetřichovice 404
5%
Středočeský Říčany Jevany 819
5%
Pardubický Pardubice Jezbořice 379
5%
Královéhradecký Jičín Jičíněves 613
5%
Jihočeský Trhové Sviny Jílovice 1 024
5%
Královéhradecký Hradec Králové Jílovice 313
5%
Vysočina Nové Město na Moravě Jimramov 1 157
5%
Jihomoravský Kuřim Jinačovice 773
5%
Liberecký Frýdlant Jindřichovice pod Smrkem 638
5%
Liberecký Tanvald Jiřetín pod Bukovou 445
5%
Ústecký Varnsdorf Jiřetín pod Jedlovou 681
5%
Jihomoravský Šlapanice Jiříkovice 929
5%
Jihočeský Tábor Jistebnice 2 048
5%
Olomoucký Šternberk Jívová 590
5%
Středočeský Mladá Boleslav Jizerní Vtelno 341
5%
Liberecký Turnov Kacanovy 208
5%
Středočeský Kutná Hora Kácov 799
5%
Plzeňský Rokycany Kakejcov 101
5%
Jihočeský Trhové Sviny Kamenná 304
5%
Olomoucký Zábřeh Kamenná 499
5%
Vysočina Jihlava Kamenná 187
5%
Vysočina Třebíč Kamenná 210
5%
Pardubický Svitavy Kamenná Horka 328
5%
Jihočeský České Budějovice Kamenný Újezd 2 486
5%
Plzeňský Rokycany Kamenný Újezd 859
5%
Plzeňský Rokycany Kařízek 51
5%
Jihočeský Soběslav Katov 76
5%
Jihomoravský Tišnov Katov 267
5%
Jihočeský Strakonice Katovice 1 338
5%
Plzeňský Kralovice Kaznějov 3 050
5%
Plzeňský Přeštice Kbel 302
5%
Středočeský Kolín Kbel 213
5%
Královéhradecký Jičín Kbelnice 226
5%
Zlínský Zlín Kelníky 152
5%
Jihočeský Třeboň Klec 168
5%
Středočeský Brandýs n. Lab.-St.Boleslav Klecany 3 671
5%
Plzeňský Domažlice Klenčí pod Čerchovem 1 351
5%
Jihomoravský Mikulov Klentnice 510
5%
Pardubický Chrudim Klešice 403
5%
Středočeský Slaný Klobuky 1 028
5%
Jihočeský Písek Kluky 629
5%
Středočeský Čáslav Kluky 523
5%
Středočeský Mladá Boleslav Kluky 75
5%
Pardubický Chrudim Kněžice 143
5%
Středočeský Poděbrady Kněžice 519
5%
Vysočina Jihlava Kněžice 1 363
5%
Středočeský Mnichovo Hradiště Kněžmost 2 183
5%
Jihomoravský Slavkov u Brna Kobeřice u Brna 723
5%
Liberecký Železný Brod Koberovy 1 023
5%
Liberecký Turnov Kobyly 376
5%
Středočeský Mladá Boleslav Kochánky 458
5%
Středočeský Neratovice Kojetice 831
5%
Vysočina Třebíč Kojetice 450
5%
Olomoucký Přerov Kojetín 5 962
5%
Vysočina Havlíčkův Brod Kojetín 162
5%
Pardubický Přelouč Kojice 433
5%
Olomoucký Přerov Kokory 1 143
5%
Středočeský Poděbrady Kolaje 91
5%
Středočeský Kladno Koleč 568
5%
Zlínský Uherský Brod Komňa 560
5%
Jihomoravský Vyškov Komořany 740
5%
Moravskoslezský Třinec Komorní Lhotka 1 434
5%
Středočeský Kolín Konárovice 984
5%
Královéhradecký Jičín Konecchlumí 407
5%
Středočeský Brandýs n. Lab.-St.Boleslav Konětopy 318
5%
Středočeský Říčany Konojedy 280
5%
Plzeňský Stříbro Konstantinovy Lázně 920
5%
Středočeský Mladá Boleslav Košátky 226
5%
Vysočina Pelhřimov Košetice 709
5%
Středočeský Mladá Boleslav Kosmonosy 5 176
5%
Středočeský Černošice Kosoř 890
5%
Pardubický Vysoké Mýto Kosořín 175
5%
Liberecký Semily Košťálov 1 648
5%
Královéhradecký Kostelec nad Orlicí Kostelecké Horky 151
5%
Středočeský Říčany Kostelec nad Černými lesy 3 804
5%
Středočeský Neratovice Kostelec nad Labem 4 224
5%
Středočeský Brandýs n. Lab.-St.Boleslav Kostelní Hlavno 503
5%
Jihočeský Dačice Kostelní Vydří 156
5%
Jihomoravský Břeclav Kostice 1 909
5%
Ústecký Louny Koštice 585
5%
Jihomoravský Šlapanice Kovalovice 657
5%
Středočeský Mladá Boleslav Kovanec 117
5%
Jihočeský Milevsko Kovářov 1 465
5%
Jihomoravský Boskovice Kozárov 120
5%
Jihomoravský Vyškov Kozlany 368
5%
Plzeňský Kralovice Kožlany 1 465
5%
Vysočina Třebíč Kozlany 137
5%
Moravskoslezský Hlučín Kozmice 1 908
5%
Středočeský Benešov Kozmice 347
5%
Vysočina Telč Krahulčí 611
5%
Královéhradecký Trutnov Královec 186
5%
Karlovarský Sokolov Královské Poříčí 777
5%
Vysočina Havlíčkův Brod Krásná Hora 518
5%
Středočeský Mladá Boleslav Krásná Ves 197
5%
Moravskoslezský Krnov Krasov 357
5%
Vysočina Havlíčkův Brod Krátká Ves 134
5%
Jihočeský Český Krumlov Křemže 2 931
5%
Pardubický Pardubice Křičeň 238
5%
Ústecký Chomutov Křimov 421
5%
Vysočina Nové Město na Moravě Křižánky 397
5%
Jihomoravský Bučovice Křižanovice 797
5%
Pardubický Chrudim Křižanovice 121
5%
Středočeský Mladá Boleslav Krnsko 572
5%
Jihomoravský Blansko Křtiny 838
5%
Vysočina Chotěboř Krucemburk 1 601
5%
Liberecký Jilemnice Kruh 488
5%
Olomoucký Prostějov Krumsín 589
5%
Ústecký Teplice Krupka 12 547
5%
Středočeský Rakovník Krušovice 620
5%
Liberecký Turnov Ktová 201
5%
Jihočeský Vimperk Kubova Huť 96
5%
Pardubický Svitavy Kukle 85
5%
Královéhradecký Vrchlabí Kunčice nad Labem 563
5%
Pardubický Pardubice Kunětice 340
5%
Moravskoslezský Nový Jičín Kunín 1 849
5%
Středočeský Vlašim Kuňovice 92
5%
Zlínský Uherské Hradiště Kunovice 5 516
5%
Zlínský Valašské Meziříčí Kunovice 644
5%
Středočeský Brandýs n. Lab.-St.Boleslav Květnice 1 802
5%
Jihočeský Vimperk Kvilda 143
5%
Jihomoravský Znojmo Kyjovice 144
5%
Moravskoslezský Opava Kyjovice 872
5%
Karlovarský Sokolov Kynšperk nad Ohří 4 739
5%
Plzeňský Plzeň Kyšice 1 083
5%
Středočeský Kladno Kyšice 627
5%
Středočeský Černošice Kytín 544
5%
Ústecký Děčín Kytlice 488
5%
Jihomoravský Břeclav Ladná 1 254
5%
Královéhradecký Vrchlabí Lánov 1 816
5%
Karlovarský Mariánské Lázně Lázně Kynžvart 1 427
5%
Zlínský Holešov Lechotice 417
5%
Jihomoravský Znojmo Lechovice 565
5%
Jihomoravský Židlochovice Ledce 218
5%
Královéhradecký Hradec Králové Ledce 355
5%
Plzeňský Nýřany Ledce 840
5%
Středočeský Mladá Boleslav Ledce 384
5%
Středočeský Slaný Ledce 469
5%
Ústecký Bílina Ledvice 552
5%
Jihomoravský Kuřim Lelekovice 1 915
5%
Zlínský Vsetín Leskovec 654
5%
Moravskoslezský Bruntál Leskovec nad Moravicí 422
5%
Jihomoravský Znojmo Lesná 257
5%
Plzeňský Tachov Lesná 472
5%
Vysočina Moravské Budějovice Lesná 93
5%
Vysočina Pacov Lesná 67
5%
Zlínský Valašské Meziříčí Lešná 2 038
5%
Olomoucký Zábřeh Lesnice 651
5%
Ústecký Litoměřice Levín 130
5%
Liberecký Jilemnice Levínská Olešnice 352
5%
Jihočeský Prachatice Lhenice 2 127
5%
Královéhradecký Hradec Králové Lhota pod Libčany 979
5%
Středočeský Mladá Boleslav Lhotky 165
5%
Královéhradecký Rychnov nad Kněžnou Lhoty u Potštejna 342
5%
Královéhradecký Jičín Libáň 1 951
5%
Královéhradecký Hradec Králové Libčany 899
5%
Středočeský Vlašim Libež 225
5%
Středočeský Brandýs n. Lab.-St.Boleslav Líbeznice 3 056
5%
Středočeský Poděbrady Libice nad Cidlinou 1 268
5%
Pardubický Chrudim Libkov 83
5%
Plzeňský Domažlice Libkov 115
5%
Středočeský Mělník Liblice 493
5%
Ústecký Lovosice Libochovice 3 507
5%
Královéhradecký Hradec Králové Librantice 584
5%
Královéhradecký Hradec Králové Libřice 304
5%
Liberecký Semily Libštát 954
5%
Královéhradecký Jičín Libuň 777
5%
Královéhradecký Rychnov nad Kněžnou Lično 648
5%
Zlínský Vsetín Lidečko 1 824
5%
Plzeňský Nýřany Líně 2 791
5%
Středočeský Kolín Lipec 194
5%
Jihočeský Prachatice Lipovice 204
5%
Vysočina Bystřice nad Pernštejnem Lísek 396
5%
Královéhradecký Hradec Králové Lišice 162
5%
Olomoucký Mohelnice Líšnice 397
5%
Pardubický Žamberk Líšnice 766
5%
Středočeský Černošice Líšnice 802
5%
Ústecký Most Lišnice 203
5%
Liberecký Železný Brod Líšný 269
5%
Jihočeský Strakonice Litochovice 271
5%
Moravskoslezský Opava Litultovice 927
5%
Karlovarský Sokolov Loket 3 079
5%
Středočeský Vlašim Loket 575
5%
Jihočeský Třeboň Lomnice nad Lužnicí 1 800
5%
Plzeňský Plzeň Losiná 1 366
5%
Olomoucký Mohelnice Loštice 2 959
5%
Liberecký Turnov Loučky 160
5%
Ústecký Kadaň Loučná pod Klínovcem 118
5%
Jihočeský Český Krumlov Loučovice 1 559
5%
Jihomoravský Kyjov Lovčice 831
5%
Královéhradecký Hradec Králové Lovčice 720
5%
Pardubický Chrudim Lozice 150
5%
Jihomoravský Blansko Lubě 99
5%
Ústecký Podbořany Lubenec 1 346
5%
Liberecký Jablonec nad Nisou Lučany nad Nisou 1 904
5%
Vysočina Havlíčkův Brod Lučice 639
5%
Moravskoslezský Hlučín Ludgeřovice 4 978
5%
Pardubický Lanškroun Luková 758
5%
Jihomoravský Rosice Lukovany 630
5%
Zlínský Zlín Lukoveček 473
5%
Královéhradecký Rychnov nad Kněžnou Lupenice 260
5%
Středočeský Mladá Boleslav Luštěnice 2 235
5%
Královéhradecký Hradec Králové Lužany 124
5%
Královéhradecký Jičín Lužany 587
5%
Plzeňský Přeštice Lužany 678
5%
Středočeský Kladno Makotřasy 493
5%
Jihomoravský Blansko Malá Lhota 158
5%
Olomoucký Šumperk Malá Morava 519
5%
Moravskoslezský Rýmařov Malá Morávka 644
5%
Moravskoslezský Rýmařov Malá Štáhle 130
5%
Ústecký Most Malé Březno 214
5%
Ústecký Ústí nad Labem Malé Březno 517
5%
Středočeský Kladno Malé Kyšice 526
5%
Ústecký Lovosice Malé Žernoseky 733
5%
Pardubický Moravská Třebová Malíkov 102
5%
Středočeský Beroun Málkov 108
5%
Ústecký Chomutov Málkov 940
5%
Jihočeský Kaplice Malonty 1 382
5%
Středočeský Mělník Malý Újezd 1 116
5%
Ústecký Litvínov Mariánské Radčice 484
5%
Liberecký Jilemnice Martinice v Krkonoších 611
5%
Královéhradecký Hradec Králové Máslojedy 219
5%
Vysočina Žďár nad Sázavou Matějov 202
5%
Středočeský Černošice Měchenice 835
5%
Středočeský Mělník Medonosy 144
5%
Moravskoslezský Vítkov Melč 627
5%
Středočeský Mělník Mělnické Vtelno 1 015
5%
Vysočina Velké Meziříčí Měřín 1 966
5%
Plzeňský Nýřany Město Touškov 2 180
5%
Jihočeský Strakonice Milejovice 71
5%
Středočeský Sedlčany Milešov 322
5%
Jihomoravský Slavkov u Brna Milešovice 680
5%
Karlovarský Cheb Milhostov 328
5%
Ústecký Litoměřice Miřejovice 218
5%
Karlovarský Karlovy Vary Mírová 320
5%
Liberecký Turnov Mírová pod Kozákovem 1 786
5%
Jihočeský Trhové Sviny Mladošovice 413
5%
Plzeňský Kralovice Mladotice 549
5%
Ústecký Teplice Modlany 1 081
5%
Středočeský Říčany Modletice 585
5%
Středočeský Příbram Modřovice 94
5%
Vysočina Pelhřimov Moraveč 196
5%
Vysočina Velké Meziříčí Moravec 605
5%
Jihomoravský Kuřim Moravské Knínice 1 087
5%
Jihomoravský Vyškov Moravské Málkovice 565
5%
Jihomoravský Kyjov Mouchnice 314
5%
Pardubický Chrudim Mrákotín 336
5%
Vysočina Telč Mrákotín 886
5%
Ústecký Roudnice nad Labem Mšené-lázně 1 845
5%
Jihočeský České Budějovice Mydlovary 307
5%
Olomoucký Prostějov Myslejovice 656
5%
Plzeňský Klatovy Myslovice 129
5%
Královéhradecký Hradec Králové Mžany 414
5%
Plzeňský Horažďovice Nalžovské Hory 1 171
5%
Královéhradecký Hradec Králové Nechanice 2 348
5%
Zlínský Valašské Klobouky Nedašov 1 372
5%
Zlínský Valašské Klobouky Nedašova Lhota 693
5%
Pardubický Žamberk Nekoř 958
5%
Středočeský Kralupy nad Vltavou Nelahozeves 2 114
5%
Plzeňský Domažlice Nemanice 263
5%
Jihomoravský Slavkov u Brna Němčany 798
5%
Jihomoravský Hustopeče Němčičky 706
5%
Jihomoravský Ivančice Němčičky 321
5%
Jihomoravský Znojmo Němčičky 82
5%
Jihomoravský Bučovice Nemochovice 297
5%
Jihomoravský Vyškov Nemojany 780
5%
Královéhradecký Jičín Nemyčeves 343
5%
Jihočeský České Budějovice Neplachov 355
5%
Středočeský Hořovice Neumětely 596
5%
Jihomoravský Hustopeče Nikolčice 778
5%
Jihočeský Strakonice Nišovice 239
5%
Olomoucký Prostějov Niva 336
5%
Středočeský Beroun Nižbor 2 117
5%
Moravskoslezský Frýdek-Místek Nižní Lhoty 297
5%
Jihomoravský Židlochovice Nosislav 1 358
5%
Moravskoslezský Frýdek-Místek Nošovice 1 042
5%
Moravskoslezský Bruntál Nová Pláň 54
5%
Jihočeský Jindřichův Hradec Nová Včelnice 2 269
5%
Jihomoravský Ivančice Nové Bránice 737
5%
Středočeský Dobříš Nové Dvory 266
5%
Středočeský Kutná Hora Nové Dvory 876
5%
Ústecký Roudnice nad Labem Nové Dvory 393
5%
Vysočina Žďár nad Sázavou Nové Dvory 322
5%
Moravskoslezský Bruntál Nové Heřminovy 378
5%
Středočeský Rakovník Nové Strašecí 5 602
5%
Jihočeský Strakonice Novosedly 346
5%
Jihomoravský Mikulov Novosedly 1 269
5%
Královéhradecký Náchod Nový Hrádek 868
5%
Zlínský Vsetín Nový Hrozenkov 2 574
5%
Olomoucký Šumperk Nový Malín 3 697
5%
Jihomoravský Mikulov Nový Přerov 335
5%
Jihomoravský Boskovice Nýrov 212
5%
Moravskoslezský Bruntál Oborná 421
5%
Vysočina Pacov Obrataň 805
5%
Ústecký Most Obrnice 2 181
5%
Vysočina Žďár nad Sázavou Obyčtov 435
5%
Olomoucký Konice Ochoz 190
5%
Jihomoravský Šlapanice Ochoz u Brna 1 509
5%
Jihomoravský Pohořelice Odrovice 256
5%
Středočeský Kolín Ohaře 300
5%
Královéhradecký Jičín Ohařice 71
5%
Středočeský Černošice Ohrobec 1 433
5%
Olomoucký Prostějov Ohrozim 480
5%
Liberecký Česká Lípa Okna 314
5%
Vysočina Třebíč Okříšky 2 053
5%
Jihočeský Tábor Oldřichov 228
5%
Olomoucký Přerov Oldřichov 115
5%
Ústecký Litoměřice Oleško 92
5%
Jihočeský Písek Olešná 135
5%
Středočeský Hořovice Olešná 438
5%
Středočeský Rakovník Olešná 600
5%
Vysočina Havlíčkův Brod Olešná 380
5%
Vysočina Pelhřimov Olešná 563
5%
Královéhradecký Dobruška Olešnice v Orlických horách 408
5%
Jihomoravský Tišnov Olší 345
5%
Vysočina Telč Olší 72
5%
Jihomoravský Šlapanice Ořechov 2 824
5%
Vysočina Telč Ořechov 66
5%
Vysočina Velké Meziříčí Ořechov 320
5%
Zlínský Uherské Hradiště Ořechov 772
5%
Pardubický Ústí nad Orlicí Orlické Podhůří 689
5%
Pardubický Žamberk Orličky 286
5%
Jihomoravský Vyškov Orlovice 318
5%
Olomoucký Lipník nad Bečvou Osek nad Bečvou 1 291
5%
Královéhradecký Hradec Králové Osice 527
5%
Olomoucký Šumperk Oskava 1 281
5%
Vysočina Velké Meziříčí Oslavička 127
5%
Jihomoravský Znojmo Oslnovice 79
5%
Jihočeský Písek Oslov 340
5%
Středočeský Hořovice Osov 323
5%
Vysočina Velké Meziříčí Osová Bítýška 930
5%
Vysočina Žďár nad Sázavou Ostrov nad Oslavou 967
5%
Zlínský Uherské Hradiště Osvětimany 886
5%
Středočeský Kladno Otvovice 819
5%
Zlínský Kroměříž Pačlavice 880
5%
Ústecký Louny Panenský Týnec 443
5%
Olomoucký Hranice Partutovice 520
5%
Středočeský Poděbrady Pátek 742
5%
Středočeský Mladá Boleslav Pěčice 203
5%
Středočeský Příbram Pečice 376
5%
Jihomoravský Mikulov Perná 790
5%
Liberecký Česká Lípa Pertoltice pod Ralskem 413
5%
Ústecký Chomutov Pesvice 187
5%
Středočeský Mladá Boleslav Petkovy 320
5%
Jihočeský Trhové Sviny Petříkov 286
5%
Středočeský Říčany Petříkov 576
5%
Ústecký Podbořany Petrohrad 637
5%
Plzeňský Sušice Petrovice u Sušice 630
5%
Olomoucký Šumperk Petrov nad Desnou 1 236
5%
Moravskoslezský Hlučín Píšť 2 106
5%
Vysočina Humpolec Píšť 81
5%
Liberecký Tanvald Plavy 1 053
5%
Středočeský Mladá Boleslav Plazy 516
5%
Karlovarský Cheb Plesná 1 969
5%
Středočeský Mladá Boleslav Plužná 256
5%
Plzeňský Nýřany Pňovany 441
5%
Olomoucký Litovel Pňovice 1 011
5%
Plzeňský Domažlice Poběžovice 1 559
5%
Jihomoravský Znojmo Podhradí nad Dyjí 46
5%
Pardubický Vysoké Mýto Podlesí 272
5%
Středočeský Příbram Podlesí 1 110
5%
Středočeský Slaný Podlešín 330
5%
Jihočeský Písek Podolí I 371
5%
Vysočina Havlíčkův Brod Pohled 726
5%
Vysočina Světlá nad Sázavou Pohleď 68
5%
Pardubický Svitavy Pohledy 308
5%
Královéhradecký Dobruška Pohoří 694
5%
Středočeský Černošice Pohoří 379
5%
Středočeský Kolín Polepy 636
5%
Ústecký Litoměřice Polepy 1 359
5%
Vysočina Pelhřimov Polesí 107
5%
Liberecký Nový Bor Polevsko 425
5%
Olomoucký Přerov Polkovice 504
5%
Jihomoravský Šlapanice Ponětovice 452
5%
Jihomoravský Hustopeče Popice 966
5%
Jihomoravský Šlapanice Popůvky 1 691
5%
Vysočina Náměšť nad Oslavou Popůvky 68
5%
Ústecký Louny Postoloprty 4 705
5%
Karlovarský Ostrov Potůčky 425
5%
Ústecký Lovosice Prackovice nad Labem 626
5%
Pardubický Pardubice Pravy 112
5%
Jihomoravský Tišnov Předklášteří 1 406
5%
Středočeský Mladá Boleslav Předměřice nad Jizerou 947
5%
Královéhradecký Hradec Králové Předměřice nad Labem 1 926
5%
Plzeňský Tachov Přimda 1 596
5%
Pardubický Česká Třebová Přívrat 338
5%
Liberecký Liberec Proseč pod Ještědem 398
5%
Olomoucký Prostějov Prostějovičky 306
5%
Olomoucký Prostějov Protivanov 1 029
5%
Zlínský Zlín Provodov 780
5%
Královéhradecký Nové Město nad Metují Provodov-Šonov 1 231
5%
Jihomoravský Vyškov Prusy-Boškůvky 656
5%
Pardubický Polička Pustá Kamenice 317
5%
Pardubický Vysoké Mýto Pustina 58
5%
Vysočina Třebíč Pyšel 463
5%
Středočeský Benešov Pyšely 2 086
5%
Pardubický Pardubice Ráby 568
5%
Jihomoravský Vyškov Račice-Pístovice 1 238
5%
Liberecký Železný Brod Radčice 171
5%
Jihomoravský Veselí nad Moravou Radějov 842
5%
Vysočina Nové Město na Moravě Radešín 127
5%
Jihočeský Prachatice Radhostice 151
5%
Olomoucký Hranice Radíkov 158
5%
Královéhradecký Jičín Radim 432
5%
Středočeský Kolín Radim 1 240
5%
Plzeňský Rokycany Radnice 1 801
5%
Středočeský Brandýs n. Lab.-St.Boleslav Radonice 1 049
5%
Ústecký Kadaň Radonice 1 177
5%
Vysočina Třebíč Radošov 165
5%
Jihočeský České Budějovice Radošovice 181
5%
Jihočeský Strakonice Radošovice 655
5%
Středočeský Vlašim Radošovice 397
5%
Jihomoravský Šlapanice Radostice 775
5%
Vysočina Žďár nad Sázavou Radostín nad Oslavou 935
5%
Liberecký Turnov Radostná pod Kozákovem 457
5%
Královéhradecký Hradec Králové Radostov 145
5%
Olomoucký Lipník nad Bečvou Radotín 181
5%
Moravskoslezský Opava Raduň 1 182
5%
Královéhradecký Trutnov Radvanice 967
5%
Olomoucký Přerov Radvanice 286
5%
Jihočeský Písek Rakovice 224
5%
Pardubický Hlinsko Raná 365
5%
Ústecký Louny Raná 256
5%
Jihočeský Tábor Rataje 200
5%
Středočeský Vlašim Rataje 161
5%
Zlínský Kroměříž Rataje 1 159
5%
Středočeský Kutná Hora Rataje nad Sázavou 526
5%
Vysočina Humpolec Řečice 144
5%
Vysočina Nové Město na Moravě Řečice 468
5%
Středočeský Mělník Řepín 694
5%
Moravskoslezský Frýdek-Místek Řepiště 1 898
5%
Středočeský Mladá Boleslav Řepov 734
5%
Pardubický Ústí nad Orlicí Řetová 707
5%
Pardubický Ústí nad Orlicí Řetůvka 286
5%
Jihomoravský Rosice Říčky 415
5%
Královéhradecký Rychnov nad Kněžnou Říčky v Orlických horách 92
5%
Jihomoravský Hodonín Rohatec 3 495
5%
Moravskoslezský Kravaře Rohov 606
5%
Pardubický Pardubice Rohovládova Bělá 616
5%
Jihomoravský Tišnov Rohozec 238
5%
Středočeský Čáslav Rohozec 307
5%
Pardubický Svitavy Rohozná 639
5%
Vysočina Jihlava Rohozná 427
5%
Královéhradecký Hořice Rohoznice 321
5%
Pardubický Pardubice Rohoznice 269
5%
Středočeský Mnichovo Hradiště Rokytá 319
5%
Královéhradecký Jičín Rokytňany 124
5%
Středočeský Český Brod Rostoklaty 556
5%
Karlovarský Kraslice Rotava 2 902
5%
Jihočeský Soběslav Roudná 562
5%
Jihočeský České Budějovice Roudné 1 338
5%
Jihočeský Strakonice Rovná 231
5%
Karlovarský Sokolov Rovná 312
5%
Vysočina Pelhřimov Rovná 53
5%
Pardubický Chrudim Rozhovice 298
5%
Jihomoravský Znojmo Rozkoš 175
5%
Jihočeský Kaplice Rožmitál na Šumavě 447
5%
Vysočina Bystřice nad Pernštejnem Rožná 790
5%
Plzeňský Tachov Rozvadov 780
5%
Vysočina Třebíč Rudíkov 717
5%
Pardubický Lanškroun Rudoltice 1 947
5%
Jihomoravský Vyškov Ruprechtov 595
5%
Zlínský Bystřice pod Hostýnem Rusava 560
5%
Pardubický Pardubice Rybitví 1 328
5%
Královéhradecký Rychnov nad Kněžnou Rybná nad Zdobnicí 424
5%
Vysočina Jihlava Rybné 119
5%
Jihomoravský Vyškov Rybníček 285
5%
Vysočina Havlíčkův Brod Rybníček 63
5%
Královéhradecký Jaroměř Rychnovek 639
5%
Liberecký Jablonec nad Nisou Rychnov u Jablonce nad Nisou 2 785
5%
Pardubický Polička Sádek 559
5%
Středočeský Příbram Sádek 226
5%
Jihomoravský Znojmo Šafov 150
5%
Jihomoravský Hustopeče Šakvice 1 524
5%
Zlínský Uherské Hradiště Salaš 414
5%
Olomoucký Olomouc Samotišky 1 383
5%
Středočeský Poděbrady Sány 559
5%
Jihomoravský Kyjov Šardice 2 191
5%
Pardubický Žamberk Šedivec 205
5%
Středočeský Sedlčany Sedlec-Prčice 2 861
5%
Královéhradecký Jičín Sedliště 102
5%
Moravskoslezský Frýdek-Místek Sedliště 1 668
5%
Pardubický Litomyšl Sedliště 232
5%
Plzeňský Nepomuk Sedliště 111
5%
Pardubický Přelouč Selmice 192
5%
Středočeský Mladá Boleslav Semčice 776
5%
Pardubický Přelouč Semín 600
5%
Olomoucký Litovel Senička 357
5%
Středočeský Říčany Senohraby 1 246
5%
Jihočeský České Budějovice Ševětín 1 408
5%
Středočeský Brandýs n. Lab.-St.Boleslav Sibřina 932
5%
Jihomoravský Hustopeče Šitbořice 2 083
5%
Jihomoravský Boskovice Skalice nad Svitavou 624
5%
Jihomoravský Kyjov Skalka 150
5%
Olomoucký Prostějov Skalka 268
5%
Středočeský Mladá Boleslav Skalsko 396
5%
Pardubický Svitavy Sklené 230
5%
Vysočina Žďár nad Sázavou Sklené 107
5%
Vysočina Velké Meziříčí Sklené nad Oslavou 231
5%
Vysočina Bystřice nad Pernštejnem Skorotice 121
5%
Jihočeský Tábor Slapy 504
5%
Středočeský Černošice Slapy 866
5%
Olomoucký Olomouc Slatinice 1 612
5%
Olomoucký Prostějov Slatinky 577
5%
Zlínský Bystřice pod Hostýnem Slavkov pod Hostýnem 661
5%
Středočeský Kutná Hora Slavošov 149
5%
Moravskoslezský Krnov Slezské Pavlovice 202
5%
Moravskoslezský Krnov Slezské Rudoltice 519
5%
Pardubický Litomyšl Sloupnice 1 717
5%
Jihomoravský Znojmo Slup 494
5%
Jihočeský Písek Smetanova Lhota 263
5%
Královéhradecký Nový Bydžov Smidary 1 506
5%
Pardubický Chrudim Smrček 131
5%
Olomoucký Prostějov Smržice 1 612
5%
Jihočeský Kaplice Soběnov 384
5%
Středočeský Mladá Boleslav Sojovice 569
5%
Středočeský Poděbrady Sokoleč 1 063
5%
Královéhradecký Broumov Šonov 296
5%
Královéhradecký Hradec Králové Sovětice 233
5%
Středočeský Mladá Boleslav Sovínky 321
5%
Moravskoslezský Odry Spálov 900
5%
Jihočeský České Budějovice Srubec 2 816
5%
Středočeský Kutná Hora Staňkovice 274
5%
Ústecký Litoměřice Staňkovice 33
5%
Ústecký Žatec Staňkovice 1 051
5%
Středočeský Dobříš Stará Huť 1 521
5%
Vysočina Třebíč Stařeč 1 654
5%
Pardubický Pardubice Staré Hradiště 1 913
5%
Pardubický Pardubice Staré Jesenčany 417
5%
Královéhradecký Náchod Stárkov 652
5%
Olomoucký Šternberk Štarnov 817
5%
Zlínský Uherský Brod Starý Hrozenkov 873
5%
Středočeský Kolín Starý Kolín 1 650
5%
Pardubický Pardubice Starý Mateřov 781
5%
Jihomoravský Znojmo Štítary 601
5%
Středočeský Kladno Stochov 5 401
5%
Vysočina Havlíčkův Brod Štoky 1 973
5%
Vysočina Jihlava Stonařov 1 096
5%
Jihomoravský Hustopeče Strachotín 800
5%
Královéhradecký Hradec Králové Stračov 297
5%
Středočeský Slaný Stradonice 134
5%
Pardubický Vysoké Mýto Stradouň 187
5%
Středočeský Lysá nad Labem Stratov 654
5%
Jihočeský Jindřichův Hradec Stráž nad Nežárkou 873
5%
Středočeský Mladá Boleslav Strenice 179
5%
Jihočeský Třeboň Stříbřec 437
5%
Karlovarský Kraslice Stříbrná 466
5%
Olomoucký Přerov Stříbrnice 275
5%
Zlínský Uherské Hradiště Stříbrnice 423
5%
Středočeský Benešov Struhařov 927
5%
Středočeský Říčany Struhařov 928
5%
Jihočeský Strakonice Strunkovice nad Volyňkou 127
5%
Liberecký Semily Stružinec 699
5%
Plzeňský Tachov Studánka 551
5%
Pardubický Žamberk Studené 184
5%
Liberecký Česká Lípa Stvolínky 323
5%
Vysočina Jihlava Suchá 257
5%
Jihomoravský Znojmo Suchohrdly 1 431
5%
Olomoucký Šumperk Sudkov 1 175
5%
Středočeský Brandýs n. Lab.-St.Boleslav Sudovo Hlavno 507
5%
Královéhradecký Hořice Sukorady 228
5%
Středočeský Mladá Boleslav Sukorady 372
5%
Středočeský Říčany Sulice 2 225
5%
Jihočeský Vimperk Šumavské Hoštice 426
5%
Jihomoravský Pohořelice Šumice 296
5%
Zlínský Uherský Brod Šumice 1 639
5%
Karlovarský Sokolov Svatava 1 657
5%
Středočeský Sedlčany Svatý Jan 669
5%
Středočeský Beroun Svatý Jan pod Skalou 187
5%
Moravskoslezský Bruntál Světlá Hora 1 384
5%
Liberecký Liberec Světlá pod Ještědem 966
5%
Moravskoslezský Frýdek-Místek Sviadnov 2 189
5%
Královéhradecký Kostelec nad Orlicí Svídnice 164
5%
Pardubický Chrudim Svídnice 451
5%
Liberecký Turnov Svijanský Újezd 454
5%
Jihomoravský Boskovice Svitávka 1 806
5%
Liberecký Nový Bor Svor 646
5%
Vysočina Žďár nad Sázavou Svratka 1 385
5%
Liberecký Semily Syřenov 227
5%
Jihočeský Písek Tálín 165
5%
Středočeský Kolín Tatce 653
5%
Pardubický Lanškroun Tatenice 870
5%
Středočeský Říčany Tehov 1 051
5%
Středočeský Vlašim Tehov 348
5%
Středočeský Říčany Tehovec 637
5%
Jihočeský Písek Temešvár 119
5%
Jihomoravský Znojmo Těšetice 587
5%
Olomoucký Olomouc Těšetice 1 324
5%
Moravskoslezský Frenštát pod Radhoštěm Tichá 1 854
5%
Pardubický Vysoké Mýto Tisová 573
5%
Plzeňský Tachov Tisová 462
5%
Karlovarský Karlovy Vary Toužim 3 652
5%
Pardubický Pardubice Třebosice 253
5%
Pardubický Chrudim Třemošnice 3 039
5%
Pardubický Hlinsko Trhová Kamenice 965
5%
Středočeský Vlašim Trhový Štěpánov 1 416
5%
Pardubický Chrudim Třibřichy 291
5%
Vysočina Nové Město na Moravě Tři Studně 113
5%
Ústecký Ústí nad Labem Trmice 3 353
5%
Moravskoslezský Kopřivnice Trnávka 752
5%
Pardubický Přelouč Trnávka 219
5%
Plzeňský Nýřany Trnová 930
5%
Středočeský Černošice Trnová 506
5%
Ústecký Litoměřice Trnovany 429
5%
Liberecký Turnov Troskovice 87
5%
Olomoucký Přerov Troubky 2 031
5%
Jihomoravský Moravský Krumlov Trstěnice 553
5%
Karlovarský Mariánské Lázně Trstěnice 386
5%
Pardubický Litomyšl Trstěnice 529
5%
Liberecký Česká Lípa Tuhaň 280
5%
Středočeský Mělník Tuhaň 792
5%
Středočeský Český Brod Tuklaty 1 051
5%
Olomoucký Přerov Turovice 225
5%
Středočeský Černošice Tursko 848
5%
Jihomoravský Veselí nad Moravou Tvarožná Lhota 930
5%
Olomoucký Prostějov Tvorovice 273
5%
Pardubický Vysoké Mýto Týnišťko 159
5%
Jihomoravský Hustopeče Uherčice 1 072
5%
Jihomoravský Znojmo Uherčice 369
5%
Pardubický Chrudim Úherčice 144
5%
Středočeský Kolín Uhlířská Lhota 347
5%
Středočeský Kutná Hora Uhlířské Janovice 3 119
5%
Pardubický Chrudim Úhřetice 485
5%
Pardubický Pardubice Úhřetická Lhota 282
5%
Jihomoravský Boskovice Uhřice 303
5%
Jihomoravský Bučovice Uhřice 264
5%
Jihomoravský Kyjov Uhřice 762
5%
Zlínský Kroměříž Uhřice 178
5%
Olomoucký Přerov Uhřičice 525
5%
Středočeský Slaný Uhy 383
5%
Jihočeský Jindřichův Hradec Újezdec 67
5%
Jihočeský Prachatice Újezdec 86
5%
Pardubický Litomyšl Újezdec 121
5%
Středočeský Kralupy nad Vltavou Újezdec 148
5%
Zlínský Uherské Hradiště Újezdec 262
5%
Královéhradecký Jičín Újezd pod Troskami 343
5%
Pardubický Vysoké Mýto Újezd u Chocně 323
5%
Plzeňský Nýřany Úlice 481
5%
Plzeňský Blovice Únětice 149
5%
Středočeský Černošice Únětice 812
5%
Jihomoravský Tišnov Unín 230
5%
Středočeský Benešov Václavice 617
5%
Moravskoslezský Ostrava Václavovice 2 062
5%
Jihočeský Vimperk Vacov 1 447
5%
Zlínský Valašské Klobouky Valašské Příkazy 306
5%
Moravskoslezský Bruntál Valšov 252
5%
Jihomoravský Boskovice Vážany 230
5%
Jihomoravský Vyškov Vážany 458
5%
Zlínský Uherské Hradiště Vážany 438
5%
Ústecký Lovosice Vchynice 314
5%
Ústecký Kadaň Vejprty 2 872
5%
Liberecký Česká Lípa Velenice 162
5%
Středočeský Poděbrady Velenice 195
5%
Středočeský Nymburk Velenka 339
5%
Karlovarský Ostrov Velichov 551
5%
Královéhradecký Jaroměř Velichovky 744
5%
Pardubický Holice Veliny 497
5%
Olomoucký Olomouc Velká Bystřice 3 513
5%
Olomoucký Jeseník Velká Kraš 718
5%
Zlínský Valašské Meziříčí Velká Lhota 492
5%
Moravskoslezský Ostrava Velká Polom 2 065
5%
Pardubický Ústí nad Orlicí Velká Skrovnice 297
5%
Moravskoslezský Rýmařov Velká Štáhle 344
5%
Ústecký Ústí nad Labem Velké Březno 2 322
5%
Moravskoslezský Opava Velké Heraltice 1 608
5%
Jihomoravský Boskovice Velké Opatovice 3 623
5%
Středočeský Černošice Velké Přílepy 3 556
5%
Středočeský Mladá Boleslav Velké Všelisy 404
5%
Ústecký Litoměřice Velké Žernoseky 491
5%
Jihočeský Jindřichův Hradec Velký Ratmírov 228
5%
Olomoucký Olomouc Velký Týnec 3 021
5%
Středočeský Kolín Veltruby 1 429
5%
Středočeský Kralupy nad Vltavou Veltrusy 2 268
5%
Liberecký Semily Veselá 240
5%
Plzeňský Rokycany Veselá 290
5%
Vysočina Pelhřimov Veselá 226
5%
Zlínský Vizovice Veselá 854
5%
Středočeský Mladá Boleslav Veselice 128
5%
Vysočina Velké Meziříčí Vídeň 456
5%
Pardubický Litomyšl Vidlatá Seč 291
5%
Olomoucký Jeseník Vidnava 1 256
5%
Zlínský Rožnov pod Radhoštěm Vigantice 1 100
5%
Středočeský Beroun Vinařice 102
5%
Středočeský Kladno Vinařice 2 170
5%
Středočeský Mladá Boleslav Vinařice 330
5%
Ústecký Louny Vinařice 254
5%
Jihomoravský Šlapanice Viničné Šumice 1 354
5%
Vysočina Chotěboř Víska 179
5%
Jihočeský Jindřichův Hradec Višňová 88
5%
Liberecký Frýdlant Višňová 1 331
5%
Středočeský Příbram Višňová 663
5%
Jihomoravský Znojmo Višňové 1 072
5%
Pardubický Svitavy Vítějeves 417
5%
Vysočina Třebíč Vladislav 1 165
5%
Jihomoravský Pohořelice Vlasatice 872
5%
Středočeský Kutná Hora Vlastějovice 469
5%
Královéhradecký Trutnov Vlčice 566
5%
Olomoucký Jeseník Vlčice 401
5%
Pardubický Pardubice Vlčí Habřina 324
5%
Pardubický Litomyšl Vlčkov 107
5%
Jihočeský České Budějovice Vlkov 41
5%
Jihočeský Soběslav Vlkov 166
5%
Královéhradecký Jaroměř Vlkov 390
5%
Vysočina Velké Meziříčí Vlkov 278
5%
Karlovarský Mariánské Lázně Vlkovice 114
5%
Jihomoravský Veselí nad Moravou Vnorovy 3 000
5%
Jihočeský Tábor Vodice 149
5%
Středočeský Brandýs n. Lab.-St.Boleslav Vodochody 722
5%
Vysočina Žďár nad Sázavou Vojnův Městec 775
5%
Karlovarský Cheb Vojtanov 238
5%
Pardubický Pardubice Voleč 365
5%
Pardubický Hlinsko Vortová 228
5%
Středočeský Mladá Boleslav Vrátno 159
5%
Jihočeský Písek Vráž 325
5%
Středočeský Beroun Vráž 1 209
5%
Olomoucký Prostějov Vrbátky 1 737
5%
Zlínský Kroměříž Vrbka 188
5%
Středočeský Poděbrady Vrbová Lhota 540
5%
Moravskoslezský Odry Vrchy 220
5%
Středočeský Čáslav Vrdy 2 977
5%
Moravskoslezský Hlučín Vřesina 1 660
5%
Moravskoslezský Ostrava Vřesina 2 906
5%
Ústecký Chomutov Vrskmaň 323
5%
Středočeský Nymburk Všechlapy 799
5%
Středočeský Vlašim Všechlapy 102
5%
Jihomoravský Tišnov Všechovice 282
5%
Olomoucký Hranice Všechovice 854
5%
Královéhradecký Hradec Králové Všestary 1 774
5%
Středočeský Říčany Všestary 920
5%
Středočeský Neratovice Všetaty 2 329
5%
Středočeský Rakovník Všetaty 307
5%
Vysočina Třebíč Výčapy 871
5%
Pardubický Lanškroun Výprachtice 959
5%
Královéhradecký Hradec Králové Výrava 400
5%
Plzeňský Kralovice Výrov 455
5%
Liberecký Turnov Vyskeř 407
5%
Moravskoslezský Frýdek-Místek Vyšní Lhoty 857
5%
Pardubický Hlinsko Vysočina 696
5%
Vysočina Pacov Vysoká Lhota 14
5%
Královéhradecký Hradec Králové Vysoká nad Labem 1 742
5%
Olomoucký Prostějov Výšovice 497
5%
Vysočina Pelhřimov Zachotín 243
5%
Zlínský Holešov Zahnašovice 324
5%
Jihomoravský Břeclav Zaječí 1 454
5%
Středočeský Kladno Zákolany 575
5%
Jihomoravský Znojmo Zálesí 169
5%
Jihočeský Vimperk Zálezly 317
5%
Jihomoravský Rosice Zbraslav 1 271
5%
Středočeský Kutná Hora Zbraslavice 1 412
5%
Plzeňský Nýřany Zbůch 2 628
5%
Středočeský Černošice Zbuzany 1 416
5%
Zlínský Vsetín Zděchov 570
5%
Královéhradecký Nový Bydžov Zdechovice 164
5%
Pardubický Přelouč Zdechovice 645
5%
Středočeský Beroun Zdice 4 177
5%
Zlínský Kroměříž Zdounky 2 092
5%
Středočeský Kolín Žehuň 454
5%
Středočeský Čáslav Žehušice 825
5%
Olomoucký Uničov Želechovice 234
5%
Zlínský Zlín Želechovice nad Dřevnicí 1 851
5%
Jihomoravský Šlapanice Želešice 1 825
5%
Vysočina Moravské Budějovice Želetava 1 488
5%
Jihomoravský Tišnov Železné 506
5%
Vysočina Humpolec Želiv 1 153
5%
Zlínský Holešov Žeranovice 794
5%
Středočeský Mladá Boleslav Žerčice 412
5%
Královéhradecký Náchod Žernov 294
5%
Liberecký Turnov Žernov 231
5%
Jihomoravský Blansko Žernovník 260
5%
Olomoucký Šternberk Žerotín 452
5%
Ústecký Louny Žerotín 215
5%
Jihočeský Milevsko Zhoř 307
5%
Jihomoravský Tišnov Zhoř 69
5%
Plzeňský Stříbro Zhoř 152
5%
Vysočina Jihlava Zhoř 445
5%
Pardubický Lanškroun Žichlínek 1 019
5%
Ústecký Teplice Žim 204
5%
Královéhradecký Trutnov Zlatá Olešnice 212
5%
Liberecký Tanvald Zlatá Olešnice 494
5%
Ústecký Ústí nad Labem Zubrnice 231
5%
Olomoucký Zábřeh Zvole 852
5%
Středočeský Černošice Zvole 1 932
5%
Vysočina Bystřice nad Pernštejnem Zvole 657
5%
Královéhradecký Kostelec nad Orlicí Albrechtice nad Orlicí 1 002
0%
Moravskoslezský Bílovec Albrechtičky 704
0%
Olomoucký Prostějov Alojzov 259
0%
Pardubický Lanškroun Anenská Studánka 168
0%
Vysočina Pelhřimov Arneštovice 83
0%
Vysočina Jihlava Arnolec 178
0%
Ústecký Děčín Arnoltice 412
0%
Jihomoravský Rosice Babice u Rosic 779
0%
Plzeňský Domažlice Babylon 327
0%
Královéhradecký Jičín Bačalky 159
0%
Vysočina Třebíč Bačice 195
0%
Vysočina Moravské Budějovice Bačkovice 95
0%
Vysočina Pelhřimov Bácovice 90
0%
Vysočina Velké Meziříčí Baliny 129
0%
Jihočeský Tábor Balkova Lhota 149
0%
Pardubický Svitavy Banín 316
0%
Jihomoravský Znojmo Bantice 285
0%
Středočeský Kolín Barchovice 249
0%
Zlínský Kroměříž Bařice-Velké Těšany 460
0%
Královéhradecký Rychnov nad Kněžnou Bartošovice v Orlických horách 206
0%
Vysočina Havlíčkův Brod Bartoušov 167
0%
Královéhradecký Hořice Bašnice 211
0%
Středočeský Brandýs n. Lab.-St.Boleslav Bašť 2 891
0%
Královéhradecký Trutnov Batňovice 789
0%
Středočeský Beroun Bavoryně 367
0%
Plzeňský Nýřany Bdeněves 751
0%
Královéhradecký Jičín Běchary 264
0%
Jihočeský Tábor Bečice 76
0%
Jihočeský Týn nad Vltavou Bečice 107
0%
Olomoucký Prostějov Bedihošť 1 083
0%
Jihočeský Jindřichův Hradec Bednárec 120
0%
Jihočeský Jindřichův Hradec Bednáreček 190
0%
Plzeňský Klatovy Běhařov 213
0%
Jihomoravský Znojmo Běhařovice 377
0%
Plzeňský Domažlice Bělá nad Radbuzou 1 756
0%
Pardubický Svitavy Bělá nad Svitavou 498
0%
Pardubický Moravská Třebová Bělá u Jevíčka 354
0%
Jihočeský Blatná Bělčice 983
0%
Středočeský Kladno Běloky 189
0%
Středočeský Kolín Bělušice 320
0%
Ústecký Most Bělušice 227
0%
Plzeňský Stříbro Benešovice 200
0%
Liberecký Semily Benešov u Semil 846
0%
Vysočina Třebíč Benetice 193
0%
Olomoucký Přerov Beňov 678
0%
Středočeský Kutná Hora Bernardov 188
0%
Moravskoslezský Nový Jičín Bernartice nad Odrou 1 021
0%
Středočeský Slaný Beřovice 384
0%
Středočeský Poděbrady Běrunice 854
0%
Středočeský Hořovice Běštín 326
0%
Pardubický Vysoké Mýto Běstovice 433
0%
Pardubický Chrudim Běstvina 545
0%
Pardubický Moravská Třebová Bezděčí u Trnávky 181
0%
Jihočeský Blatná Bezdědovice 368
0%
Královéhradecký Náchod Bezděkov nad Metují 597
0%
Středočeský Příbram Bezděkov pod Třemšínem 141
0%
Plzeňský Stříbro Bezdružice 928
0%
Jihomoravský Znojmo Bezkov 212
0%
Zlínský Kroměříž Bezměrov 515
0%
Olomoucký Přerov Bezuchov 188
0%
Plzeňský Kralovice Bezvěrov 680
0%
Středočeský Mnichovo Hradiště Bílá Hlína 115
0%
Olomoucký Litovel Bílá Lhota 1 147
0%
Královéhradecký Dvůr Králové nad Labem Bílá Třemešná 1 346
0%
Moravskoslezský Bruntál Bílčice 222
0%
Ústecký Chomutov Bílence 240
0%
Středočeský Čáslav Bílé Podolí 608
0%
Královéhradecký Dvůr Králové nad Labem Bílé Poličany 153
0%
Středočeský Slaný Bílichov 192
0%
Středočeský Vlašim Bílkovice 217
0%
Olomoucký Prostějov Bílovice-Lutotín 510
0%
Královéhradecký Hořice Bílsko u Hořic 128
0%
Vysočina Jihlava Bílý Kámen 290
0%
Královéhradecký Rychnov nad Kněžnou Bílý Újezd 702
0%
Plzeňský Klatovy Biřkov 131
0%
Vysočina Třebíč Biskupice-Pulkov 256
0%
Středočeský Mladá Boleslav Bítouchov 394
0%
Pardubický Chrudim Bítovany 448
0%
Vysočina Jihlava Bítovčice 420
0%
Ústecký Žatec Bitozeves 449
0%
Jihomoravský Znojmo Blanné 85
0%
Jihočeský Jindřichův Hradec Blažejov 449
0%
Středočeský Vlašim Blažejovice 103
0%
Plzeňský Nýřany Blažim 70
0%
Ústecký Žatec Blažim 284
0%
Vysočina Bystřice nad Pernštejnem Blažkov 285
0%
Středočeský Kladno Blevice 291
0%
Plzeňský Horšovský Týn Blížejov 1 577
0%
Vysočina Velké Meziříčí Blízkov 340
0%
Jihomoravský Znojmo Blížkovice 1 190
0%
Středočeský Nymburk Bobnice 875
0%
Vysočina Nové Město na Moravě Bobrová 897
0%
Vysočina Nové Město na Moravě Bobrůvka 238
0%
Moravskoslezský Jablunkov Bocanovice 491
0%
Olomoucký Přerov Bochoř 979
0%
Vysočina Třebíč Bochovice 150
0%
Královéhradecký Hradec Králové Boharyně 594
0%
Liberecký Česká Lípa Bohatice 231
0%
Vysočina Žďár nad Sázavou Bohdalec 279
0%
Vysočina Pelhřimov Bohdalín 173
0%
Jihočeský Český Krumlov Bohdalovice 307
0%
Středočeský Kutná Hora Bohdaneč 431
0%
Královéhradecký Dobruška Bohdašín 212
0%
Olomoucký Šumperk Bohdíkov 1 303
0%
Středočeský Příbram Bohostice 196
0%
Jihočeský Vimperk Bohumilice 329
0%
Jihočeský Prachatice Bohunice 51
0%
Vysočina Moravské Budějovice Bohušice 135
0%
Zlínský Luhačovice Bohuslavice nad Vláří 372
0%
Zlínský Zlín Bohuslavice u Zlína 764
0%
Olomoucký Lipník nad Bečvou Bohuslávky 316
0%
Jihomoravský Moravský Krumlov Bohutice 657
0%
Olomoucký Šumperk Bohutín 763
0%
Středočeský Příbram Bohutín 1 835
0%
Plzeňský Kralovice Bohy 125
0%
Pardubický Chrudim Bojanov 637
0%
Jihomoravský Znojmo Bojanovice 188
0%
Středočeský Černošice Bojanovice 491
0%
Vysočina Světlá nad Sázavou Bojiště 298
0%
Moravskoslezský Kravaře Bolatice 4 495
0%
Ústecký Chomutov Boleboř 292
0%
Královéhradecký Kostelec nad Orlicí Bolehošť 589
0%
Jihomoravský Hustopeče Boleradice 920
0%
Plzeňský Klatovy Bolešiny 776
0%
Jihočeský Český Krumlov Boletice (vojenský újezd) 0
0%
Plzeňský Přeštice Bolkov 56
0%
Vysočina Havlíčkův Brod Boňkov 79
0%
Středočeský Brandýs n. Lab.-St.Boleslav Bořanovice 934
0%
Moravskoslezský Frenštát pod Radhoštěm Bordovice 638
0%
Zlínský Holešov Bořenovice 210
0%
Jihočeský Jindřichův Hradec Bořetín 101
0%
Vysočina Pelhřimov Bořetín 108
0%
Ústecký Teplice Bořislav 410
0%
Jihomoravský Hustopeče Borkovany 847
0%
Jihočeský Soběslav Borkovice 233
0%
Jihomoravský Znojmo Borotice 442
0%
Středočeský Dobříš Borotice 403
0%
Jihočeský Tábor Borotín 709
0%
Jihomoravský Boskovice Borotín 424
0%
Vysočina Telč Borovná 83
0%
Plzeňský Blovice Borovno 91
0%
Plzeňský Přeštice Borovy 237
0%
Zlínský Uherské Hradiště Boršice 2 159
0%
Zlínský Uherské Hradiště Boršice u Blatnice 822
0%
Vysočina Jihlava Boršov 163
0%
Jihočeský České Budějovice Boršov nad Vltavou 1 988
0%
Pardubický Moravská Třebová Borušov 171
0%
Jihočeský Vimperk Bošice 341
0%
Jihomoravský Znojmo Boskovštejn 153
0%
Jihočeský Písek Boudy 204
0%
Olomoucký Prostějov Bousín 127
0%
Královéhradecký Broumov Božanov 359
0%
Vysočina Pelhřimov Božejov 633
0%
Jihočeský Milevsko Božetice 353
0%
Karlovarský Karlovy Vary Božičany 612
0%
Jihomoravský Znojmo Božice 1 561
0%
Jihočeský Tábor Bradáčov 47
0%
Královéhradecký Jičín Brada-Rybníček 165
0%
Středočeský Mladá Boleslav Bradlec 1 352
0%
Liberecký Semily Bradlecká Lhota 238
0%
Středočeský Čáslav Brambory 117
0%
Ústecký Most Braňany 1 260
0%
Ústecký Litvínov Brandov 272
0%
Jihomoravský Tišnov Braníškov 206
0%
Jihočeský České Budějovice Branišov 263
0%
Jihomoravský Pohořelice Branišovice 612
0%
Moravskoslezský Opava Branka u Opavy 1 076
0%
Vysočina Třebíč Bransouze 224
0%
Středočeský Kladno Braškov 1 098
0%
Jihomoravský Židlochovice Bratčice 713
0%
Středočeský Čáslav Bratčice 385
0%
Středočeský Příbram Bratkovice 321
0%
Zlínský Vizovice Bratřejov 775
0%
Vysočina Pacov Bratřice 137
0%
Moravskoslezský Opava Bratříkovice 155
0%
Středočeský Černošice Bratřínov 198
0%
Jihočeský Blatná Bratronice 54
0%
Středočeský Kladno Bratronice 936
0%
Olomoucký Šumperk Bratrušov 638
0%
Moravskoslezský Bílovec Bravantice 984
0%
Karlovarský Karlovy Vary Bražec 227
0%
Zlínský Kroměříž Břest 955
0%
Zlínský Uherské Hradiště Břestek 843
0%
Vysočina Havlíčkův Brod Břevnice 148
0%
Středočeský Kolín Břežany I 318
0%
Středočeský Český Brod Břežany II 894
0%
Vysočina Velké Meziříčí Březejc 154
0%
Vysočina Žďár nad Sázavou Březí nad Oslavou 291
0%
Jihomoravský Vyškov Březina (vojenský újezd) 0
0%
Pardubický Moravská Třebová Březinky 120
0%
Pardubický Polička Březiny 141
0%
Vysočina Náměšť nad Oslavou Březník 698
0%
Zlínský Uherské Hradiště Březolupy 1 694
0%
Vysočina Velké Meziříčí Březské 175
0%
Olomoucký Konice Březsko 213
0%
Zlínský Zlín Březůvky 707
0%
Královéhradecký Hořice Bříšťany 255
0%
Středočeský Lysá nad Labem Bříství 385
0%
Jihočeský Český Krumlov Brloh 1 091
0%
Pardubický Přelouč Brloh 226
0%
Ústecký Litoměřice Brňany 463
0%
Pardubický Svitavy Brněnec 1 269
0%
Plzeňský Domažlice Brnířov 405
0%
Liberecký Česká Lípa Brniště 1 370
0%
Plzeňský Kralovice Brodeslavy 65
0%
Plzeňský Tachov Brod nad Tichou 250
0%
Středočeský Beroun Broumy 976
0%
Ústecký Litoměřice Brozany nad Ohří 1 350
0%
Vysočina Jihlava Brtnička 99
0%
Moravskoslezský Frýdek-Místek Bruzovice 924
0%
Ústecký Roudnice nad Labem Brzánky 87
0%
Královéhradecký Náchod Brzice 246
0%
Vysočina Jihlava Brzkov 308
0%
Karlovarský Kraslice Bublava 395
0%
Středočeský Beroun Bubovice 575
0%
Královéhradecký Jičín Budčeves 157
0%
Jihočeský Dačice Budeč 209
0%
Vysočina Žďár nad Sázavou Budeč 183
0%
Plzeňský Sušice Budětice 302
0%
Olomoucký Konice Budětsko 430
0%
Vysočina Humpolec Budíkov 337
0%
Středočeský Nymburk Budiměřice 653
0%
Jihočeský Dačice Budíškovice 699
0%
Jihočeský Soběslav Budislav 369
0%
Pardubický Litomyšl Budislav 452
0%
Moravskoslezský Opava Budišovice 769
0%
Jihočeský Prachatice Budkov 94
0%
Vysočina Moravské Budějovice Budkov 361
0%
Jihočeský Kaplice Bujanov 581
0%
Plzeňský Rokycany Bujesily 69
0%
Středočeský Příbram Buková u Příbramě 409
0%
Liberecký Jilemnice Bukovina u Čisté 208
0%
Pardubický Přelouč Bukovina u Přelouče 89
0%
Plzeňský Sušice Bukovník 67
0%
Liberecký Frýdlant Bulovka 934
0%
Vysočina Pacov Buřenice 203
0%
Jihočeský Prachatice Bušanovice 268
0%
Olomoucký Šumperk Bušín 387
0%
Plzeňský Rokycany Bušovice 611
0%
Jihočeský Blatná Buzice 168
0%
Středočeský Kolín Býchory 635
0%
Středočeský Mělník Býkev 480
0%
Středočeský Beroun Bykoš 235
0%
Moravskoslezský Krnov Býkov-Láryšov 166
0%
Pardubický Chrudim Bylany 452
0%
Ústecký Děčín Bynovec 335
0%
Olomoucký Hranice Býškovice 391
0%
Vysočina Bystřice nad Pernštejnem Býšovec 173
0%
Liberecký Semily Bystrá nad Jizerou 122
0%
Zlínský Uherský Brod Bystřice pod Lopeníkem 808
0%
Královéhradecký Rychnov nad Kněžnou Byzhradec 220
0%
Ústecký Teplice Bžany 896
0%
Středočeský Hořovice Bzová 455
0%
Vysočina Chotěboř Čachotín 162
0%
Středočeský Mladá Boleslav Čachovice 900
0%
Středočeský Neratovice Čakovičky 740
0%
Vysočina Třebíč Čáslavice 538
0%
Vysočina Pacov Čáslavsko 122
0%
Vysočina Moravské Budějovice Častohostice 184
0%
Vysočina Pelhřimov Častrov 622
0%
Plzeňský Stříbro Cebiv 270
0%
Středočeský Mělník Čečelice 686
0%
Jihočeský Blatná Čečelovice 193
0%
Vysočina Třebíč Čechočovice 328
0%
Středočeský Vlašim Čechtice 1 384
0%
Vysočina Třebíč Čechtín 313
0%
Vysočina Chotěboř Čečkovice 78
0%
Plzeňský Stod Čečovice 109
0%
Olomoucký Prostějov Čehovice 520
0%
Jihočeský Strakonice Čejetice 920
0%
Vysočina Jihlava Cejle 503
0%
Vysočina Humpolec Čejov 618
0%
Plzeňský Rokycany Cekov 150
0%
Olomoucký Prostějov Čelčice 523
0%
Vysočina Pelhřimov Čelistná 94
0%
Plzeňský Nýřany Čeminy 290
0%
Jihočeský Týn nad Vltavou Čenkov u Bechyně 57
0%
Jihočeský Strakonice Čepřovice 202
0%
Ústecký Žatec Čeradice 314
0%
Královéhradecký Hořice Cerekvice nad Bystřicí 783
0%
Vysočina Jihlava Cerekvička-Rosice 189
0%
Jihočeský Písek Cerhonice 150
0%
Jihomoravský Moravský Krumlov Čermákovice 92
0%
Královéhradecký Kostelec nad Orlicí Čermná nad Orlicí 1 041
0%
Moravskoslezský Vítkov Čermná ve Slezsku 389
0%
Karlovarský Karlovy Vary Černava 310
0%
Olomoucký Jeseník Černá Voda 533
0%
Ústecký Roudnice nad Labem Černěves 212
0%
Středočeský Říčany Černé Voděrady 349
0%
Středočeský Český Brod Černíky 159
0%
Královéhradecký Hradec Králové Černilov 2 407
0%
Jihomoravský Znojmo Černín 143
0%
Středočeský Kutná Hora Černíny 376
0%
Ústecký Lovosice Černiv 146
0%
Středočeský Černošice Černolice 516
0%
Plzeňský Stříbro Černošín 1 187
0%
Královéhradecký Hradec Králové Černožice 1 125
0%
Jihomoravský Tišnov Černvír 148
0%
Jihočeský Tábor Černýšovice 82
0%
Královéhradecký Náchod Červená Hora 201
0%
Vysočina Pelhřimov Červená Řečice 1 006
0%
Královéhradecký Hořice Červená Třemešná 161
0%
Středočeský Kutná Hora Červené Janovice 660
0%
Plzeňský Klatovy Červené Poříčí 239
0%
Jihočeský Dačice Červený Hrádek 206
0%
Vysočina Havlíčkův Brod Česká Bělá 1 084
0%
Plzeňský Nýřany Česká Bříza 596
0%
Pardubický Žamberk Česká Rybná 394
0%
Pardubický Vysoké Mýto České Heřmanice 608
0%
Pardubický Chrudim České Lhotice 116
0%
Ústecký Litvínov Český Jiřetín 103
0%
Královéhradecký Jičín Češov 235
0%
Středočeský Kutná Hora Čestín 430
0%
Zlínský Kroměříž Cetechovice 185
0%
Liberecký Liberec Cetenov 115
0%
Jihomoravský Boskovice Cetkovice 763
0%
Vysočina Pacov Cetoraz 293
0%
Středočeský Příbram Cetyně 160
0%
Středočeský Kutná Hora Chabeřice 264
0%
Středočeský Hořovice Chaloupky 500
0%
Středočeský Benešov Chářovice 217
0%
Středočeský Mladá Boleslav Charvatce 331
0%
Ústecký Kadaň Chbany 629
0%
Jihočeský Vodňany Chelčice 420
0%
Plzeňský Rokycany Cheznovice 725
0%
Moravskoslezský Opava Chlebičov 1 181
0%
Královéhradecký Kostelec nad Orlicí Chleny 225
0%
Královéhradecký Dobruška Chlístov 83
0%
Plzeňský Klatovy Chlistov 142
0%
Středočeský Benešov Chlístov 401
0%
Vysočina Třebíč Chlístov 302
0%
Středočeský Kutná Hora Chlístovice 736
0%
Jihočeský Prachatice Chlumany 340
0%
Plzeňský Přeštice Chlumčany 2 409
0%
Ústecký Louny Chlumčany 567
0%
Vysočina Velké Meziříčí Chlumek 173
0%
Vysočina Žďár nad Sázavou Chlumětín 212
0%
Středočeský Neratovice Chlumín 476
0%
Vysočina Bystřice nad Pernštejnem Chlum-Korouhvice 40
0%
Karlovarský Sokolov Chlum Svaté Maří 286
0%
Plzeňský Nepomuk Chlumy 204
0%
Středočeský Hořovice Chlustina 247
0%
Pardubický Litomyšl Chmelík 190
0%
Středočeský Vlašim Chmelná 148
0%
Jihočeský Blatná Chobot 38
0%
Plzeňský Blovice Chocenice 595
0%
Středočeský Benešov Chocerady 1 265
0%
Středočeský Mnichovo Hradiště Chocnějovice 434
0%
Plzeňský Domažlice Chocomyšl 116
0%
Středočeský Beroun Chodouň 702
0%
Ústecký Roudnice nad Labem Chodouny 662
0%
Ústecký Lovosice Chodovlice 152
0%
Plzeňský Domažlice Chodská Lhota 401
0%
Plzeňský Tachov Chodský Újezd 803
0%
Královéhradecký Jičín Cholenice 224
0%
Olomoucký Litovel Cholina 743
0%
Pardubický Přelouč Choltice 1 193
0%
Plzeňský Rokycany Chomle 62
0%
Královéhradecký Hořice Chomutice 602
0%
Zlínský Bystřice pod Hostýnem Chomýž 356
0%
Středočeský Benešov Choratice 70
0%
Zlínský Valašské Meziříčí Choryně 765
0%
Středočeský Poděbrady Choťánky 446
0%
Vysočina Moravské Budějovice Chotěbudice 98
0%
Jihočeský Soběslav Chotěmice 115
0%
Pardubický Litomyšl Chotěnov 119
0%
Středočeský Poděbrady Chotěšice 335
0%
Plzeňský Stod Chotěšov 2 960
0%
Ústecký Lovosice Chotěšov 497
0%
Královéhradecký Trutnov Chotěvice 1 022
0%
Plzeňský Nýřany Chotíkov 1 250
0%
Středočeský Dobříš Chotilsko 540
0%
Ústecký Litoměřice Chotiněves 218
0%
Liberecký Nový Bor Chotovice 179
0%
Pardubický Litomyšl Chotovice 144
0%
Středočeský Kolín Choťovice 199
0%
Středočeský Čáslav Chotusice 755
0%
Středočeský Kolín Chotutice 487
0%
Jihočeský České Budějovice Chotýčany 261
0%
Liberecký Liberec Chotyně 1 022
0%
Středočeský Benešov Chotýšany 596
0%
Ústecký Louny Chožov 547
0%
Ústecký Louny Chraberce 118
0%
Pardubický Svitavy Chrastavec 211
0%
Plzeňský Domažlice Chrastavice 389
0%
Středočeský Příbram Chraštice 257
0%
Jihočeský Strakonice Chrášťovice 260
0%
Jihočeský Tábor Chrbonín 156
0%
Jihočeský Prachatice Chroboly 570
0%
Olomoucký Šumperk Chromeč 556
0%
Středočeský Poděbrady Chroustov 212
0%
Pardubický Chrudim Chroustovice 1 236
0%
Vysočina Havlíčkův Brod Chrtníč 116
0%
Pardubický Přelouč Chrtníky 105
0%
Jihomoravský Boskovice Chrudichromy 214
0%
Středočeský Beroun Chrustenice 1 003
0%
Středočeský Slaný Chržín 285
0%
Plzeňský Klatovy Chudenice 773
0%
Plzeňský Klatovy Chudenín 612
0%
Královéhradecký Hradec Králové Chudeřice 264
0%
Ústecký Ústí nad Labem Chuderov 1 109
0%
Středočeský Mladá Boleslav Chudíř 212
0%
Ústecký Litoměřice Chudoslavice 177
0%
Zlínský Bystřice pod Hostýnem Chvalčov 1 627
0%
Královéhradecký Trutnov Chvaleč 657
0%
Plzeňský Plzeň Chválenice 751
0%
Moravskoslezský Opava Chvalíkovice 703
0%
Zlínský Kroměříž Chvalnov-Lísky 247
0%
Jihočeský Prachatice Chvalovice 159
0%
Jihomoravský Znojmo Chvalovice 683
0%
Jihočeský Český Krumlov Chvalšiny 1 224
0%
Středočeský Kralupy nad Vltavou Chvatěruby 532
0%
Královéhradecký Jičín Chyjice 170
0%
Středočeský Beroun Chyňava 1 841
0%
Středočeský Černošice Chýnice 421
0%
Jihočeský Milevsko Chyšky 1 066
0%
Vysočina Pelhřimov Chyšná 100
0%
Vysočina Pelhřimov Chýstovice 37
0%
Jihočeský Vodňany Číčenice 456
0%
Karlovarský Karlovy Vary Čichalov 173
0%
Vysočina Třebíč Číchov 227
0%
Středočeský Černošice Číčovice 308
0%
Vysočina Třebíč Číhalín 218
0%
Plzeňský Klatovy Číhaň 222
0%
Vysočina Žďár nad Sázavou Cikháj 108
0%
Vysočina Náměšť nad Oslavou Čikov 201
0%
Plzeňský Rokycany Čilá 18
0%
Středočeský Nymburk Čilec 233
0%
Středočeský Poděbrady Činěves 504
0%
Olomoucký Přerov Císařov 303
0%
Liberecký Jilemnice Čistá u Horek 579
0%
Královéhradecký Hradec Králové Čistěves 187
0%
Karlovarský Sokolov Citice 900
0%
Ústecký Louny Cítoliby 1 090
0%
Jihomoravský Znojmo Citonice 601
0%
Olomoucký Přerov Citov 543
0%
Středočeský Mělník Cítov 1 269
0%
Plzeňský Přeštice Čižice 571
0%
Plzeňský Nepomuk Čížkov 674
0%
Vysočina Pelhřimov Čížkov 132
0%
Ústecký Lovosice Čížkovice 1 465
0%
Jihočeský Trhové Sviny Čížkrajice 259
0%
Jihočeský Dačice Cizkrajov 523
0%
Vysočina Jihlava Čížov 295
0%
Jihočeský Písek Čížová 1 278
0%
Jihočeský Jindřichův Hradec Člunek 482
0%
Plzeňský Nepomuk Čmelíny 124
0%
Jihomoravský Boskovice Crhov 172
0%
Pardubický Chrudim Ctětín 256
0%
Plzeňský Tachov Ctiboř 315
0%
Středočeský Vlašim Ctiboř 152
0%
Jihomoravský Znojmo Ctidružice 297
0%
Středočeský Mladá Boleslav Ctiměřice 143
0%
Ústecký Roudnice nad Labem Ctiněves 369
0%
Liberecký Turnov Čtveřín 564
0%
Středočeský Benešov Čtyřkoly 719
0%
Jihomoravský Pohořelice Cvrčovice 646
0%
Středočeský Kladno Cvrčovice 759
0%
Karlovarský Karlovy Vary Dalovice 1 986
0%
Středočeský Mladá Boleslav Dalovice 265
0%
Jihomoravský Moravský Krumlov Damnice 359
0%
Pardubický Lanškroun Damníkov 694
0%
Moravskoslezský Hlučín Darkovice 1 356
0%
Olomoucký Olomouc Daskabát 621
0%
Karlovarský Sokolov Dasnice 274
0%
Jihočeský České Budějovice Dasný 345
0%
Ústecký Lovosice Děčany 394
0%
Vysočina Moravské Budějovice Dědice 127
0%
Pardubický Hlinsko Dědová 137
0%
Vysočina Pelhřimov Dehtáře 113
0%
Středočeský Vlašim Děkanovice 60
0%
Středočeský Rakovník Děkov 220
0%
Karlovarský Karlovy Vary Děpoltovice 394
0%
Vysočina Moravské Budějovice Dešov 429
0%
Ústecký Žatec Deštnice 201
0%
Jihomoravský Vyškov Dětkovice 271
0%
Olomoucký Prostějov Dětkovice 534
0%
Pardubický Moravská Třebová Dětřichov u Moravské Třebové 190
0%
Královéhradecký Jičín Dílce 59
0%
Plzeňský Domažlice Díly 391
0%
Jihočeský Soběslav Dírná 410
0%
Moravskoslezský Krnov Dívčí Hrad 299
0%
Jihočeský Jindřichův Hradec Dívčí Kopy 72
0%
Královéhradecký Hradec Králové Divec 247
0%
Středočeský Benešov Divišov 1 762
0%
Ústecký Lovosice Dlažkovice 122
0%
Plzeňský Klatovy Dlažov 487
0%
Vysočina Jihlava Dlouhá Brtnice 381
0%
Moravskoslezský Bruntál Dlouhá Stráň 91
0%
Vysočina Nové Město na Moravě Dlouhé 258
0%
Olomoucký Šumperk Dlouhomilov 489
0%
Plzeňský Tachov Dlouhý Újezd 398
0%
Plzeňský Stod Dnešice 844
0%
Jihomoravský Moravský Krumlov Dobelice 261
0%
Ústecký Děčín Dobkovice 657
0%
Moravskoslezský Frýdek-Místek Dobratice 1 312
0%
Královéhradecký Hořice Dobrá Voda u Hořic 591
0%
Vysočina Pacov Dobrá Voda u Pacova 96
0%
Olomoucký Přerov Dobrčice 232
0%
Středočeský Říčany Dobřejovice 1 239
0%
Královéhradecký Hradec Králové Dobřenice 586
0%
Jihomoravský Mikulov Dobré Pole 461
0%
Jihomoravský Moravský Krumlov Dobřínsko 389
0%
Zlínský Zlín Dobrkovice 245
0%
Ústecký Děčín Dobrná 431
0%
Jihomoravský Bučovice Dobročkovice 229
0%
Středočeský Brandýs n. Lab.-St.Boleslav Dobročovice 329
0%
Jihočeský Dačice Dobrohošť 46
0%
Ústecký Louny Dobroměřice 1 400
0%
Olomoucký Prostějov Dobromilice 836
0%
Jihočeský Tábor Dobronice u Bechyně 104
0%
Moravskoslezský Hlučín Dobroslavice 761
0%
Vysočina Jihlava Dobroutov 296
0%
Středočeský Čáslav Dobrovítov 110
0%
Středočeský Černošice Dobrovíz 562
0%
Plzeňský Sušice Dobršín 101
0%
Jihočeský Týn nad Vltavou Dobšice 121
0%
Jihomoravský Znojmo Dobšice 2 418
0%
Středočeský Poděbrady Dobšice 247
0%
Středočeský Mladá Boleslav Dobšín 281
0%
Ústecký Litoměřice Dolánky nad Ohří 276
0%
Středočeský Kralupy nad Vltavou Dolany nad Vltavou 935
0%
Plzeňský Přeštice Dolce 289
0%
Jihomoravský Moravský Krumlov Dolenice 134
0%
Plzeňský Kralovice Dolní Bělá 465
0%
Středočeský Mělník Dolní Beřkovice 1 503
0%
Pardubický Chrudim Dolní Bezděkov 226
0%
Královéhradecký Vrchlabí Dolní Branná 1 000
0%
Středočeský Černošice Dolní Břežany 4 399
0%
Královéhradecký Dvůr Králové nad Labem Dolní Brusnice 407
0%
Středočeský Kolín Dolní Chvatliny 487
0%
Moravskoslezský Frýdek-Místek Dolní Domaslavice 1 392
0%
Jihomoravský Moravský Krumlov Dolní Dubňany 483
0%
Královéhradecký Vrchlabí Dolní Dvůr 273
0%
Ústecký Děčín Dolní Habartice 586
0%
Středočeský Příbram Dolní Hbity 902
0%
Vysočina Velké Meziříčí Dolní Heřmanice 527
0%
Jihočeský Tábor Dolní Hořice 839
0%
Jihočeský Tábor Dolní Hrachovice 133
0%
Plzeňský Kralovice Dolní Hradiště 66
0%
Středočeský Vlašim Dolní Kralovice 890
0%
Středočeský Mnichovo Hradiště Dolní Krupá 250
0%
Vysočina Havlíčkův Brod Dolní Krupá 429
0%
Královéhradecký Vrchlabí Dolní Lánov 781
0%
Vysočina Moravské Budějovice Dolní Lažany 150
0%
Vysočina Velké Meziříčí Dolní Libochová 152
0%
Královéhradecký Jičín Dolní Lochov 46
0%
Moravskoslezský Jablunkov Dolní Lomná 923
0%
Plzeňský Přeštice Dolní Lukavice 1 018
0%
Moravskoslezský Bohumín Dolní Lutyně 5 298
0%
Moravskoslezský Rýmařov Dolní Moravice 387
0%
Zlínský Uherský Brod Dolní Němčí 2 958
0%
Olomoucký Lipník nad Bečvou Dolní Nětčice 245
0%
Karlovarský Sokolov Dolní Nivy 354
0%
Jihočeský Písek Dolní Novosedly 249
0%
Královéhradecký Trutnov Dolní Olešnice 377
0%
Jihočeský Jindřichův Hradec Dolní Pěna 396
0%
Ústecký Varnsdorf Dolní Podluží 1 173
0%
Středočeský Kutná Hora Dolní Pohleď 99
0%
Královéhradecký Hradec Králové Dolní Přím 734
0%
Liberecký Frýdlant Dolní Řasnice 532
0%
Karlovarský Sokolov Dolní Rychnov 1 316
0%
Vysočina Chotěboř Dolní Sokolovec 86
0%
Olomoucký Šumperk Dolní Studénky 1 378
0%
Olomoucký Hranice Dolní Těšice 70
0%
Moravskoslezský Frýdek-Místek Dolní Tošanovice 353
0%
Jihočeský Český Krumlov Dolní Třebonín 1 348
0%
Vysočina Třebíč Dolní Vilémovice 430
0%
Vysočina Telč Dolní Vilímeč 105
0%
Ústecký Ústí nad Labem Dolní Zálezly 582
0%
Karlovarský Cheb Dolní Žandov 1 234
0%
Jihočeský Jindřichův Hradec Dolní Žďár 151
0%
Středočeský Mělník Dolní Zimoř 94
0%
Moravskoslezský Opava Dolní Životice 1 037
0%
Vysočina Moravské Budějovice Domamil 317
0%
Jihočeský Třeboň Domanín 386
0%
Jihomoravský Kyjov Domanín 1 017
0%
Středočeský Kolín Dománovice 109
0%
Ústecký Kadaň Domašín 191
0%
Olomoucký Šternberk Domašov u Šternberka 345
0%
Plzeňský Sušice Domoraz 55
0%
Ústecký Louny Domoušice 656
0%
Jihočeský Jindřichův Hradec Doňov 84
0%
Středočeský Říčany Doubek 497
0%
Ústecký Rumburk Doubice 112
0%
Středočeský Český Brod Doubravčice 961
0%
Středočeský Mladá Boleslav Doubravička 158
0%
Zlínský Zlín Doubravy 588
0%
Karlovarský Ostrov Doupovské Hradiště 164
0%
Jihočeský Strakonice Drachkov 195
0%
Jihočeský Soběslav Dráchov 230
0%
Olomoucký Olomouc Drahanovice 1 763
0%
Olomoucký Prostějov Drahany 517
0%
Středočeský Černošice Drahelčice 1 229
0%
Středočeský Příbram Drahenice 160
0%
Plzeňský Blovice Drahkov 142
0%
Středočeský Příbram Drahlín 563
0%
Středočeský Benešov Drahňovice 107
0%
Středočeský Kolín Drahobudice 255
0%
Ústecký Litoměřice Drahobuz 280
0%
Jihočeský Vodňany Drahonice 371
0%
Jihomoravský Tišnov Drahonín 119
0%
Plzeňský Rokycany Drahoňův Újezd 130
0%
Jihočeský České Budějovice Drahotěšice 335
0%
Plzeňský Domažlice Drahotín 191
0%
Středočeský Rakovník Drahouš 81
0%
Jihočeský Soběslav Drahov 151
0%
Plzeňský Kralovice Dražeň 155
0%
Plzeňský Domažlice Draženov 425
0%
Jihočeský Tábor Dražičky 168
0%
Jihomoravský Kyjov Dražůvky 267
0%
Jihočeský Strakonice Dřešín 322
0%
Středočeský Kladno Dřetovice 470
0%
Středočeský Brandýs n. Lab.-St.Boleslav Dřevčice 796
0%
Královéhradecký Jičín Dřevěnice 256
0%
Středočeský Dobříš Drevníky 341
0%
Olomoucký Prostějov Dřevnovice 489
0%
Olomoucký Přerov Dřevohostice 1 523
0%
Jihočeský Tábor Drhovice 222
0%
Jihočeský Písek Drhovle 576
0%
Středočeský Dobříš Drhovy 265
0%
Středočeský Kralupy nad Vltavou Dřínov 482
0%
Středočeský Slaný Dřínov 344
0%
Zlínský Kroměříž Dřínov 432
0%
Jihočeský České Budějovice Dříteň 1 697
0%
Středočeský Slaný Drnek 176
0%
Jihomoravský Mikulov Drnholec 1 851
0%
Středočeský Čáslav Drobovice 402
0%
Jihočeský Strakonice Droužetice 140
0%
Olomoucký Zábřeh Drozdov 352
0%
Středočeský Hořovice Drozdov 780
0%
Jihočeský Prachatice Drslavice 93
0%
Zlínský Uherský Brod Drslavice 505
0%
Vysočina Světlá nad Sázavou Druhanov 163
0%
Jihočeský Jindřichův Hradec Drunče 52
0%
Středočeský Kladno Družec 1 078
0%
Plzeňský Nýřany Druztová 816
0%
Olomoucký Prostějov Držovice 1 473
0%
Olomoucký Litovel Dubčany 252
0%
Olomoucký Zábřeh Dubicko 1 102
0%
Jihočeský České Budějovice Dubičné 410
0%
Středočeský Sedlčany Dublovice 1 092
0%
Vysočina Pelhřimov Dubovice 81
0%
Vysočina Jihlava Dudín 189
0%
Vysočina Pacov Důl 51
0%
Jihočeský Třeboň Dunajovice 217
0%
Středočeský Vlašim Dunice 68
0%
Vysočina Jihlava Dušejov 477
0%
Pardubický Chrudim Dvakačovice 179
0%
Jihočeský Třeboň Dvory nad Lužnicí 358
0%
Jihomoravský Znojmo Dyjákovičky 575
0%
Jihomoravský Znojmo Dyje 486
0%
Vysočina Telč Dyjice 133
0%
Středočeský Poděbrady Dymokury 887
0%
Plzeňský Plzeň Dýšina 1 857
0%
Jihomoravský Moravský Krumlov Džbánice 136
0%
Pardubický Vysoké Mýto Džbánov 359
0%
Jihočeský Třeboň Frahelž 151
0%
Ústecký Děčín Františkov nad Ploučnicí 382
0%
Pardubický Moravská Třebová Gruna 231
0%
Středočeský Kolín Grunta 82
0%
Liberecký Frýdlant Habartice 504
0%
Karlovarský Sokolov Habartov 4 845
0%
Jihomoravský Blansko Habrůvka 438
0%
Olomoucký Konice Hačky 121
0%
Jihočeský Jindřichův Hradec Hadravova Rosička 57
0%
Jihočeský Blatná Hajany 146
0%
Jihomoravský Šlapanice Hajany 638
0%
Středočeský Příbram Háje 530
0%
Jihočeský Vodňany Hájek 46
0%
Karlovarský Ostrov Hájek 641
0%
Liberecký Semily Háje nad Jizerou 680
0%
Královéhradecký Trutnov Hajnice 1 058
0%
Ústecký Teplice Háj u Duchcova 1 318
0%
Zlínský Valašské Klobouky Haluzice 86
0%
Plzeňský Tachov Halže 960
0%
Vysočina Žďár nad Sázavou Hamry nad Sázavou 1 619
0%
Olomoucký Litovel Haňovice 450
0%
Pardubický Moravská Třebová Hartinkov 52
0%
Jihočeský Týn nad Vltavou Hartmanice 191
0%
Pardubický Polička Hartmanice 281
0%
Plzeňský Sušice Hartmanice 944
0%
Vysočina Náměšť nad Oslavou Hartvíkovice 550
0%
Jihočeský Tábor Haškovcova Lhota 69
0%
Jihočeský Jindřichův Hradec Hatín 223
0%
Královéhradecký Trutnov Havlovice 981
0%
Ústecký Most Havraň 720
0%
Jihomoravský Znojmo Havraníky 329
0%
Plzeňský Horažďovice Hejná 161
0%
Královéhradecký Broumov Hejtmánkovice 610
0%
Vysočina Třebíč Heraltice 356
0%
Středočeský Říčany Herink 952
0%
Jihočeský Dačice Heřmaneč 88
0%
Královéhradecký Jaroměř Heřmanice 423
0%
Liberecký Frýdlant Heřmanice 277
0%
Vysočina Chotěboř Heřmanice 47
0%
Moravskoslezský Odry Heřmanice u Oder 357
0%
Středočeský Votice Heřmaničky 717
0%
Královéhradecký Broumov Heřmánkovice 495
0%
Moravskoslezský Odry Heřmánky 167
0%
Moravskoslezský Krnov Heřmanovice 308
0%
Moravskoslezský Nový Jičín Hladké Životice 1 004
0%
Vysočina Jihlava Hladov 170
0%
Jihočeský Tábor Hlasivo 147
0%
Jihočeský České Budějovice Hlavatce 151
0%
Jihočeský Soběslav Hlavatce 406
0%
Pardubický Přelouč Hlavečník 275
0%
Liberecký Liberec Hlavice 228
0%
Moravskoslezský Opava Hlavnice 658
0%
Jihomoravský Ivančice Hlína 305
0%
Plzeňský Kralovice Hlince 74
0%
Moravskoslezský Krnov Hlinka 190
0%
Ústecký Litoměřice Hlinná 270
0%
Středočeský Kutná Hora Hlízov 625
0%
Plzeňský Horšovský Týn Hlohová 287
0%
Plzeňský Horšovský Týn Hlohovčice 174
0%
Plzeňský Rokycany Hlohovice 335
0%
Moravskoslezský Opava Hlubočec 574
0%
Jihomoravský Tišnov Hluboké Dvory 91
0%
Jihomoravský Znojmo Hluboké Mašůvky 868
0%
Středočeský Příbram Hlubyně 149
0%
Olomoucký Prostějov Hluchov 350
0%
Jihočeský Strakonice Hlupín 91
0%
Královéhradecký Nový Bydžov Hlušice 726
0%
Olomoucký Olomouc Hlušovice 961
0%
Plzeňský Klatovy Hnačov 95
0%
Jihomoravský Znojmo Hnanice 372
0%
Královéhradecký Hradec Králové Hněvčeves 164
0%
Plzeňský Nýřany Hněvnice 119
0%
Moravskoslezský Opava Hněvošice 1 011
0%
Olomoucký Olomouc Hněvotín 1 870
0%
Olomoucký Šternberk Hnojice 614
0%
Středočeský Slaný Hobšovice 351
0%
Jihočeský Tábor Hodětín 99
0%
Vysočina Jihlava Hodice 736
0%
Vysočina Žďár nad Sázavou Hodíškov 160
0%
Jihočeský Tábor Hodonice 132
0%
Jihomoravský Znojmo Hodonice 1 797
0%
Vysočina Třebíč Hodov 300
0%
Vysočina Humpolec Hojanovice 99
0%
Vysočina Jihlava Hojkov 149
0%
Vysočina Pelhřimov Hojovice 75
0%
Moravskoslezský Krnov Holčovice 717
0%
Ústecký Žatec Holedeč 606
0%
Liberecký Turnov Holenice 100
0%
Pardubický Hlinsko Holetín 816
0%
Královéhradecký Hradec Králové Holohlavy 918
0%
Pardubický Přelouč Holotín 63
0%
Plzeňský Rokycany Holoubkov 1 451
0%
Královéhradecký Hořice Holovousy 544
0%
Plzeňský Kralovice Holovousy 53
0%
Jihomoravský Blansko Holštejn 150
0%
Plzeňský Stod Holýšov 5 152
0%
Jihočeský České Budějovice Homole 1 621
0%
Ústecký Ústí nad Labem Homole u Panny 366
0%
Zlínský Kroměříž Honětice 81
0%
Plzeňský Stod Honezovice 260
0%
Středočeský Nymburk Hořany 166
0%
Plzeňský Domažlice Hora Svatého Václava 63
0%
Ústecký Litvínov Hora Svaté Kateřiny 438
0%
Středočeský Nymburk Hořátev 821
0%
Středočeský Příbram Horčápsko 87
0%
Královéhradecký Jaroměř Hořenice 151
0%
Vysočina Pelhřimov Hořepník 640
0%
Středočeský Rakovník Hořesedly 425
0%
Středočeský Slaný Hořešovičky 138
0%
Královéhradecký Hradec Králové Hořiněves 704
0%
Středočeský Čáslav Horka I 388
0%
Středočeský Kutná Hora Horka II 382
0%
Liberecký Jilemnice Horka u Staré Paky 234
0%
Plzeňský Kralovice Horní Bělá 592
0%
Středočeský Kladno Horní Bezděkov 708
0%
Moravskoslezský Havířov Horní Bludovice 2 490
0%
Jihomoravský Hustopeče Horní Bojanovice 675
0%
Liberecký Jilemnice Horní Branná 1 897
0%
Jihomoravský Znojmo Horní Břečkov 271
0%
Královéhradecký Dvůr Králové nad Labem Horní Brusnice 436
0%
Středočeský Mnichovo Hradiště Horní Bukovina 240
0%
Moravskoslezský Frýdek-Místek Horní Domaslavice 942
0%
Vysočina Jihlava Horní Dubenky 600
0%
Jihomoravský Moravský Krumlov Horní Dubňany 285
0%
Jihomoravský Znojmo Horní Dunajovice 627
0%
Ústecký Děčín Horní Habartice 418
0%
Pardubický Lanškroun Horní Heřmanice 462
0%
Vysočina Třebíč Horní Heřmanice 141
0%
Plzeňský Stod Horní Kamenice 252
0%
Jihočeský Týn nad Vltavou Horní Kněžeklady 106
0%
Plzeňský Stříbro Horní Kozolupy 266
0%
Vysočina Havlíčkův Brod Horní Krupá 591
0%
Středočeský Kolín Horní Kruty 516
0%
Vysočina Velké Meziříčí Horní Libochová 197
0%
Olomoucký Šternberk Horní Loděnice 335
0%
Moravskoslezský Jablunkov Horní Lomná 374
0%
Plzeňský Přeštice Horní Lukavice 469
0%
Královéhradecký Trutnov Horní Maršov 962
0%
Jihočeský Dačice Horní Meziříčko 113
0%
Vysočina Telč Horní Myslová 96
0%
Zlínský Uherský Brod Horní Němčí 818
0%
Jihočeský Dačice Horní Němčice 75
0%
Olomoucký Lipník nad Bečvou Horní Nětčice 212
0%
Královéhradecký Trutnov Horní Olešnice 311
0%
Vysočina Světlá nad Sázavou Horní Paseka 73
0%
Jihočeský Jindřichův Hradec Horní Pěna 590
0%
Středočeský Mělník Horní Počaply 1 258
0%
Ústecký Varnsdorf Horní Podluží 807
0%
Jihočeský Strakonice Horní Poříčí 299
0%
Jihomoravský Boskovice Horní Poříčí 271
0%
Jihočeský Jindřichův Hradec Horní Radouň 239
0%
Vysočina Velké Meziříčí Horní Radslavice 91
0%
Vysočina Humpolec Horní Rápotice 164
0%
Liberecký Frýdlant Horní Řasnice 239
0%
Ústecký Litoměřice Horní Řepčice 101
0%
Vysočina Bystřice nad Pernštejnem Horní Rožínka 75
0%
Jihočeský Jindřichův Hradec Horní Skrýchov 192
0%
Jihočeský Dačice Horní Slatina 135
0%
Vysočina Třebíč Horní Smrčné 54
0%
Jihomoravský Boskovice Horní Smržov 137
0%
Olomoucký Konice Horní Štěpánov 873
0%
Olomoucký Zábřeh Horní Studénky 343
0%
Moravskoslezský Havířov Horní Suchá 4 367
0%
Olomoucký Hranice Horní Těšice 151
0%
Moravskoslezský Frýdek-Místek Horní Tošanovice 648
0%
Vysočina Třebíč Horní Vilémovice 88
0%
Moravskoslezský Bruntál Horní Životice 347
0%
Jihočeský Blatná Hornosín 80
0%
Jihočeský Písek Horosedly 141
0%
Plzeňský Přeštice Horšice 421
0%
Středočeský Čáslav Horušice 178
0%
Jihočeský České Budějovice Hosín 898
0%
Jihočeský Strakonice Hoslovice 163
0%
Středočeský Slaný Hospozín 544
0%
Jihočeský Jindřichův Hradec Hospříz 423
0%
Zlínský Vsetín Hošťálková 2 252
0%
Moravskoslezský Krnov Hošťálkovy 616
0%
Pardubický Chrudim Hošťalovice 143
0%
Zlínský Uherské Hradiště Hostějov 46
0%
Jihomoravský Moravský Krumlov Hostěradice 1 603
0%
Vysočina Telč Hostětice 129
0%
Zlínský Uherský Brod Hostětín 220
0%
Jihomoravský Znojmo Hostim 417
0%
Středočeský Kralupy nad Vltavou Hostín u Vojkovic 328
0%
Zlínský Zlín Hostišová 548
0%
Středočeský Čáslav Hostovlice 253
0%
Jihomoravský Kyjov Hovorany 2 192
0%
Středočeský Brandýs n. Lab.-St.Boleslav Hovorčovice 2 555
0%
Olomoucký Šumperk Hraběšice 180
0%
Středočeský Čáslav Hraběšín 102
0%
Jihomoravský Znojmo Hrabětice 893
0%
Olomoucký Šumperk Hrabišín 835
0%
Olomoucký Hranice Hrabůvka 317
0%
Jihočeský Třeboň Hrachoviště 77
0%
Olomoucký Prostějov Hradčany-Kobeřice 408
0%
Jihočeský České Budějovice Hradce 108
0%
Zlínský Uherský Brod Hradčovice 1 011
0%
Středočeský Kladno Hradečno 483
0%
Olomoucký Jeseník Hradec-Nová Ves 386
0%
Plzeňský Horažďovice Hradešice 426
0%
Středočeský Český Brod Hradešín 538
0%
Karlovarský Karlovy Vary Hradiště (vojenský újezd) 0
0%
Olomoucký Šternberk Hraničné Petrovice 150
0%
Jihočeský Milevsko Hrazany 275
0%
Olomoucký Prostějov Hrdibořice 213
0%
Středočeský Slaný Hrdlív 505
0%
Středočeský Kladno Hřebeč 2 092
0%
Středočeský Rakovník Hřebečníky 246
0%
Středočeský Hořovice Hředle 390
0%
Středočeský Rakovník Hředle 603
0%
Jihočeský Milevsko Hrejkovice 499
0%
Královéhradecký Kostelec nad Orlicí Hřibiny-Ledská 355
0%
Královéhradecký Dvůr Králové nad Labem Hřibojedy 224
0%
Středočeský Dobříš Hřiměždice 398
0%
Jihočeský Dačice Hříšice 339
0%
Ústecký Louny Hříškov 411
0%
Ústecký Louny Hřivice 637
0%
Zlínský Zlín Hřivínův Újezd 542
0%
Ústecký Roudnice nad Labem Hrobce 692
0%
Ústecký Bílina Hrobčice 1 400
0%
Pardubický Chrudim Hroubovice 348
0%
Vysočina Třebíč Hroznatín 115
0%
Karlovarský Ostrov Hroznětín 2 061
0%
Jihomoravský Veselí nad Moravou Hrubá Vrbka 631
0%
Olomoucký Prostějov Hrubčice 819
0%
Středočeský Nymburk Hrubý Jeseník 585
0%
Středočeský Říčany Hrusice 869
0%
Vysočina Jihlava Hrutov 107
0%
Vysočina Jihlava Hubenov 142
0%
Středočeský Příbram Hudčice 253
0%
Středočeský Beroun Hudlice 1 238
0%
Středočeský Vlašim Hulice 287
0%
Královéhradecký Nový Bydžov Humburky 393
0%
Ústecký Děčín Huntířov 807
0%
Plzeňský Rokycany Hůrky 228
0%
Vysočina Havlíčkův Brod Hurtova Lhota 245
0%
Jihočeský České Budějovice Hůry 615
0%
Olomoucký Šternberk Huzová 568
0%
Jihomoravský Vyškov Hvězdlice 562
0%
Středočeský Benešov Hvězdonice 336
0%
Vysočina Třebíč Hvězdoňovice 114
0%
Olomoucký Konice Hvozd 642
0%
Plzeňský Kralovice Hvozd 250
0%
Středočeský Rakovník Hvozd 170
0%
Plzeňský Domažlice Hvožďany 39
0%
Středočeský Příbram Hvožďany 792
0%
Jihočeský České Budějovice Hvozdec 132
0%
Jihomoravský Kuřim Hvozdec 343
0%
Středočeský Hořovice Hvozdec 254
0%
Zlínský Zlín Hvozdná 1 302
0%
Královéhradecký Hradec Králové Hvozdnice 235
0%
Středočeský Černošice Hvozdnice 540
0%
Vysočina Jihlava Hybrálec 466
0%
Královéhradecký Broumov Hynčice 192
0%
Olomoucký Zábřeh Hynčina 186
0%
Středočeský Beroun Hýskov 2 022
0%
Jihomoravský Kyjov Hýsly 418
0%
Středočeský Mladá Boleslav Jabkenice 451
0%
Jihomoravský Boskovice Jabloňany 400
0%
Královéhradecký Rychnov nad Kněžnou Jahodov 98
0%
Vysočina Moravské Budějovice Jakubov u Moravských Budějovic 648
0%
Zlínský Uherské Hradiště Jalubí 1 820
0%
Jihomoravský Moravský Krumlov Jamolice 440
0%
Vysočina Žďár nad Sázavou Jámy 627
0%
Pardubický Přelouč Jankovice 323
0%
Zlínský Holešov Jankovice 401
0%
Zlínský Uherské Hradiště Jankovice 452
0%
Olomoucký Šumperk Janoušov 44
0%
Zlínský Vsetín Janová 768
0%
Liberecký Liberec Janovice v Podještědí 92
0%
Ústecký Děčín Janská 214
0%
Liberecký Liberec Janův Důl 170
0%
Pardubický Moravská Třebová Janůvky 59
0%
Zlínský Valašské Meziříčí Jarcová 857
0%
Zlínský Kroměříž Jarohněvice 308
0%
Pardubický Litomyšl Jarošov 189
0%
Jihočeský Jindřichův Hradec Jarošov nad Nežárkou 1 088
0%
Plzeňský Blovice Jarov 211
0%
Plzeňský Kralovice Jarov 142
0%
Středočeský Slaný Jarpice 287
0%
Vysočina Náměšť nad Oslavou Jasenice 173
0%
Vysočina Nové Město na Moravě Javorek 105
0%
Jihomoravský Rosice Javůrek 339
0%
Vysočina Světlá nad Sázavou Jedlá 86
0%
Jihočeský Tábor Jedlany 84
0%
Středočeský Slaný Jedomělice 427
0%
Pardubický Přelouč Jedousov 168
0%
Ústecký Lovosice Jenčice 324
0%
Královéhradecký Hradec Králové Jeníkovice 486
0%
Pardubický Přelouč Jeníkovice 245
0%
Karlovarský Karlovy Vary Jenišov 1 057
0%
Liberecký Turnov Jenišovice 1 237
0%
Pardubický Chrudim Jenišovice 441
0%
Středočeský Brandýs n. Lab.-St.Boleslav Jenštejn 1 405
0%
Vysočina Chotěboř Jeřišno 273
0%
Vysočina Jihlava Jersín 190
0%
Olomoucký Konice Jesenec 296
0%
Liberecký Semily Jesenný 479
0%
Středočeský Votice Ješetice 128
0%
Středočeský Kolín Jestřabí Lhota 534
0%
Liberecký Jilemnice Jestřabí v Krkonoších 237
0%
Středočeský Mělník Jeviněves 247
0%
Moravskoslezský Opava Jezdkovice 248
0%
Vysočina Jihlava Jezdovice 240
0%
Vysočina Jihlava Ježená 123
0%
Jihomoravský Moravský Krumlov Jezeřany-Maršovice 794
0%
Olomoucký Lipník nad Bečvou Jezernice 664
0%
Plzeňský Klatovy Ježovy 228
0%
Jihočeský Milevsko Jickovice 126
0%
Vysočina Jihlava Jihlávka 198
0%
Středočeský Nymburk Jíkev 341
0%
Liberecký Železný Brod Jílové u Držkova 221
0%
Středočeský Černošice Jíloviště 693
0%
Ústecký Louny Jimlín 898
0%
Středočeský Příbram Jince 2 301
0%
Jihočeský Strakonice Jinín 211
0%
Středočeský Černošice Jinočany 2 048
0%
Královéhradecký Jičín Jinolice 191
0%
Vysočina Náměšť nad Oslavou Jinošov 243
0%
Vysočina Moravské Budějovice Jiratice 72
0%
Jihomoravský Moravský Krumlov Jiřice u Miroslavi 459
0%
Jihomoravský Znojmo Jiřice u Moravských Budějovic 55
0%
Vysočina Chotěboř Jitkov 236
0%
Středočeský Hořovice Jivina 197
0%
Středočeský Mnichovo Hradiště Jivina 474
0%
Královéhradecký Trutnov Jívka 574
0%
Jihočeský České Budějovice Jivno 375
0%
Vysočina Velké Meziříčí Jívoví 288
0%
Středočeský Nymburk Jizbice 375
0%
Královéhradecký Jičín Kacákova Lhota 174
0%
Karlovarský Sokolov Kaceřov 434
0%
Plzeňský Nýřany Kaceřov 149
0%
Středočeský Kladno Kačice 1 248
0%
Jihočeský Jindřichův Hradec Kačlehy 106
0%
Středočeský Mělník Kadlín 147
0%
Vysočina Velké Meziříčí Kadolec 166
0%
Jihočeský Blatná Kadov 377
0%
Jihomoravský Moravský Krumlov Kadov 155
0%
Vysočina Nové Město na Moravě Kadov 163
0%
Jihočeský Český Krumlov Kájov 1 870
0%
Ústecký Chomutov Kalek 234
0%
Jihočeský Strakonice Kalenice 87
0%
Vysočina Jihlava Kalhov 130
0%
Středočeský Rakovník Kalivody 104
0%
Jihomoravský Tišnov Kaly 286
0%
Středočeský Vlašim Kamberk 143
0%
Plzeňský Rokycany Kamenec 69
0%
Pardubický Polička Kamenec u Poličky 551
0%
Pardubický Žamberk Kameničná 328
0%
Vysočina Světlá nad Sázavou Kamenná Lhota 263
0%
Středočeský Kladno Kamenné Žehrovice 1 727
0%
Jihočeský Jindřichův Hradec Kamenný Malíkov 71
0%
Středočeský Slaný Kamenný Most 419
0%
Jihomoravský Šlapanice Kanice 1 056
0%
Plzeňský Domažlice Kanice 198
0%
Plzeňský Domažlice Kaničky 29
0%
Středočeský Mělník Kanina 88
0%
Moravskoslezský Frýdek-Místek Kaňovice 331
0%
Zlínský Zlín Kaňovice 276
0%
Královéhradecký Hradec Králové Káranice 206
0%
Středočeský Brandýs n. Lab.-St.Boleslav Káraný 782
0%
Pardubický Svitavy Karle 409
0%
Středočeský Černošice Karlík 559
0%
Jihomoravský Hodonín Karlín 226
0%
Středočeský Rakovník Karlova Ves 136
0%
Pardubický Pardubice Kasalice 212
0%
Zlínský Zlín Kašava 950
0%
Plzeňský Nepomuk Kasejovice 1 316
0%
Jihomoravský Hustopeče Kašnice 199
0%
Moravskoslezský Kopřivnice Kateřinice 668
0%
Zlínský Vsetín Kateřinice 1 036
0%
Středočeský Mladá Boleslav Katusice 843
0%
Plzeňský Nýřany Kbelany 112
0%
Vysočina Moravské Budějovice Kdousov 124
0%
Ústecký Lovosice Keblice 367
0%
Středočeský Vlašim Keblov 184
0%
Plzeňský Horažďovice Kejnice 106
0%
Vysočina Humpolec Kejžlice 424
0%
Jihomoravský Kyjov Kelčany 247
0%
Jihomoravský Ivančice Ketkovice 610
0%
Plzeňský Rokycany Klabava 470
0%
Zlínský Valašské Meziříčí Kladeruby 451
0%
Vysočina Náměšť nad Oslavou Kladeruby nad Oslavou 201
0%
Olomoucký Konice Kladky 346
0%
Olomoucký Lipník nad Bečvou Kladníky 151
0%
Pardubický Přelouč Kladruby nad Labem 623
0%
Královéhradecký Hradec Králové Klamoš 408
0%
Ústecký Lovosice Klapý 480
0%
Středočeský Kolín Klášterní Skalice 128
0%
Královéhradecký Vrchlabí Klášterská Lhota 225
0%
Vysočina Telč Klatovec 73
0%
Ústecký Roudnice nad Labem Kleneč 528
0%
Plzeňský Klatovy Klenová 102
0%
Jihočeský Soběslav Klenovice 662
0%
Olomoucký Prostějov Klenovice na Hané 854
0%
Středočeský Brandýs n. Lab.-St.Boleslav Klíčany 551
0%
Moravskoslezský Ostrava Klimkovice 4 498
0%
Středočeský Černošice Klínec 761
0%
Ústecký Litvínov Klíny 159
0%
Liberecký Turnov Klokočí 196
0%
Olomoucký Hranice Klokočí 253
0%
Středočeský Říčany Klokočná 281
0%
Vysočina Chotěboř Klokočov 119
0%
Olomoucký Mohelnice Klopina 623
0%
Olomoucký Prostějov Klopotovice 284
0%
Středočeský Sedlčany Klučenice 469
0%
Středočeský Mělník Kly 1 563
0%
Středočeský Slaný Kmetiněves 292
0%
Jihomoravský Veselí nad Moravou Kněždub 1 092
0%
Jihomoravský Boskovice Kněževes 170
0%
Středočeský Černošice Kněževes 626
0%
Středočeský Rakovník Kněževes 1 046
0%
Vysočina Žďár nad Sázavou Kněževes 157
0%
Středočeský Poděbrady Kněžičky 176
0%
Zlínský Uherské Hradiště Kněžpole 1 110
0%
Středočeský Sedlčany Kňovice 335
0%
Středočeský Slaný Knovíz 571
0%
Vysočina Havlíčkův Brod Knyk 438
0%
Vysočina Humpolec Koberovice 162
0%
Olomoucký Jeseník Kobylá nad Vidnavkou 374
0%
Jihomoravský Šlapanice Kobylnice 1 189
0%
Středočeský Kutná Hora Kobylnice 200
0%
Středočeský Mladá Boleslav Kobylnice 150
0%
Jihočeský Blatná Kocelovice 157
0%
Vysočina Havlíčkův Brod Kochánov 178
0%
Pardubický Chrudim Kočí 665
0%
Plzeňský Kralovice Kočín 120
0%
Pardubický Svitavy Koclířov 712
0%
Plzeňský Tachov Kočov 226
0%
Královéhradecký Dvůr Králové nad Labem Kohoutov 259
0%
Vysočina Moravské Budějovice Kojatice 250
0%
Vysočina Třebíč Kojatín 89
0%
Jihomoravský Bučovice Kojátky 332
0%
Vysočina Pelhřimov Kojčice 325
0%
Plzeňský Stříbro Kokašice 273
0%
Pardubický Vysoké Mýto Koldín 372
0%
Plzeňský Sušice Kolinec 1 474
0%
Středočeský Mladá Boleslav Kolomuty 421
0%
Karlovarský Karlovy Vary Kolová 791
0%
Plzeňský Domažlice Koloveč 984
0%
Olomoucký Zábřeh Kolšov 714
0%
Jihočeský České Budějovice Komařice 357
0%
Zlínský Bystřice pod Hostýnem Komárno 274
0%
Vysočina Moravské Budějovice Komárovice 111
0%
Vysočina Humpolec Komorovice 209
0%
Středočeský Vlašim Kondrac 522
0%
Středočeský Beroun Koněprusy 249
0%
Vysočina Třebíč Koněšín 506
0%
Plzeňský Kralovice Kopidlo 139
0%
Olomoucký Šumperk Kopřivná 296
0%
Jihomoravský Boskovice Kořenec 359
0%
Středočeský Kolín Kořenice 630
0%
Středočeský Dobříš Korkyně 131
0%
Plzeňský Rokycany Kornatice 227
0%
Středočeský Beroun Korno 125
0%
Jihomoravský Znojmo Korolupy 157
0%
Pardubický Polička Korouhev 801
0%
Vysočina Bystřice nad Pernštejnem Koroužné 260
0%
Ústecký Most Korozluky 222
0%
Plzeňský Kralovice Koryta 133
0%
Středočeský Mnichovo Hradiště Koryta 92
0%
Zlínský Uherský Brod Korytná 944
0%
Moravskoslezský Třinec Košařiska 372
0%
Jihočeský Tábor Košice 788
0%
Královéhradecký Hradec Králové Kosice 344
0%
Středočeský Kutná Hora Košice 58
0%
Královéhradecký Hradec Králové Kosičky 344
0%
Středočeský Nymburk Košík 364
0%
Zlínský Uherské Hradiště Košíky 410
0%
Jihočeský Tábor Košín 90
0%
Středočeský Mladá Boleslav Kosořice 517
0%
Středočeský Sedlčany Kosova Hora 1 357
0%
Ústecký Teplice Košťany 3 209
0%
Zlínský Kroměříž Kostelany 614
0%
Zlínský Uherské Hradiště Kostelany nad Moravou 913
0%
Jihočeský Milevsko Kostelec nad Vltavou 396
0%
Pardubický Chrudim Kostelec u Heřmanova Městce 361
0%
Zlínský Holešov Kostelec u Holešova 1 012
0%
Středočeský Říčany Kostelec u Křížků 729
0%
Středočeský Nymburk Kostelní Lhota 862
0%
Vysočina Telč Kostelní Myslová 67
0%
Jihočeský Jindřichův Hradec Kostelní Radouň 299
0%
Vysočina Moravské Budějovice Kostníky 192
0%
Středočeský Nymburk Kostomlátky 317
0%
Ústecký Roudnice nad Labem Kostomlaty pod Řípem 435
0%
Středočeský Příbram Kotenčice 198
0%
Vysočina Žďár nad Sázavou Kotlasy 106
0%
Středočeský Hořovice Kotopeky 306
0%
Plzeňský Stod Kotovice 309
0%
Jihomoravský Blansko Kotvrdovice 920
0%
Královéhradecký Dobruška Kounov 236
0%
Středočeský Rakovník Kounov 570
0%
Středočeský Příbram Koupě 121
0%
Plzeňský Domažlice Kout na Šumavě 1 120
0%
Středočeský Poděbrady Kouty 330
0%
Vysočina Světlá nad Sázavou Kouty 199
0%
Vysočina Třebíč Kouty 381
0%
Královéhradecký Jičín Kovač 145
0%
Olomoucký Prostějov Koválovice-Osíčany 274
0%
Středočeský Nymburk Kovanice 884
0%
Ústecký Kadaň Kovářská 996
0%
Plzeňský Horažďovice Kovčín 85
0%
Středočeský Příbram Kozárovice 376
0%
Vysočina Třebíč Kožichovice 443
0%
Jihočeský Písek Kožlí 53
0%
Vysočina Světlá nad Sázavou Kožlí 814
0%
Olomoucký Olomouc Kozlov 226
0%
Vysočina Jihlava Kozlov 480
0%
Vysočina Světlá nad Sázavou Kozlov 220
0%
Vysočina Velké Meziříčí Kozlov 189
0%
Moravskoslezský Frýdek-Místek Kozlovice 3 061
0%
Plzeňský Nepomuk Kozlovice 95
0%
Liberecký Česká Lípa Kozly 158
0%
Ústecký Louny Kozly 122
0%
Královéhradecký Jičín Kozojedy 182
0%
Plzeňský Kralovice Kozojedy 584
0%
Středočeský Rakovník Kozojedy 102
0%
Středočeský Říčany Kozojedy 933
0%
Jihomoravský Veselí nad Moravou Kozojídky 517
0%
Plzeňský Nýřany Kozolupy 1 079
0%
Jihomoravský Bučovice Kožušice 112
0%
Ústecký Roudnice nad Labem Krabčice 889
0%
Vysočina Chotěboř Kraborovice 103
0%
Vysočina Třebíč Krahulov 281
0%
Karlovarský Sokolov Krajková 963
0%
Jihočeský Vodňany Krajníčko 100
0%
Středočeský Rakovník Krakov 144
0%
Středočeský Kolín Krakovany 885
0%
Středočeský Rakovník Krakovec 80
0%
Vysočina Náměšť nad Oslavou Kralice nad Oslavou 1 021
0%
Olomoucký Prostějov Kralice na Hané 1 693
0%
Jihočeský Písek Králova Lhota 201
0%
Královéhradecký Dobruška Králova Lhota 246
0%
Plzeňský Nepomuk Kramolín 111
0%
Vysočina Náměšť nad Oslavou Kramolín 125
0%
Královéhradecký Náchod Kramolna 1 085
0%
Jihočeský Strakonice Kraselov 231
0%
Pardubický Lanškroun Krasíkov 306
0%
Vysočina Pelhřimov Krasíkovice 135
0%
Jihočeský Vodňany Krašlovice 148
0%
Středočeský Sedlčany Krásná Hora nad Vltavou 1 105
0%
Karlovarský Karlovy Vary Krásné Údolí 388
0%
Vysočina Žďár nad Sázavou Krásněves 298
0%
Ústecký Podbořany Krásný Dvůr 658
0%
Karlovarský Ostrov Krásný Les 338
0%
Liberecký Frýdlant Krásný Les 481
0%
Vysočina Telč Krasonice 199
0%
Jihomoravský Blansko Krasová 464
0%
Plzeňský Nýřany Krašovice 354
0%
Jihomoravský Rosice Kratochvilka 472
0%
Královéhradecký Hradec Králové Kratonohy 614
0%
Jihočeský Tábor Krátošice 104
0%
Jihočeský Prachatice Kratušín 43
0%
Jihomoravský Znojmo Kravsko 596
0%
Královéhradecký Kostelec nad Orlicí Krchleby 101
0%
Olomoucký Mohelnice Krchleby 173
0%
Středočeský Čáslav Krchleby 405
0%
Středočeský Nymburk Krchleby 741
0%
Olomoucký Olomouc Krčmaň 487
0%
Vysočina Pelhřimov Křeč 220
0%
Středočeský Kolín Křečhoř 501
0%
Středočeský Poděbrady Křečkov 430
0%
Středočeský Benešov Křečovice 820
0%
Jihočeský Strakonice Krejnice 75
0%
Zlínský Valašské Klobouky Křekov 185
0%
Olomoucký Olomouc Křelov-Břuchotín 1 769
0%
Plzeňský Nýřany Křelovice 234
0%
Vysočina Pelhřimov Křelovice 345
0%
Středočeský Brandýs n. Lab.-St.Boleslav Křenek 284
0%
Plzeňský Klatovy Křenice 202
0%
Středočeský Říčany Křenice 909
0%
Plzeňský Horšovský Týn Křenovy 145
0%
Středočeský Sedlčany Křepenice 186
0%
Jihomoravský Hustopeče Křepice 1 316
0%
Jihomoravský Znojmo Křepice 105
0%
Středočeský Kutná Hora Křesetice 691
0%
Ústecký Litoměřice Křešice 1 434
0%
Středočeský Příbram Křešín 138
0%
Ústecký Lovosice Křesín 339
0%
Vysočina Pelhřimov Křešín 158
0%
Jihomoravský Boskovice Křetín 482
0%
Středočeský Benešov Krhanice 1 059
0%
Jihomoravský Boskovice Krhov 152
0%
Vysočina Třebíč Krhov 182
0%
Zlínský Valašské Meziříčí Krhová 2 037
0%
Jihomoravský Znojmo Krhovice 588
0%
Vysočina Nové Město na Moravě Křídla 366
0%
Jihomoravský Znojmo Křídlůvky 241
0%
Středočeský Nymburk Křinec 1 306
0%
Královéhradecký Broumov Křinice 443
0%
Jihočeský Prachatice Křišťanov 88
0%
Moravskoslezský Bruntál Křišťanovice 250
0%
Středočeský Vlašim Křivsoudov 441
0%
Jihomoravský Vyškov Křižanovice u Vyškova 144
0%
Jihomoravský Tišnov Křižínkov 226
0%
Středočeský Říčany Křížkový Újezdec 270
0%
Karlovarský Cheb Křižovatka 278
0%
Středočeský Benešov Krňany 467
0%
Vysočina Náměšť nad Oslavou Krokočín 211
0%
Liberecký Nový Bor Krompach 168
0%
Středočeský Mladá Boleslav Kropáčova Vrutice 943
0%
Středočeský Rakovník Kroučová 276
0%
Pardubický Hlinsko Krouna 1 429
0%
Vysočina Velké Meziříčí Křoví 616
0%
Plzeňský Nýřany Krsy 244
0%
Jihomoravský Boskovice Křtěnov 211
0%
Olomoucký Přerov Křtomil 419
0%
Jihočeský Tábor Krtov 161
0%
Středočeský Rakovník Krty 108
0%
Jihočeský Strakonice Krty-Hradec 137
0%
Moravskoslezský Vítkov Kružberk 238
0%
Středočeský Kolín Krychnov 104
0%
Ústecký Podbořany Kryry 2 354
0%
Ústecký Kadaň Kryštofovy Hamry 169
0%
Středočeský Český Brod Kšely 226
0%
Plzeňský Stříbro Kšice 233
0%
Jihočeský Prachatice Ktiš 488
0%
Středočeský Beroun Kublov 673
0%
Jihomoravský Moravský Krumlov Kubšice 158
0%
Jihočeský Milevsko Kučeř 184
0%
Jihomoravský Vyškov Kučerov 488
0%
Jihomoravský Znojmo Kuchařovice 906
0%
Zlínský Uherské Hradiště Kudlovice 981
0%
Moravskoslezský Bílovec Kujavy 536
0%
Vysočina Nové Město na Moravě Kuklík 199
0%
Jihomoravský Blansko Kulířov 163
0%
Pardubický Moravská Třebová Kunčina 1 373
0%
Jihomoravský Boskovice Kunčina Ves 57
0%
Vysočina Velké Meziříčí Kundratice 166
0%
Plzeňský Nýřany Kunějovice 162
0%
Vysočina Světlá nad Sázavou Kunemil 112
0%
Jihomoravský Boskovice Kunice 189
0%
Středočeský Říčany Kunice 1 717
0%
Jihomoravský Blansko Kuničky 301
0%
Zlínský Kroměříž Kunkovice 83
0%
Liberecký Frýdlant Kunratice 358
0%
Ústecký Děčín Kunratice 247
0%
Liberecký Nový Bor Kunratice u Cvikova 638
0%
Jihomoravský Ivančice Kupařovice 351
0%
Jihočeský Strakonice Kuřimany 43
0%
Jihomoravský Tišnov Kuřimská Nová Ves 132
0%
Jihomoravský Tišnov Kuřimské Jestřabí 179
0%
Vysočina Náměšť nad Oslavou Kuroslepy 150
0%
Zlínský Holešov Kurovice 268
0%
Středočeský Slaný Kutrovice 112
0%
Jihomoravský Veselí nad Moravou Kuželov 417
0%
Zlínský Kroměříž Kvasice 2 196
0%
Královéhradecký Rychnov nad Kněžnou Kvasiny 1 654
0%
Jihočeský Strakonice Kváskovice 111
0%
Plzeňský Horažďovice Kvášňovice 134
0%
Vysočina Havlíčkův Brod Květinov 229
0%
Pardubický Polička Květná 417
0%
Jihočeský Milevsko Květov 114
0%
Plzeňský Stod Kvíčovice 406
0%
Středočeský Slaný Kvílice 84
0%
Liberecký Česká Lípa Kvítkov 228
0%
Jihočeský České Budějovice Kvítkovice 132
0%
Vysočina Světlá nad Sázavou Kynice 99
0%
Karlovarský Karlovy Vary Kyselka 789
0%
Zlínský Kroměříž Kyselovice 493
0%
Ústecký Roudnice nad Labem Kyškovice 275
0%
Ústecký Děčín Labská Stráň 232
0%
Pardubický Přelouč Labské Chrčice 224
0%
Jihomoravský Kyjov Labuty 171
0%
Zlínský Vsetín Lačnov 848
0%
Ústecký Teplice Lahošť 687
0%
Královéhradecký Trutnov Lampertice 380
0%
Jihomoravský Znojmo Lančov 223
0%
Pardubický Pardubice Lány u Dašic 143
0%
Olomoucký Prostějov Laškov 584
0%
Středočeský Rakovník Lašovice 115
0%
Vysočina Velké Meziříčí Lavičky 578
0%
Pardubický Svitavy Lavičné 116
0%
Jihomoravský Boskovice Lazinov 180
0%
Jihočeský Prachatice Lažiště 310
0%
Středočeský Brandýs n. Lab.-St.Boleslav Lázně Toušeň 1 423
0%
Olomoucký Přerov Lazníčky 199
0%
Olomoucký Přerov Lazníky 542
0%
Středočeský Hořovice Lážovice 113
0%
Středočeský Příbram Lazsko 216
0%
Jihočeský Vimperk Lčovice 149
0%
Středočeský Kralupy nad Vltavou Ledčice 664
0%
Královéhradecký Hradec Králové Lejšovka 226
0%
Olomoucký Prostějov Lešany 385
0%
Středočeský Benešov Lešany 813
0%
Středočeský Příbram Lešetice 200
0%
Vysočina Havlíčkův Brod Leškovice 83
0%
Vysočina Pelhřimov Leskovice 105
0%
Jihomoravský Rosice Lesní Hluboké 280
0%
Vysočina Náměšť nad Oslavou Lesní Jakubov 102
0%
Jihomoravský Moravský Krumlov Lesonice 248
0%
Vysočina Moravské Budějovice Lesonice 479
0%
Olomoucký Zábřeh Leština 1 258
0%
Pardubický Vysoké Mýto Leština 332
0%
Vysočina Světlá nad Sázavou Leština u Světlé 538
0%
Pardubický Chrudim Leštinka 156
0%
Plzeňský Tachov Lestkov 395
0%
Vysočina Třebíč Lesůňky 77
0%
Plzeňský Blovice Letiny 675
0%
Plzeňský Plzeň Letkov 759
0%
Vysočina Náměšť nad Oslavou Lhánice 169
0%
Královéhradecký Náchod Lhota pod Hořičkami 303
0%
Plzeňský Rokycany Lhota pod Radčem 313
0%
Jihomoravský Boskovice Lhota Rapotina 409
0%
Jihomoravský Boskovice Lhota u Lysic 132
0%
Jihomoravský Boskovice Lhota u Olešnice 43
0%
Středočeský Příbram Lhota u Příbramě 483
0%
Vysočina Pelhřimov Lhota-Vlasenice 97
0%
Vysočina Moravské Budějovice Lhotice 147
0%
Ústecký Lovosice Lhotka nad Labem 430
0%
Moravskoslezský Opava Lhotka u Litultovic 203
0%
Plzeňský Rokycany Lhotka u Radnic 60
0%
Zlínský Vizovice Lhotsko 269
0%
Plzeňský Plzeň Lhůta 199
0%
Olomoucký Olomouc Libavá (vojenský újezd) 0
0%
Karlovarský Sokolov Libavské Údolí 537
0%
Ústecký Louny Libčeves 943
0%
Královéhradecký Nové Město nad Metují Libchyně 73
0%
Středočeský Černošice Libčice nad Vltavou 3 476
0%
Pardubický Vysoké Mýto Libecina 175
0%
Ústecký Kadaň Libědice 239
0%
Jihočeský Tábor Libějice 126
0%
Jihočeský Vodňany Libějovice 466
0%
Královéhradecký Rychnov nad Kněžnou Libel 167
0%
Středočeský Kolín Libenice 311
0%
Královéhradecký Rychnov nad Kněžnou Liberk 710
0%
Ústecký Litoměřice Liběšice 1 515
0%
Ústecký Žatec Liběšice 768
0%
Jihočeský Strakonice Libětice 84
0%
Moravskoslezský Nový Jičín Libhošť 1 730
0%
Vysočina Chotěboř Libice nad Doubravou 858
0%
Středočeský Neratovice Libiš 2 283
0%
Pardubický Pardubice Libišany 578
0%
Vysočina Pelhřimov Libkova Voda 257
0%
Ústecký Roudnice nad Labem Libkovice pod Řípem 559
0%
Plzeňský Rokycany Liblín 255
0%
Královéhradecký Trutnov Libňatov 370
0%
Jihočeský České Budějovice Libníč 529
0%
Královéhradecký Hradec Králové Libníkovice 168
0%
Ústecký Žatec Libočany 553
0%
Ústecký Litoměřice Libochovany 566
0%
Středočeský Kladno Libochovičky 70
0%
Středočeský Kolín Libodřice 310
0%
Pardubický Chrudim Liboměřice 153
0%
Středočeský Hořovice Libomyšl 593
0%
Ústecký Žatec Libořice 348
0%
Olomoucký Olomouc Liboš 637
0%
Královéhradecký Jičín Libošovice 512
0%
Ústecký Roudnice nad Labem Libotenice 440
0%
Královéhradecký Dvůr Králové nad Labem Libotov 173
0%
Ústecký Ústí nad Labem Libouchec 1 851
0%
Středočeský Slaný Libovice 382
0%
Moravskoslezský Frenštát pod Radhoštěm Lichnov 1 574
0%
Moravskoslezský Krnov Lichnov 1 027
0%
Středočeský Černošice Lichoceves 388
0%
Pardubický Chrudim Licibořice 255
0%
Vysočina Pelhřimov Lidmaň 284
0%
Pardubický Moravská Třebová Linhartice 619
0%
Královéhradecký Kostelec nad Orlicí Lípa nad Orlicí 572
0%
Olomoucký Uničov Lipinka 198
0%
Pardubický Přelouč Lipoltice 432
0%
Moravskoslezský Krnov Liptaň 457
0%
Středočeský Rakovník Lišany 662
0%
Ústecký Žatec Lišany 159
0%
Plzeňský Stod Líšina 165
0%
Královéhradecký Hořice Lískovice 224
0%
Středočeský Slaný Líský 109
0%
Olomoucký Přerov Líšná 259
0%
Plzeňský Rokycany Líšná 186
0%
Vysočina Nové Město na Moravě Líšná 56
0%
Plzeňský Nýřany Líšťany 742
0%
Ústecký Louny Líšťany 461
0%
Královéhradecký Dvůr Králové nad Labem Litíč 181
0%
Středočeský Benešov Litichovice 70
0%
Královéhradecký Náchod Litoboř 103
0%
Jihomoravský Znojmo Litobratřice 499
0%
Plzeňský Rokycany Litohlavy 546
0%
Vysočina Moravské Budějovice Litohoř 559
0%
Vysočina Pelhřimov Litohošť 58
0%
Pardubický Přelouč Litošice 148
0%
Jihomoravský Rosice Litostrov 139
0%
Vysočina Třebíč Litovany 123
0%
Ústecký Lovosice Lkáň 204
0%
Středočeský Mělník Lobeč 155
0%
Ústecký Rumburk Lobendava 276
0%
Olomoucký Přerov Lobodice 747
0%
Jihočeský Trhové Sviny Ločenice 738
0%
Královéhradecký Hradec Králové Lochenice 609
0%
Plzeňský Nýřany Lochousice 117
0%
Středočeský Hořovice Lochovice 1 328
0%
Jihočeský Jindřichův Hradec Lodhéřov 662
0%
Plzeňský Klatovy Lomec 133
0%
Plzeňský Tachov Lom u Tachova 468
0%
Vysočina Moravské Budějovice Lomy 127
0%
Zlínský Uherský Brod Lopeník 237
0%
Středočeský Kolín Lošany 315
0%
Olomoucký Olomouc Loučany 639
0%
Plzeňský Domažlice Loučim 130
0%
Ústecký Litvínov Louka u Litvínova 689
0%
Středočeský Mnichovo Hradiště Loukovec 353
0%
Vysočina Třebíč Loukovice 121
0%
Plzeňský Blovice Louňová 97
0%
Středočeský Vlašim Louňovice pod Blaníkem 675
0%
Liberecký Železný Brod Loužnice 230
0%
Jihomoravský Slavkov u Brna Lovčičky 710
0%
Vysočina Moravské Budějovice Lovčovice 61
0%
Plzeňský Kralovice Loza 265
0%
Středočeský Benešov Lštění 425
0%
Olomoucký Olomouc Luběnice 503
0%
Pardubický Litomyšl Lubná 945
0%
Středočeský Rakovník Lubná 1 019
0%
Zlínský Kroměříž Lubná 461
0%
Jihomoravský Tišnov Lubné 49
0%
Jihomoravský Znojmo Lubnice 61
0%
Pardubický Lanškroun Lubník 370
0%
Moravskoslezský Odry Luboměř 385
0%
Olomoucký Hranice Luboměř pod Strážnou 128
0%
Moravskoslezský Frýdek-Místek Lučina 1 471
0%
Jihomoravský Boskovice Ludíkov 343
0%
Zlínský Luhačovice Ludkovice 716
0%
Olomoucký Konice Ludmírov 529
0%
Zlínský Holešov Ludslavice 494
0%
Moravskoslezský Bruntál Ludvíkov 282
0%
Ústecký Děčín Ludvíkovice 947
0%
Ústecký Lovosice Lukavec 368
0%
Vysočina Pacov Lukavec 972
0%
Královéhradecký Hořice Lukavec u Hořic 307
0%
Zlínský Kroměříž Lutopecny 591
0%
Středočeský Beroun Lužce 123
0%
Královéhradecký Nový Bydžov Lužec nad Cidlinou 518
0%
Středočeský Mělník Lužec nad Vltavou 1 430
0%
Plzeňský Domažlice Luženičky 405
0%
Středočeský Rakovník Lužná 1 919
0%
Zlínský Vsetín Lužná 616
0%
Královéhradecký Náchod Machov 1 096
0%
Zlínský Zlín Machová 661
0%
Jihočeský Blatná Mačkov 297
0%
Jihomoravský Znojmo Mackovice 374
0%
Jihočeský Prachatice Mahouš 165
0%
Olomoucký Olomouc Majetín 1 203
0%
Jihomoravský Boskovice Makov 44
0%
Pardubický Litomyšl Makov 325
0%
Zlínský Vsetín Malá Bystřice 293
0%
Středočeský Dobříš Malá Hraštice 1 054
0%
Vysočina Žďár nad Sázavou Malá Losenice 269
0%
Jihomoravský Boskovice Malá Roudka 213
0%
Královéhradecký Trutnov Malá Úpa 147
0%
Ústecký Děčín Malá Veleň 447
0%
Středočeský Hořovice Malá Víska 105
0%
Jihomoravský Veselí nad Moravou Malá Vrbka 159
0%
Vysočina Světlá nad Sázavou Malčín 206
0%
Vysočina Chotěboř Maleč 643
0%
Ústecký Ústí nad Labem Malečov 845
0%
Olomoucký Prostějov Malé Hradisko 373
0%
Středočeský Kladno Malé Přítočno 255
0%
Středočeský Kutná Hora Malešov 1 023
0%
Jihomoravský Pohořelice Malešovice 751
0%
Královéhradecký Trutnov Malé Svatoňovice 1 495
0%
Olomoucký Mohelnice Maletín 412
0%
Pardubický Pardubice Malé Výkleky 133
0%
Olomoucký Hranice Malhotice 381
0%
Ústecký Litoměřice Malíč 186
0%
Středočeský Slaný Malíkovice 369
0%
Jihomoravský Bučovice Malínky 138
0%
Středočeský Rakovník Malinová 97
0%
Středočeský Kolín Malotice 359
0%
Jihočeský Prachatice Malovice 657
0%
Jihočeský Tábor Malšice 1 850
0%
Jihočeský Český Krumlov Malšín 163
0%
Ústecký Děčín Malšovice 959
0%
Plzeňský Horažďovice Malý Bor 511
0%
Plzeňský Kralovice Manětín 1 151
0%
Moravskoslezský Odry Mankovice 560
0%
Plzeňský Horažďovice Maňovice 47
0%
Liberecký Nový Bor Mařenice 323
0%
Královéhradecký Jičín Markvartice 491
0%
Ústecký Děčín Markvartice 702
0%
Vysočina Telč Markvartice 198
0%
Vysočina Třebíč Markvartice 284
0%
Moravskoslezský Hlučín Markvartovice 2 128
0%
Jihomoravský Tišnov Maršov 518
0%
Liberecký Jablonec nad Nisou Maršovice 620
0%
Středočeský Benešov Maršovice 755
0%
Královéhradecký Trutnov Maršov u Úpice 183
0%
Ústecký Roudnice nad Labem Martiněves 827
0%
Vysočina Pelhřimov Martinice u Onšova 56
0%
Vysočina Moravské Budějovice Martínkov 256
0%
Královéhradecký Broumov Martínkovice 511
0%
Středočeský Český Brod Masojedy 100
0%
Jihomoravský Znojmo Mašovice 531
0%
Vysočina Třebíč Mastník 233
0%
Ústecký Kadaň Mašťov 564
0%
Jihočeský České Budějovice Mazelov 209
0%
Jihočeský Soběslav Mažice 124
0%
Plzeňský Nepomuk Měcholupy 232
0%
Ústecký Žatec Měcholupy 990
0%
Jihočeský Strakonice Mečichov 279
0%
Plzeňský Klatovy Měčín 1 114
0%
Plzeňský Horšovský Týn Meclov 1 188
0%
Ústecký Kadaň Měděnec 142
0%
Jihomoravský Znojmo Medlice 167
0%
Jihomoravský Židlochovice Medlov 864
0%
Olomoucký Uničov Medlov 1 635
0%
Jihomoravský Vyškov Medlovice 347
0%
Zlínský Uherské Hradiště Medlovice 460
0%
Plzeňský Rokycany Medový Újezd 256
0%
Jihočeský Vodňany Měkynec 48
0%
Jihomoravský Ivančice Mělčany 485
0%
Středočeský Beroun Měňany 308
0%
Vysočina Moravské Budějovice Menhartice 130
0%
Královéhradecký Nový Bydžov Měník 587
0%
Ústecký Děčín Merboltice 212
0%
Karlovarský Ostrov Merklín 936
0%
Plzeňský Přeštice Merklín 1 176
0%
Olomoucký Litovel Měrotín 255
0%
Olomoucký Přerov Měrovice nad Hanou 686
0%
Ústecký Bílina Měrunice 318
0%
Vysočina Jihlava Měšín 270
0%
Plzeňský Rokycany Mešno 81
0%
Plzeňský Domažlice Mezholezy 120
0%
Plzeňský Horšovský Týn Mezholezy 116
0%
Královéhradecký Náchod Mezilečí 135
0%
Královéhradecký Nové Město nad Metují Mezilesí 250
0%
Vysočina Pacov Mezilesí 113
0%
Moravskoslezský Bruntál Mezina 394
0%
Vysočina Moravské Budějovice Meziříčko 87
0%
Vysočina Velké Meziříčí Meziříčko 175
0%
Jihočeský Soběslav Mezná 95
0%
Vysočina Pelhřimov Mezná 156
0%
Středočeský Votice Mezno 368
0%
Středočeský Beroun Mezouň 569
0%
Jihomoravský Boskovice Míchov 178
0%
Jihočeský Prachatice Mičovice 371
0%
Pardubický Chrudim Míčov-Sušice 266
0%
Moravskoslezský Opava Mikolajice 293
0%
Pardubický Svitavy Mikuleč 256
0%
Zlínský Valašské Meziříčí Mikulůvka 803
0%
Vysočina Bystřice nad Pernštejnem Milasín 46
0%
Plzeňský Domažlice Milavče 596
0%
Středočeský Nymburk Milčice 313
0%
Plzeňský Nepomuk Mileč 384
0%
Olomoucký Hranice Milenov 435
0%
Vysočina Velké Meziříčí Milešín 76
0%
Vysočina Jihlava Milíčov 140
0%
Jihomoravský Znojmo Milíčovice 195
0%
Karlovarský Cheb Milíkov 300
0%
Moravskoslezský Jablunkov Milíkov 1 386
0%
Plzeňský Blovice Milínov 210
0%
Plzeňský Tachov Milíře 264
0%
Jihomoravský Blansko Milonice 172
0%
Jihomoravský Bučovice Milonice 353
0%
Jihočeský Strakonice Miloňovice 260
0%
Středočeský Rakovník Milostín 308
0%
Olomoucký Hranice Milotice nad Bečvou 289
0%
Královéhradecký Hořice Milovice u Hořic 307
0%
Středočeský Rakovník Milý 192
0%
Jihočeský Písek Minice 31
0%
Pardubický Hlinsko Miřetice 1 297
0%
Středočeský Vlašim Miřetice 201
0%
Plzeňský Horšovský Týn Mířkov 307
0%
Jihočeský Český Krumlov Mirkovice 465
0%
Jihomoravský Moravský Krumlov Miroslavské Knínice 332
0%
Středočeský Kutná Hora Miskovice 1 111
0%
Zlínský Holešov Míškovice 675
0%
Plzeňský Blovice Míšov 119
0%
Jihočeský Písek Mišovice 273
0%
Ústecký Chomutov Místo 433
0%
Zlínský Uherské Hradiště Mistřice 1 185
0%
Vysočina Humpolec Mladé Bříště 267
0%
Královéhradecký Trutnov Mladé Buky 2 313
0%
Olomoucký Litovel Mladeč 740
0%
Moravskoslezský Opava Mladecko 132
0%
Královéhradecký Jičín Mladějov 520
0%
Olomoucký Šternberk Mladějovice 728
0%
Pardubický Moravská Třebová Mladějov na Moravě 448
0%
Pardubický Chrudim Mladoňovice 345
0%
Vysočina Moravské Budějovice Mladoňovice 406
0%
Plzeňský Nepomuk Mladý Smolivec 697
0%
Královéhradecký Jičín Mlázovice 540
0%
Plzeňský Rokycany Mlečice 299
0%
Ústecký Litoměřice Mlékojedy 231
0%
Královéhradecký Nový Bydžov Mlékosrby 229
0%
Plzeňský Klatovy Mlýnské Struhadlo 55
0%
Jihočeský Tábor Mlýny 128
0%
Ústecký Roudnice nad Labem Mnetěš 569
0%
Plzeňský Horšovský Týn Močerady 58
0%
Plzeňský Klatovy Mochtín 1 115
0%
Středočeský Čáslav Močovice 413
0%
Vysočina Havlíčkův Brod Modlíkov 154
0%
Jihočeský Týn nad Vltavou Modrá Hůrka 96
0%
Liberecký Turnov Modřišice 449
0%
Středočeský Mnichovo Hradiště Mohelnice nad Jizerou 91
0%
Pardubický Přelouč Mokošín 183
0%
Královéhradecký Dobruška Mokré 171
0%
Moravskoslezský Opava Mokré Lazce 1 147
0%
Plzeňský Sušice Mokrosuky 131
0%
Plzeňský Plzeň Mokrouše 300
0%
Královéhradecký Hradec Králové Mokrovousy 376
0%
Středočeský Dobříš Mokrovraty 785
0%
Jihočeský České Budějovice Mokrý Lom 107
0%
Ústecký Teplice Moldava 187
0%
Jihomoravský Znojmo Morašice 229
0%
Pardubický Chrudim Morašice 739
0%
Pardubický Litomyšl Morašice 726
0%
Pardubický Přelouč Morašice 82
0%
Vysočina Bystřice nad Pernštejnem Moravecké Pavlovice 45
0%
Olomoucký Mohelnice Moravičany 1 311
0%
Moravskoslezský Bruntál Moravskoslezský Kočov 581
0%
Jihomoravský Břeclav Moravský Žižkov 1 471
0%
Středočeský Beroun Mořina 838
0%
Středočeský Beroun Mořinka 178
0%
Jihomoravský Hustopeče Morkůvky 498
0%
Moravskoslezský Kopřivnice Mošnov 750
0%
Jihomoravský Bučovice Mouřínov 475
0%
Jihomoravský Židlochovice Moutnice 1 169
0%
Středočeský Benešov Mrač 849
0%
Plzeňský Domažlice Mrákov 1 124
0%
Středočeský Brandýs n. Lab.-St.Boleslav Mratín 1 404
0%
Liberecký Jilemnice Mříčná 580
0%
Zlínský Bystřice pod Hostýnem Mrlínek 281
0%
Olomoucký Olomouc Mrsklesy 701
0%
Plzeňský Kralovice Mrtník 334
0%
Středočeský Český Brod Mrzky 174
0%
Středočeský Rakovník Mšec 908
0%
Středočeský Rakovník Mšecké Žehrovice 688
0%
Středočeský Mnichovo Hradiště Mukařov 217
0%
Středočeský Říčany Mukařov 2 710
0%
Středočeský Rakovník Mutějovice 807
0%
Jihočeský Strakonice Mutěnice 243
0%
Jihomoravský Hodonín Mutěnice 3 673
0%
Plzeňský Domažlice Mutěnín 269
0%
Olomoucký Šternberk Mutkov 43
0%
Vysočina Telč Mysletice 124
0%
Vysočina Humpolec Mysletín 121
0%
Vysočina Telč Mysliboř 200
0%
Vysočina Třebíč Myslibořice 717
0%
Jihočeský Písek Myslín 93
0%
Plzeňský Nýřany Myslinka 207
0%
Plzeňský Horažďovice Myslív 430
0%
Jihočeský Soběslav Myslkovice 415
0%
Zlínský Zlín Mysločovice 660
0%
Královéhradecký Nový Bydžov Myštěves 178
0%
Jihočeský Blatná Myštice 271
0%
Pardubický Chrudim Nabočany 127
0%
Středočeský Vlašim Načeradec 1 070
0%
Pardubický Chrudim Načešice 640
0%
Jihočeský Tábor Nadějkov 737
0%
Vysočina Jihlava Nadějov 198
0%
Plzeňský Nýřany Nadryby 131
0%
Královéhradecký Nové Město nad Metují Nahořany 586
0%
Olomoucký Přerov Nahošovice 166
0%
Olomoucký Litovel Náklo 1 498
0%
Jihočeský České Budějovice Nákří 210
0%
Vysočina Náměšť nad Oslavou Naloučany 164
0%
Středočeský Sedlčany Nalžovice 613
0%
Vysočina Třebíč Nárameč 346
0%
Středočeský Příbram Narysov 271
0%
Jihomoravský Kyjov Násedlovice 853
0%
Jihomoravský Moravský Krumlov Našiměřice 201
0%
Zlínský Valašské Klobouky Návojná 717
0%
Jihočeský Prachatice Nebahovy 600
0%
Karlovarský Cheb Nebanice 355
0%
Plzeňský Přeštice Nebílovy 365
0%
Jihomoravský Šlapanice Nebovidy 828
0%
Středočeský Kolín Nebovidy 723
0%
Jihočeský Strakonice Nebřehovice 168
0%
Středočeský Mělník Nebužely 434
0%
Středočeský Sedlčany Nechvalice 665
0%
Jihomoravský Kyjov Nechvalín 345
0%
Středočeský Dobříš Nečín 763
0%
Plzeňský Kralovice Nečtiny 634
0%
Jihočeský České Budějovice Nedabyle 371
0%
Zlínský Uherské Hradiště Nedachlebice 802
0%
Zlínský Uherské Hradiště Nedakonice 1 613
0%
Královéhradecký Hradec Králové Neděliště 363
0%
Středočeský Neratovice Nedomice 306
0%
Středočeský Sedlčany Nedrahovice 458
0%
Pardubický Polička Nedvězí 206
0%
Plzeňský Horažďovice Nehodiv 65
0%
Vysočina Chotěboř Nejepín 80
0%
Plzeňský Nýřany Nekmíř 524
0%
Plzeňský Nepomuk Nekvasovy 169
0%
Jihomoravský Tišnov Nelepeč-Žernůvka 86
0%
Olomoucký Přerov Nelešovice 198
0%
Plzeňský Rokycany Němčovice 189
0%
Jihočeský Strakonice Němětice 116
0%
Olomoucký Zábřeh Nemile 667
0%
Královéhradecký Dvůr Králové nad Labem Nemojov 776
0%
Jihočeský Tábor Nemyšl 308
0%
Středočeský Mladá Boleslav Nemyslovice 153
0%
Středočeský Beroun Nenačovice 278
0%
Jihomoravský Kyjov Nenkovice 480
0%
Moravskoslezský Opava Neplachovice 941
0%
Královéhradecký Nový Bydžov Nepolisy 984
0%
Středočeský Kutná Hora Nepoměřice 221
0%
Ústecký Podbořany Nepomyšl 406
0%
Středočeský Slaný Neprobylice 163
0%
Jihočeský Písek Nerestce 108
0%
Jihomoravský Ivančice Neslovice 970
0%
Středočeský Benešov Nespeky 769
0%
Středočeský Příbram Nestrašovice 61
0%
Středočeský Rakovník Nesuchyně 425
0%
Jihomoravský Židlochovice Nesvačilka 327
0%
Středočeský Beroun Nesvačily 175
0%
Vysočina Velké Meziříčí Netín 358
0%
Jihočeský Kaplice Netřebice 466
0%
Středočeský Nymburk Netřebice 236
0%
Plzeňský Přeštice Netunice 200
0%
Středočeský Benešov Netvořice 1 169
0%
Zlínský Vizovice Neubuz 458
0%
Plzeňský Stod Neuměř 147
0%
Středočeský Slaný Neuměřice 447
0%
Plzeňský Nepomuk Neurazy 856
0%
Středočeský Votice Neustupov 556
0%
Vysočina Telč Nevcehle 236
0%
Středočeský Benešov Neveklov 2 676
0%
Středočeský Mnichovo Hradiště Neveklovice 69
0%
Jihočeský Písek Nevězice 139
0%
Plzeňský Rokycany Nevid 180
0%
Plzeňský Domažlice Nevolice 189
0%
Královéhradecký Hořice Nevratice 173
0%
Plzeňský Nýřany Nevřeň 294
0%
Středočeský Rakovník Nezabudice 92
0%
Ústecký Chomutov Nezabylice 252
0%
Plzeňský Plzeň Nezbavětice 237
0%
Zlínský Uherský Brod Nezdenice 710
0%
Plzeňský Přeštice Nezdice 212
0%
Plzeňský Sušice Nezdice na Šumavě 334
0%
Plzeňský Nepomuk Nezdřev 102
0%
Plzeňský Plzeň Nezvěstice 1 473
0%
Jihočeský Vimperk Nicov 92
0%
Jihočeský Strakonice Nihošovice 306
0%
Jihomoravský Tišnov Níhov 239
0%
Středočeský Mladá Boleslav Niměřice 301
0%
Vysočina Moravské Budějovice Nimpšov 55
0%
Zlínský Kroměříž Nítkovice 234
0%
Vysočina Žďár nad Sázavou Nížkov 971
0%
Jihomoravský Slavkov u Brna Nížkovice 731
0%
Olomoucký Šternberk Norberčany 246
0%
Středočeský Mělník Nosálov 184
0%
Vysočina Pelhřimov Nová Buková 117
0%
Vysočina Pelhřimov Nová Cerekev 1 112
0%
Zlínský Kroměříž Nová Dědina 437
0%
Jihočeský Jindřichův Hradec Nová Olešná 132
0%
Pardubický Litomyšl Nová Sídla 237
0%
Středočeský Mladá Boleslav Nová Telib 279
0%
Středočeský Kolín Nová Ves I 1 326
0%
Jihočeský Třeboň Nová Ves nad Lužnicí 343
0%
Liberecký Jablonec nad Nisou Nová Ves nad Nisou 840
0%
Liberecký Semily Nová Ves nad Popelkou 653
0%
Středočeský Dobříš Nová Ves pod Pleší 1 392
0%
Středočeský Mladá Boleslav Nová Ves u Bakova 307
0%
Vysočina Chotěboř Nová Ves u Chotěboře 545
0%
Jihočeský Tábor Nová Ves u Chýnova 319
0%
Pardubický Litomyšl Nová Ves u Jarošova 65
0%
Vysočina Havlíčkův Brod Nová Ves u Leštiny 119
0%
Jihočeský Tábor Nová Ves u Mladé Vožice 189
0%
Vysočina Nové Město na Moravě Nová Ves u Nového Města na Moravě 649
0%
Vysočina Světlá nad Sázavou Nová Ves u Světlé 543
0%
Ústecký Litvínov Nová Ves v Horách 479
0%
Karlovarský Karlovy Vary Nové Hamry 339
0%
Jihočeský Vimperk Nové Hutě 88
0%
Moravskoslezský Vítkov Nové Lublice 190
0%
Plzeňský Blovice Nové Mitrovice 345
0%
Jihomoravský Vyškov Nové Sady 101
0%
Vysočina Velké Meziříčí Nové Sady 255
0%
Moravskoslezský Opava Nové Sedlice 490
0%
Vysočina Moravské Budějovice Nové Syrovice 905
0%
Liberecký Česká Lípa Noviny pod Ralskem 309
0%
Ústecký Teplice Novosedlice 2 161
0%
Jihočeský Třeboň Novosedly nad Nežárkou 684
0%
Středočeský Rakovník Nový Dům 175
0%
Středočeský Nymburk Nový Dvůr 70
0%
Středočeský Beroun Nový Jáchymov 715
0%
Vysočina Nové Město na Moravě Nový Jimramov 60
0%
Středočeský Dobříš Nový Knín 2 089
0%
Karlovarský Cheb Nový Kostel 495
0%
Plzeňský Domažlice Nový Kramolín 219
0%
Liberecký Česká Lípa Nový Oldřichov 783
0%
Královéhradecký Jaroměř Nový Ples 345
0%
Jihomoravský Hodonín Nový Poddvorov 224
0%
Vysočina Pelhřimov Nový Rychnov 1 008
0%
Jihomoravský Znojmo Nový Šaldorf-Sedlešovice 1 652
0%
Vysočina Třebíč Nový Telečkov 103
0%
Středočeský Brandýs n. Lab.-St.Boleslav Nový Vestec 464
0%
Středočeský Říčany Nupaky 1 905
0%
Vysočina Bystřice nad Pernštejnem Nyklovice 169
0%
Středočeský Příbram Občov 192
0%
Kraj ORP Obec Obyvatelé
0%
Středočeský Příbram Obecnice 1 271
0%
Olomoucký Prostějov Obědkovice 286
0%
Královéhradecký Hradec Králové Obědovice 292
0%
Středočeský Dobříš Obořiště 710
0%
Středočeský Příbram Obory 267
0%
Středočeský Neratovice Obříství 1 570
0%
Středočeský Mladá Boleslav Obrubce 223
0%
Středočeský Mladá Boleslav Obruby 245
0%
Plzeňský Klatovy Obytce 218
0%
Královéhradecký Dobruška Očelice 228
0%
Jihomoravský Tišnov Ochoz u Tišnova 125
0%
Ústecký Podbořany Očihov 382
0%
Vysočina Náměšť nad Oslavou Ocmanice 332
0%
Karlovarský Cheb Odrava 253
0%
Středočeský Poděbrady Odřepsy 320
0%
Vysočina Třebíč Odunec 98
0%
Královéhradecký Dobruška Ohnišov 497
0%
Královéhradecký Nový Bydžov Ohnišťany 333
0%
Liberecký Turnov Ohrazenice 1 126
0%
Středočeský Příbram Ohrazenice 296
0%
Vysočina Náměšť nad Oslavou Okarec 110
0%
Středočeský Černošice Okoř 108
0%
Ústecký Kadaň Okounov 392
0%
Středočeský Čáslav Okřesaneč 186
0%
Vysočina Třebíč Okřešice 193
0%
Středočeský Poděbrady Okřínek 202
0%
Jihočeský Milevsko Okrouhlá 61
0%
Jihomoravský Boskovice Okrouhlá 616
0%
Karlovarský Cheb Okrouhlá 255
0%
Liberecký Nový Bor Okrouhlá 557
0%
Jihočeský Jindřichův Hradec Okrouhlá Radouň 211
0%
Vysočina Havlíčkův Brod Okrouhlice 1 371
0%
Vysočina Havlíčkův Brod Okrouhlička 268
0%
Středočeský Černošice Okrouhlo 727
0%
Moravskoslezský Ostrava Olbramice 719
0%
Olomoucký Litovel Olbramice 223
0%
Zlínský Otrokovice Oldřichovice 385
0%
Liberecký Liberec Oldřichov v Hájích 793
0%
Pardubický Polička Oldřiš 642
0%
Moravskoslezský Opava Oldřišov 1 442
0%
Jihomoravský Znojmo Oleksovice 656
0%
Vysočina Havlíčkův Brod Olešenka 187
0%
Středočeský Říčany Oleška 972
0%
Jihočeský České Budějovice Olešník 804
0%
Karlovarský Kraslice Oloví 1 645
0%
Středočeský Kralupy nad Vltavou Olovnice 555
0%
Olomoucký Hranice Olšovec 514
0%
Jihočeský Prachatice Olšovice 57
0%
Jihomoravský Šlapanice Omice 822
0%
Jihočeský Kaplice Omlenice 568
0%
Olomoucký Prostějov Ondratice 354
0%
Středočeský Kutná Hora Onomyšl 312
0%
Jihomoravský Znojmo Onšov 73
0%
Vysočina Pelhřimov Onšov 219
0%
Středočeský Kutná Hora Opatovice I 143
0%
Středočeský Říčany Oplany 107
0%
Olomoucký Přerov Oplocany 344
0%
Plzeňský Přeštice Oplot 328
0%
Středočeský Poděbrady Opočnice 443
0%
Středočeský Poděbrady Opolany 885
0%
Vysočina Moravské Budějovice Oponešice 177
0%
Olomoucký Přerov Oprostovice 86
0%
Středočeský Rakovník Oráčov 377
0%
Pardubický Chrudim Orel 784
0%
Středočeský Sedlčany Osečany 257
0%
Středočeský Poděbrady Oseček 170
0%
Královéhradecký Rychnov nad Kněžnou Osečnice 303
0%
Plzeňský Stříbro Ošelín 168
0%
Zlínský Bystřice pod Hostýnem Osíčko 461
0%
Královéhradecký Hradec Králové Osičky 161
0%
Jihomoravský Tišnov Osiky 123
0%
Středočeský Nymburk Oskořínek 567
0%
Vysočina Velké Meziříčí Oslavice 682
0%
Vysočina Velké Meziříčí Osové 92
0%
Vysočina Třebíč Ostašov 152
0%
Zlínský Zlín Ostrata 414
0%
Pardubický Pardubice Ostřešany 1 099
0%
Plzeňský Klatovy Ostřetice 70
0%
Jihočeský Trhové Sviny Ostrolovský Újezd 167
0%
Královéhradecký Hořice Ostroměř 1 353
0%
Jihomoravský Kyjov Ostrovánky 224
0%
Plzeňský Rokycany Ostrovec-Lhotka 103
0%
Plzeňský Nýřany Ostrov u Bezdružic 202
0%
Zlínský Uherské Hradiště Ostrožská Lhota 1 464
0%
Královéhradecký Jičín Ostružno 96
0%
Plzeňský Horšovský Týn Osvračín 640
0%
Olomoucký Prostějov Otaslavice 1 295
0%
Plzeňský Přeštice Otěšice 151
0%
Moravskoslezský Opava Otice 1 445
0%
Vysočina Jihlava Otín 85
0%
Vysočina Velké Meziříčí Otín 334
0%
Olomoucký Prostějov Otinoves 277
0%
Středočeský Hořovice Otmíče 181
0%
Plzeňský Domažlice Otov 120
0%
Karlovarský Karlovy Vary Otovice 960
0%
Královéhradecký Broumov Otovice 346
0%
Pardubický Hlinsko Otradov 272
0%
Karlovarský Karlovy Vary Otročín 433
0%
Středočeský Beroun Otročiněves 519
0%
Ústecký Chomutov Otvice 681
0%
Středočeský Dobříš Ouběnice 247
0%
Pardubický Vysoké Mýto Oucmanice 257
0%
Vysočina Chotěboř Oudoleň 372
0%
Vysočina Světlá nad Sázavou Ovesná Lhota 172
0%
Karlovarský Mariánské Lázně Ovesné Kladruby 125
0%
Zlínský Valašské Meziříčí Oznice 488
0%
Středočeský Kutná Hora Paběnice 209
0%
Plzeňský Horažďovice Pačejov 715
0%
Liberecký Turnov Paceřice 360
0%
Zlínský Holešov Pacetluky 228
0%
Středočeský Slaný Páleč 219
0%
Olomoucký Mohelnice Palonín 341
0%
Vysočina Moravské Budějovice Pálovice 169
0%
Jihomoravský Boskovice Pamětice 251
0%
Vysočina Jihlava Panenská Rozsíčka 193
0%
Středočeský Brandýs n. Lab.-St.Boleslav Panenské Břežany 617
0%
Středočeský Rakovník Panoší Újezd 270
0%
Vysočina Telč Panské Dubenky 121
0%
Jihočeský Strakonice Paračov 109
0%
Plzeňský Domažlice Pařezov 213
0%
Olomoucký Hranice Paršovice 407
0%
Plzeňský Domažlice Pasečnice 215
0%
Středočeský Kolín Pašinka 347
0%
Zlínský Uherský Brod Pašovice 695
0%
Plzeňský Kralovice Pastuchovice 67
0%
Ústecký Most Patokryje 446
0%
Jihomoravský Znojmo Pavlice 480
0%
Středočeský Rakovník Pavlíkov 1 051
0%
Vysočina Velké Meziříčí Pavlínov 254
0%
Olomoucký Prostějov Pavlovice u Kojetína 270
0%
Olomoucký Přerov Pavlovice u Přerova 718
0%
Moravskoslezský Frýdek-Místek Pazderna 325
0%
Středočeský Kladno Pchery 1 957
0%
Královéhradecký Rychnov nad Kněžnou Pěčín 496
0%
Jihočeský Prachatice Pěčnov 151
0%
Plzeňský Domažlice Pelechy 78
0%
Pardubický Chrudim Perálec 241
0%
Liberecký Jilemnice Peřimov 273
0%
Plzeňský Nýřany Pernarec 744
0%
Karlovarský Ostrov Pernink 572
0%
Jihomoravský Tišnov Pernštejnské Jestřabí 201
0%
Ústecký Kadaň Perštejn 1 155
0%
Středočeský Říčany Pětihosty 238
0%
Středočeský Mladá Boleslav Pětikozly 72
0%
Ústecký Kadaň Pětipsy 194
0%
Vysočina Velké Meziříčí Petráveč 294
0%
Středočeský Benešov Petroupim 312
0%
Středočeský Kutná Hora Petrovice I 293
0%
Středočeský Kutná Hora Petrovice II 147
0%
Zlínský Luhačovice Petrůvka 342
0%
Vysočina Třebíč Petrůvky 130
0%
Vysočina Velké Meziříčí Pikárec 334
0%
Karlovarský Karlovy Vary Pila 561
0%
Královéhradecký Trutnov Pilníkov 1 229
0%
Olomoucký Šumperk Písařov 720
0%
Jihočeský Dačice Písečné 480
0%
Vysočina Bystřice nad Pernštejnem Písečné 188
0%
Ústecký Litoměřice Píšťany 197
0%
Jihočeský České Budějovice Pištín 652
0%
Jihočeský Jindřichův Hradec Pístina 129
0%
Středočeský Nymburk Písty 432
0%
Zlínský Uherský Brod Pitín 901
0%
Olomoucký Prostějov Pivín 728
0%
Jihočeský Vodňany Pivkovice 87
0%
Středočeský Kolín Plaňany 1 904
0%
Vysočina Jihlava Plandry 194
0%
Plzeňský Kralovice Pláně 261
0%
Plzeňský Klatovy Plánice 1 660
0%
Jihomoravský Znojmo Plaveč 457
0%
Jihočeský Jindřichův Hradec Plavsko 452
0%
Pardubický Pardubice Plch 100
0%
Středočeský Slaný Plchov 199
0%
Pardubický Vysoké Mýto Plchovice 65
0%
Jihomoravský Znojmo Plenkovice 361
0%
Jihočeský Jindřichův Hradec Pleše 175
0%
Plzeňský Nýřany Plešnice 279
0%
Středočeský Kladno Pletený Újezd 621
0%
Plzeňský Rokycany Plískov 127
0%
Jihočeský Jindřichův Hradec Pluhův Žďár 594
0%
Ústecký Louny Pnětluky 349
0%
Středočeský Kolín Pňov-Předhradí 592
0%
Pardubický Holice Poběžovice u Holic 290
0%
Pardubický Přelouč Poběžovice u Přelouče 114
0%
Středočeský Příbram Počaply 108
0%
Ústecký Louny Počedělice 310
0%
Zlínský Kroměříž Počenice-Tetětice 707
0%
Středočeský Sedlčany Počepice 542
0%
Středočeský Rakovník Pochvalov 258
0%
Plzeňský Domažlice Pocinovice 602
0%
Vysočina Žďár nad Sázavou Počítky 242
0%
Ústecký Podbořany Podbořanský Rohozec 141
0%
Středočeský Beroun Podbrdy 225
0%
Královéhradecký Dobruška Podbřezí 578
0%
Jihomoravský Vyškov Podbřežice 246
0%
Vysočina Žďár nad Sázavou Poděšín 253
0%
Plzeňský Horšovský Týn Poděvousy 242
0%
Pardubický Chrudim Podhořany u Ronova 248
0%
Královéhradecký Hořice Podhorní Újezd a Vojice 652
0%
Zlínský Bystřice pod Hostýnem Podhradní Lhota 475
0%
Jihomoravský Vyškov Podivice 165
0%
Zlínský Vizovice Podkopná Lhota 330
0%
Středočeský Hořovice Podluhy 673
0%
Vysočina Chotěboř Podmoklany 141
0%
Plzeňský Rokycany Podmokly 238
0%
Plzeňský Sušice Podmokly 144
0%
Středočeský Poděbrady Podmoky 199
0%
Vysočina Havlíčkův Brod Podmoky 127
0%
Jihomoravský Znojmo Podmolí 165
0%
Jihomoravský Znojmo Podmyče 110
0%
Jihomoravský Vyškov Podomí 440
0%
Ústecký Lovosice Podsedice 664
0%
Pardubický Pardubice Podůlšany 165
0%
Královéhradecký Jičín Podůlší 260
0%
Středočeský Kutná Hora Podveky 222
0%
Jihočeský Tábor Pohnánec 57
0%
Jihočeský Tábor Pohnání 74
0%
Jihočeský Vodňany Pohorovice 72
0%
Jihočeský Tábor Pojbuky 112
0%
Vysočina Žďár nad Sázavou Pokojov 152
0%
Vysočina Třebíč Pokojovice 112
0%
Pardubický Hlinsko Pokřikov 256
0%
Středočeský Brandýs n. Lab.-St.Boleslav Polerady 421
0%
Ústecký Most Polerady 242
0%
Zlínský Uherské Hradiště Polešovice 2 013
0%
Zlínský Valašské Meziříčí Poličná 1 739
0%
Jihočeský Český Krumlov Polná na Šumavě 219
0%
Středočeský Kolín Polní Chrčice 182
0%
Vysočina Žďár nad Sázavou Polnička 823
0%
Středočeský Kolín Polní Voděrady 205
0%
Olomoucký Konice Polomí 149
0%
Jihočeský Jindřichův Hradec Polště 115
0%
Jihočeský Třeboň Ponědraž 108
0%
Jihočeský Třeboň Ponědrážka 80
0%
Liberecký Jilemnice Poniklá 1 089
0%
Jihočeský Jindřichův Hradec Popelín 500
0%
Středočeský Říčany Popovičky 442
0%
Středočeský Benešov Poříčí nad Sázavou 1 410
0%
Pardubický Litomyšl Poříčí u Litomyšle 515
0%
Vysočina Pacov Pošná 255
0%
Středočeský Slaný Poštovice 225
0%
Plzeňský Domažlice Postřekov 1 114
0%
Olomoucký Zábřeh Postřelmůvek 313
0%
Středočeský Kralupy nad Vltavou Postřižín 1 602
0%
Středočeský Benešov Postupice 1 387
0%
Zlínský Valašské Klobouky Poteč 761
0%
Středočeský Čáslav Potěhy 650
0%
Plzeňský Kralovice Potvorov 135
0%
Karlovarský Cheb Poustka 172
0%
Jihomoravský Hustopeče Pouzdřany 792
0%
Ústecký Ústí nad Labem Povrly 2 242
0%
Vysočina Třebíč Pozďatín 153
0%
Zlínský Vsetín Pozděchov 585
0%
Středočeský Slaný Pozdeň 488
0%
Zlínský Luhačovice Pozlovice 1 244
0%
Jihočeský Strakonice Pracejovice 327
0%
Pardubický Chrudim Prachovice 1 438
0%
Plzeňský Nepomuk Prádlo 260
0%
Zlínský Uherský Brod Prakšice 1 032
0%
Karlovarský Mariánské Lázně Prameny 102
0%
Královéhradecký Nový Bydžov Prasek 614
0%
Královéhradecký Hradec Králové Praskačka 1 085
0%
Zlínský Kroměříž Prasklice 248
0%
Středočeský Hořovice Praskolesy 909
0%
Olomoucký Olomouc Přáslavice 1 434
0%
Zlínský Kroměříž Pravčice 728
0%
Jihomoravský Znojmo Pravice 353
0%
Jihomoravský Ivančice Pravlov 631
0%
Středočeský Vlašim Pravonín 562
0%
Jihočeský Milevsko Přeborov 148
0%
Karlovarský Kraslice Přebuz 73
0%
Jihočeský Strakonice Přechovice 129
0%
Vysočina Třebíč Přeckov 72
0%
Středočeský Brandýs n. Lab.-St.Boleslav Předboj 1 208
0%
Plzeňský Přeštice Předenice 249
0%
Pardubický Chrudim Předhradí 397
0%
Vysočina Třebíč Předín 678
0%
Jihočeský Blatná Předmíř 326
0%
Jihočeský Český Krumlov Přední Výtoň 206
0%
Jihočeský Strakonice Přední Zborovice 88
0%
Jihočeský Písek Předotice 572
0%
Plzeňský Klatovy Předslav 806
0%
Jihočeský Strakonice Předslavice 261
0%
Jihočeský Soběslav Přehořov 332
0%
Středočeský Český Brod Přehvozdí 303
0%
Plzeňský Nýřany Přehýšov 468
0%
Středočeský Slaný Přelíc 392
0%
Pardubický Přelouč Přelovice 219
0%
Olomoucký Prostějov Přemyslovice 1 280
0%
Královéhradecký Dobruška Přepychy 633
0%
Pardubický Přelouč Přepychy 79
0%
Středočeský Rakovník Přerubenice 76
0%
Jihomoravský Znojmo Přeskače 102
0%
Vysočina Třebíč Přešovice 139
0%
Ústecký Ústí nad Labem Přestanov 453
0%
Olomoucký Přerov Přestavlky 278
0%
Pardubický Chrudim Přestavlky 211
0%
Plzeňský Stod Přestavlky 235
0%
Ústecký Roudnice nad Labem Přestavlky 297
0%
Středočeský Benešov Přestavlky u Čerčan 399
0%
Jihočeský Milevsko Přeštěnice 280
0%
Jihočeský Strakonice Přešťovice 490
0%
Královéhradecký Hradec Králové Převýšov 342
0%
Jihomoravský Pohořelice Přibice 1 047
0%
Jihomoravský Rosice Příbram na Moravě 653
0%
Jihočeský Jindřichův Hradec Příbraz 270
0%
Jihomoravský Rosice Přibyslavice 523
0%
Vysočina Třebíč Přibyslavice 797
0%
Plzeňský Přeštice Příchovice 1 141
0%
Středočeský Rakovník Příčina 207
0%
Středočeský Sedlčany Příčovy 341
0%
Jihočeský Český Krumlov Přídolí 684
0%
Olomoucký Olomouc Příkazy 1 320
0%
Plzeňský Rokycany Příkosice 428
0%
Liberecký Semily Příkrý 250
0%
Středočeský Rakovník Přílepy 223
0%
Zlínský Holešov Přílepy 992
0%
Pardubický Litomyšl Příluka 169
0%
Jihočeský Český Krumlov Přísečná 194
0%
Vysočina Světlá nad Sázavou Příseka 433
0%
Středočeský Český Brod Přišimasy 830
0%
Jihomoravský Židlochovice Přísnotice 890
0%
Plzeňský Nýřany Příšov 321
0%
Liberecký Turnov Příšovice 1 283
0%
Středočeský Český Brod Přistoupim 450
0%
Vysočina Třebíč Příštpo 254
0%
Jihomoravský Břeclav Přítluky 786
0%
Plzeňský Rokycany Přívětice 207
0%
Zlínský Vsetín Prlov 509
0%
Ústecký Teplice Proboštov 2 682
0%
Jihočeský Písek Probulov 65
0%
Středočeský Mladá Boleslav Prodašice 93
0%
Jihomoravský Znojmo Prokopov 84
0%
Královéhradecký Rychnov nad Kněžnou Proruby 56
0%
Královéhradecký Vrchlabí Prosečné 597
0%
Vysočina Pelhřimov Proseč pod Křemešníkem 83
0%
Olomoucký Přerov Prosenice 797
0%
Středočeský Sedlčany Prosenická Lhota 503
0%
Pardubický Chrudim Prosetín 829
0%
Vysočina Bystřice nad Pernštejnem Prosetín 375
0%
Vysočina Světlá nad Sázavou Prosíčka 142
0%
Jihomoravský Znojmo Prosiměřice 872
0%
Plzeňský Stříbro Prostiboř 149
0%
Jihomoravský Boskovice Prostřední Poříčí 277
0%
Liberecký Česká Lípa Provodín 739
0%
Olomoucký Hranice Provodovice 154
0%
Jihomoravský Šlapanice Prštice 985
0%
Jihomoravský Hodonín Prušánky 2 235
0%
Středočeský Říčany Prusice 83
0%
Zlínský Holešov Prusinovice 1 223
0%
Liberecký Nový Bor Prysk 461
0%
Královéhradecký Hradec Králové Pšánky 72
0%
Středočeský Vlašim Psáře 129
0%
Jihočeský Tábor Psárov 107
0%
Karlovarský Karlovy Vary Pšov 603
0%
Středočeský Rakovník Pšovlky 308
0%
Moravskoslezský Frýdlant nad Ostravicí Pstruží 1 050
0%
Olomoucký Prostějov Ptení 1 110
0%
Plzeňský Přeštice Ptenín 211
0%
Středočeský Černošice Ptice 935
0%
Středočeský Mnichovo Hradiště Ptýrov 292
0%
Královéhradecký Hradec Králové Puchlovice 104
0%
Plzeňský Horšovský Týn Puclice 356
0%
Vysočina Náměšť nad Oslavou Pucov 163
0%
Vysočina Jihlava Puklice 832
0%
Liberecký Jablonec nad Nisou Pulečný 460
0%
Pardubický Polička Pustá Rybná 158
0%
Moravskoslezský Bílovec Pustějov 980
0%
Středočeský Rakovník Pustověty 136
0%
Vysočina Pelhřimov Putimov 278
0%
Středočeský Mladá Boleslav Rabakov 54
0%
Pardubický Chrudim Rabštejnská Lhota 844
0%
Středočeský Benešov Rabyně 269
0%
Ústecký Kadaň Račetice 401
0%
Královéhradecký Hradec Králové Račice nad Trotinou 151
0%
Vysočina Žďár nad Sázavou Račín 133
0%
Ústecký Roudnice nad Labem Račiněves 640
0%
Vysočina Moravské Budějovice Rácovice 118
0%
Jihočeský Strakonice Radějovice 43
0%
Středočeský Říčany Radějovice 492
0%
Vysočina Velké Meziříčí Radenice 170
0%
Jihočeský Tábor Radenín 506
0%
Vysočina Nové Město na Moravě Radešínská Svratka 619
0%
Jihočeský Tábor Radětice 222
0%
Středočeský Příbram Radětice 191
0%
Středočeský Sedlčany Radíč 210
0%
Královéhradecký Hradec Králové Radíkovice 190
0%
Pardubický Svitavy Radiměř 1 158
0%
Liberecký Turnov Radimovice 334
0%
Jihočeský Tábor Radimovice u Tábora 62
0%
Jihočeský Tábor Radimovice u Želče 385
0%
Jihočeský Tábor Radkov 169
0%
Moravskoslezský Vítkov Radkov 499
0%
Pardubický Moravská Třebová Radkov 117
0%
Vysočina Bystřice nad Pernštejnem Radkov 167
0%
Vysočina Telč Radkov 244
0%
Olomoucký Přerov Radkova Lhota 206
0%
Plzeňský Přeštice Radkovice 105
0%
Vysočina Moravské Budějovice Radkovice u Budče 151
0%
Vysočina Třebíč Radkovice u Hrotovic 342
0%
Olomoucký Přerov Radkovy 155
0%
Liberecký Jablonec nad Nisou Rádlo 947
0%
Vysočina Velké Meziříčí Radňoves 100
0%
Vysočina Nové Město na Moravě Radňovice 313
0%
Jihočeský Strakonice Radomyšl 1 329
0%
Vysočina Třebíč Radonín 79
0%
Vysočina Moravské Budějovice Radotice 110
0%
Ústecký Lovosice Radovesice 504
0%
Jihomoravský Vyškov Radslavice 419
0%
Olomoucký Přerov Radslavice 1 151
0%
Liberecký Nový Bor Radvanec 244
0%
Liberecký Turnov Rakousy 99
0%
Olomoucký Konice Raková u Konice 207
0%
Olomoucký Konice Rakůvka 101
0%
Jihomoravský Břeclav Rakvice 2 199
0%
Vysočina Jihlava Rančířov 466
0%
Vysočina Jihlava Rantířov 463
0%
Jihočeský Třeboň Rapšach 646
0%
Královéhradecký Hořice Rašín 98
0%
Vysočina Telč Řásná 235
0%
Královéhradecký Jaroměř Rasošky 710
0%
Jihomoravský Tišnov Rašov 245
0%
Jihomoravský Bučovice Rašovice 695
0%
Středočeský Kutná Hora Rašovice 392
0%
Středočeský Kolín Ratboř 573
0%
Středočeský Kolín Ratenice 621
0%
Jihočeský Tábor Ratibořské Hory 768
0%
Středočeský Votice Ratměřice 301
0%
Moravskoslezský Bruntál Razová 513
0%
Jihomoravský Šlapanice Rebešovice 1 030
0%
Pardubický Přelouč Řečany nad Labem 1 370
0%
Středočeský Benešov Řehenice 452
0%
Ústecký Ústí nad Labem Řehlovice 1 449
0%
Olomoucký Šumperk Rejchartice 176
0%
Jihočeský Tábor Řemíčov 88
0%
Plzeňský Přeštice Řenče 912
0%
Středočeský Kutná Hora Řendějov 239
0%
Jihočeský Tábor Řepeč 301
0%
Jihočeský Strakonice Řepice 458
0%
Pardubický Vysoké Mýto Řepníky 385
0%
Středočeský Rakovník Řeřichy 93
0%
Jihomoravský Moravský Krumlov Rešice 335
0%
Pardubický Chrudim Řestoky 491
0%
Středočeský Rakovník Řevničov 1 347
0%
Jihomoravský Šlapanice Řícmanice 808
0%
Olomoucký Šternberk Řídeč 195
0%
Vysočina Telč Řídelov 80
0%
Pardubický Litomyšl Řídký 63
0%
Středočeský Vlašim Řimovice 234
0%
Jihočeský Soběslav Řípec 333
0%
Středočeský Slaný Řisuty 362
0%
Středočeský Mladá Boleslav Řitonice 86
0%
Středočeský Černošice Roblín 232
0%
Plzeňský Nýřany Rochlov 303
0%
Ústecký Litoměřice Rochov 134
0%
Ústecký Louny Ročov 552
0%
Vysočina Pelhřimov Rodinov 223
0%
Vysočina Bystřice nad Pernštejnem Rodkov 100
0%
Jihočeský Tábor Rodná 93
0%
Jihočeský Jindřichův Hradec Rodvínov 613
0%
Středočeský Mladá Boleslav Rohatsko 269
0%
Královéhradecký Dobruška Rohenice 289
0%
Olomoucký Zábřeh Rohle 622
0%
Vysočina Třebíč Rohy 111
0%
Jihomoravský Tišnov Rojetín 76
0%
Ústecký Kadaň Rokle 400
0%
Vysočina Třebíč Rokytnice nad Rokytnou 844
0%
Středočeský Mladá Boleslav Rokytovec 157
0%
Liberecký Semily Roprachtice 281
0%
Jihočeský Jindřichův Hradec Roseč 232
0%
Jihočeský Jindřichův Hradec Rosička 65
0%
Vysočina Žďár nad Sázavou Rosička 45
0%
Středočeský Dobříš Rosovice 848
0%
Zlínský Holešov Roštění 665
0%
Jihomoravský Vyškov Rostěnice-Zvonovice 531
0%
Zlínský Kroměříž Roštín 686
0%
Jihomoravský Boskovice Roubanina 121
0%
Vysočina Třebíč Rouchovany 1 154
0%
Plzeňský Přeštice Roupov 271
0%
Olomoucký Hranice Rouské 257
0%
Vysočina Bystřice nad Pernštejnem Rovečné 619
0%
Středočeský Nymburk Rožďalovice 1 644
0%
Pardubický Svitavy Rozhraní 321
0%
Jihomoravský Boskovice Rozseč nad Kunštátem 573
0%
Jihomoravský Boskovice Rozsíčka 143
0%
Vysočina Havlíčkův Brod Rozsochatec 502
0%
Vysočina Bystřice nad Pernštejnem Rozsochy 710
0%
Olomoucký Prostějov Rozstání 624
0%
Pardubický Moravská Třebová Rozstání 237
0%
Liberecký Jilemnice Roztoky u Jilemnice 1 070
0%
Liberecký Semily Roztoky u Semil 109
0%
Středočeský Hořovice Rpety 488
0%
Ústecký Teplice Rtyně nad Bílinou 805
0%
Zlínský Luhačovice Rudimov 260
0%
Jihomoravský Znojmo Rudlice 103
0%
Moravskoslezský Bruntál Rudná pod Pradědem 377
0%
Vysočina Žďár nad Sázavou Rudolec 211
0%
Moravskoslezský Krnov Rusín 148
0%
Vysočina Chotěboř Rušinov 174
0%
Zlínský Vsetín Růžďka 921
0%
Vysočina Jihlava Růžená 345
0%
Ústecký Děčín Růžová 562
0%
Jihomoravský Moravský Krumlov Rybníky 449
0%
Středočeský Dobříš Rybníky 463
0%
Pardubický Moravská Třebová Rychnov na Moravě 618
0%
Ústecký Ústí nad Labem Ryjice 192
0%
Zlínský Holešov Rymice 609
0%
Vysočina Pelhřimov Rynárec 629
0%
Středočeský Rakovník Rynholec 1 020
0%
Liberecký Liberec Rynoltice 800
0%
Moravskoslezský Rýmařov Ryžoviště 613
0%
Karlovarský Sokolov Šabina 328
0%
Vysočina Pacov Salačova Lhota 135
0%
Středočeský Kutná Hora Samopše 173
0%
Vysočina Pacov Samšín 149
0%
Královéhradecký Jičín Samšina 262
0%
Jihomoravský Znojmo Šanov 1 560
0%
Středočeský Rakovník Šanov 564
0%
Zlínský Luhačovice Šanov 478
0%
Královéhradecký Nový Bydžov Šaplava 113
0%
Královéhradecký Jičín Šárovcova Lhota 203
0%
Zlínský Zlín Šarovy 252
0%
Vysočina Světlá nad Sázavou Sázavka 330
0%
Středočeský Slaný Sazená 342
0%
Vysočina Žďár nad Sázavou Sazomín 254
0%
Zlínský Zlín Sazovice 777
0%
Královéhradecký Jičín Sběř 319
0%
Středočeský Čáslav Schořov 79
0%
Plzeňský Rokycany Sebečice 74
0%
Středočeský Čáslav Šebestěnice 86
0%
Jihomoravský Boskovice Šebetov 841
0%
Jihočeský Tábor Šebířov 346
0%
Vysočina Třebíč Šebkovice 482
0%
Jihomoravský Boskovice Sebranice 631
0%
Pardubický Litomyšl Sebranice 1 003
0%
Jihomoravský Blansko Šebrov-Kateřina 822
0%
Vysočina Telč Sedlatice 59
0%
Jihočeský Soběslav Sedlečko u Soběslavě 173
0%
Vysočina Telč Sedlejov 296
0%
Vysočina Chotěboř Sedletín 286
0%
Moravskoslezský Nový Jičín Sedlnice 1 700
0%
Královéhradecký Dobruška Sedloňov 216
0%
Zlínský Luhačovice Sehradice 683
0%
Vysočina Bystřice nad Pernštejnem Sejřek 176
0%
Královéhradecký Jičín Sekeřice 119
0%
Zlínský Kroměříž Šelešovice 355
0%
Středočeský Nymburk Seletice 218
0%
Olomoucký Prostějov Seloutky 534
0%
Pardubický Česká Třebová Semanín 624
0%
Královéhradecký Dobruška Semechnice 433
0%
Středočeský Lysá nad Labem Semice 1 340
0%
Plzeňský Horšovský Týn Semněvice 241
0%
Karlovarský Karlovy Vary Šemnice 667
0%
Středočeský Čáslav Semtěš 270
0%
Královéhradecký Nové Město nad Metují Sendraž 105
0%
Královéhradecký Hradec Králové Sendražice 447
0%
Jihomoravský Blansko Senetářov 588
0%
Zlínský Vsetín Seninka 310
0%
Středočeský Rakovník Senomaty 1 272
0%
Moravskoslezský Nový Jičín Šenov u Nového Jičína 2 058
0%
Vysočina Humpolec Senožaty 778
0%
Jihomoravský Tišnov Sentice 654
0%
Jihomoravský Tišnov Šerkovice 344
0%
Středočeský Vlašim Šetějovice 61
0%
Moravskoslezský Hlučín Šilheřovice 1 612
0%
Jihomoravský Šlapanice Silůvky 866
0%
Vysočina Jihlava Šimanov 215
0%
Liberecký Liberec Šimonovice 1 357
0%
Karlovarský Kraslice Šindelová 310
0%
Středočeský Rakovník Šípy 165
0%
Plzeňský Rokycany Sirá 145
0%
Vysočina Žďár nad Sázavou Sirákov 271
0%
Ústecký Lovosice Siřejovice 265
0%
Moravskoslezský Bruntál Široká Niva 534
0%
Pardubický Polička Široký Důl 410
0%
Olomoucký Přerov Šišma 219
0%
Jihomoravský Šlapanice Sivice 1 125
0%
Liberecký Nový Bor Skalice u České Lípy 1 534
0%
Liberecký Česká Lípa Skalka u Doks 159
0%
Karlovarský Cheb Skalná 2 001
0%
Jihočeský Písek Skály 294
0%
Jihočeský Strakonice Skály 72
0%
Plzeňský Stříbro Skapce 117
0%
Plzeňský Přeštice Skašov 207
0%
Zlínský Kroměříž Skaštice 385
0%
Jihočeský Vodňany Skočice 240
0%
Plzeňský Rokycany Skomelno 215
0%
Jihočeský Tábor Skopytce 165
0%
Plzeňský Rokycany Skořice 255
0%
Středočeský Mladá Boleslav Skorkov 647
0%
Vysočina Havlíčkův Brod Skorkov 91
0%
Olomoucký Jeseník Skorošice 719
0%
Moravskoslezský Kopřivnice Skotnice 870
0%
Olomoucký Olomouc Skrbeň 1 167
0%
Jihomoravský Boskovice Skrchov 111
0%
Vysočina Žďár nad Sázavou Škrdlovice 668
0%
Vysočina Velké Meziříčí Skřinářov 150
0%
Středočeský Hořovice Skřipel 123
0%
Moravskoslezský Opava Skřipov 1 027
0%
Olomoucký Konice Skřípov 330
0%
Královéhradecký Nový Bydžov Skřivany 1 071
0%
Ústecký Most Skršín 279
0%
Jihočeský Tábor Skrýchov u Malšic 149
0%
Jihomoravský Tišnov Skryje 69
0%
Středočeský Rakovník Skryje 159
0%
Vysočina Havlíčkův Brod Skryje 178
0%
Liberecký Železný Brod Skuhrov 593
0%
Středočeský Beroun Skuhrov 551
0%
Vysočina Havlíčkův Brod Skuhrov 282
0%
Královéhradecký Rychnov nad Kněžnou Skuhrov nad Bělou 1 115
0%
Středočeský Brandýs n. Lab.-St.Boleslav Škvorec 2 006
0%
Jihočeský Blatná Škvořetice 319
0%
Středočeský Kolín Skvrňov 215
0%
Středočeský Rakovník Slabce 733
0%
Jihočeský Písek Slabčice 358
0%
Jihočeský Strakonice Slaník 159
0%
Vysočina Havlíčkův Brod Šlapanov 813
0%
Jihočeský Tábor Slapsko 149
0%
Královéhradecký Náchod Slatina nad Úpou 312
0%
Královéhradecký Rychnov nad Kněžnou Slatina nad Zdobnicí 880
0%
Královéhradecký Jičín Slatiny 549
0%
Jihočeský Trhové Sviny Slavče 684
0%
Vysočina Třebíč Slavětice 241
0%
Olomoucký Litovel Slavětín 202
0%
Ústecký Louny Slavětín 601
0%
Vysočina Chotěboř Slavětín 124
0%
Královéhradecký Nové Město nad Metují Slavětín nad Metují 264
0%
Královéhradecký Jičín Slavhostice 135
0%
Vysočina Třebíč Slavičky 291
0%
Vysočina Chotěboř Slavíkov 284
0%
Vysočina Moravské Budějovice Slavíkovice 194
0%
Vysočina Havlíčkův Brod Slavníč 58
0%
Královéhradecký Nové Město nad Metují Slavoňov 301
0%
Olomoucký Šumperk Šléglov 43
0%
Pardubický Pardubice Slepotice 442
0%
Zlínský Luhačovice Slopné 574
0%
Královéhradecký Nový Bydžov Sloupno 509
0%
Vysočina Chotěboř Sloupno 38
0%
Středočeský Poděbrady Sloveč 512
0%
Středočeský Vlašim Slověnice 36
0%
Středočeský Brandýs n. Lab.-St.Boleslav Sluhy 704
0%
Liberecký Nový Bor Slunečná 136
0%
Středočeský Říčany Sluštice 643
0%
Vysočina Světlá nad Sázavou Služátky 157
0%
Moravskoslezský Opava Služovice 818
0%
Středočeský Slaný Smečno 1 950
0%
Plzeňský Rokycany Smědčice 300
0%
Středočeský Votice Smilkov 267
0%
Moravskoslezský Třinec Smilovice 852
0%
Středočeský Mladá Boleslav Smilovice 726
0%
Středočeský Rakovník Smilovice 78
0%
Jihočeský Tábor Smilovy Hory 366
0%
Karlovarský Karlovy Vary Smolné Pece 224
0%
Ústecký Louny Smolnice 426
0%
Středočeský Příbram Smolotely 250
0%
Vysočina Jihlava Smrčná 448
0%
Ústecký Litoměřice Snědovice 754
0%
Středočeský Vlašim Snět 107
0%
Jihomoravský Bučovice Snovídky 331
0%
Královéhradecký Hořice Sobčice 296
0%
Olomoucký Lipník nad Bečvou Soběchleby 588
0%
Středočeský Benešov Soběhrdy 426
0%
Plzeňský Přeštice Soběkury 601
0%
Královéhradecký Jičín Soběraz 97
0%
Středočeský Kutná Hora Soběšín 165
0%
Liberecký Turnov Soběslavice 171
0%
Moravskoslezský Frýdek-Místek Soběšovice 919
0%
Zlínský Kroměříž Soběsuky 376
0%
Pardubický Chrudim Sobětuchy 992
0%
Vysočina Chotěboř Sobíňov 731
0%
Olomoucký Přerov Sobíšky 153
0%
Pardubický Žamberk Sobkovice 237
0%
Jihomoravský Židlochovice Sobotovice 621
0%
Jihomoravský Kyjov Sobůlky 849
0%
Středočeský Příbram Solenice 371
0%
Pardubický Přelouč Sopřeč 281
0%
Liberecký Česká Lípa Sosnová 709
0%
Moravskoslezský Opava Sosnová 396
0%
Středočeský Čáslav Souňov 147
0%
Jihočeský Strakonice Sousedovice 303
0%
Středočeský Vlašim Soutice 242
0%
Pardubický Přelouč Sovolusky 122
0%
Plzeňský Blovice Spálené Poříčí 2 873
0%
Plzeňský Domažlice Spáňov 209
0%
Jihomoravský Blansko Spešov 648
0%
Olomoucký Hranice Špičky 287
0%
Pardubický Pardubice Spojil 532
0%
Středočeský Mělník Spomyšl 541
0%
Ústecký Chomutov Spořice 1 519
0%
Olomoucký Prostějov Srbce 89
0%
Středočeský Rakovník Srbeč 310
0%
Plzeňský Domažlice Srbice 376
0%
Ústecký Teplice Srbice 458
0%
Ústecký Děčín Srbská Kamenice 258
0%
Plzeňský Horšovský Týn Srby 480
0%
Plzeňský Nepomuk Srby 167
0%
Jihočeský Český Krumlov Srnín 324
0%
Moravskoslezský Opava Štáblovice 678
0%
Jihočeský Tábor Stádlec 572
0%
Plzeňský Plzeň Šťáhlavy 2 835
0%
Vysočina Jihlava Stáj 176
0%
Jihomoravský Znojmo Stálky 115
0%
Karlovarský Karlovy Vary Stanovice 639
0%
Královéhradecký Dvůr Králové nad Labem Stanovice 57
0%
Jihomoravský Rosice Stanoviště 404
0%
Olomoucký Jeseník Stará Červená Voda 611
0%
Středočeský Lysá nad Labem Stará Lysá 806
0%
Moravskoslezský Ostrava Stará Ves nad Ondřejnicí 2 841
0%
Karlovarský Mariánské Lázně Stará Voda 507
0%
Královéhradecký Hradec Králové Stará Voda 145
0%
Vysočina Humpolec Staré Bříště 72
0%
Královéhradecký Trutnov Staré Buky 633
0%
Olomoucký Prostějov Stařechovice 537
0%
Moravskoslezský Frýdlant nad Ostravicí Staré Hamry 561
0%
Moravskoslezský Bruntál Staré Heřminovy 188
0%
Jihočeský Dačice Staré Hobzí 543
0%
Jihočeský České Budějovice Staré Hodějovice 1 371
0%
Zlínský Uherské Hradiště Staré Hutě 126
0%
Ústecký Rumburk Staré Křečany 1 231
0%
Jihočeský Jindřichův Hradec Staré Město pod Landštejnem 445
0%
Královéhradecký Jičín Staré Místo 322
0%
Plzeňský Tachov Staré Sedliště 1 267
0%
Královéhradecký Hořice Staré Smrkovice 269
0%
Moravskoslezský Vítkov Staré Těchanovice 137
0%
Pardubický Pardubice Staré Ždánice 691
0%
Středočeský Čáslav Starkoč 146
0%
Středočeský Příbram Starosedlský Hrádek 133
0%
Jihomoravský Hustopeče Starovice 928
0%
Jihomoravský Hustopeče Starovičky 896
0%
Jihomoravský Znojmo Starý Petřín 224
0%
Jihomoravský Hodonín Starý Poddvorov 959
0%
Ústecký Děčín Starý Šachov 215
0%
Pardubický Polička Stašov 271
0%
Středočeský Beroun Stašov 462
0%
Středočeský Černošice Statenice 1 603
0%
Olomoucký Mohelnice Stavenice 131
0%
Jihomoravský Kyjov Stavěšice 359
0%
Ústecký Ústí nad Labem Stebno 469
0%
Moravskoslezský Opava Stěbořice 1 479
0%
Karlovarský Karlovy Vary Štědrá 524
0%
Středočeský Kladno Stehelčeves 1 062
0%
Jihočeský Milevsko Stehlovice 95
0%
Vysočina Třebíč Štěměchy 303
0%
Plzeňský Přeštice Štěnovice 2 204
0%
Plzeňský Plzeň Štěnovický Borek 614
0%
Vysočina Bystřice nad Pernštejnem Štěpánov nad Svratkou 711
0%
Vysočina Moravské Budějovice Štěpkov 113
0%
Středočeský Sedlčany Štětkovice 345
0%
Královéhradecký Hradec Králové Stěžery 2 110
0%
Plzeňský Stod Štichov 85
0%
Plzeňský Kralovice Štichovice 111
0%
Středočeský Říčany Štíhlice 209
0%
Olomoucký Prostějov Stínava 161
0%
Středočeský Kutná Hora Štipoklasy 148
0%
Moravskoslezský Opava Štítina 1 251
0%
Zlínský Valašské Klobouky Štítná nad Vláří-Popov 2 186
0%
Plzeňský Rokycany Štítov 55
0%
Vysočina Pelhřimov Stojčín 112
0%
Pardubický Přelouč Stojice 218
0%
Pardubický Chrudim Stolany 395
0%
Moravskoslezský Karviná Stonava 1 784
0%
Jihomoravský Znojmo Stošíkovice na Louce 303
0%
Jihočeský Prachatice Stožec 200
0%
Jihočeský Vodňany Stožice 381
0%
Vysočina Telč Strachoňovice 95
0%
Jihomoravský Znojmo Strachotice 1 010
0%
Vysočina Bystřice nad Pernštejnem Strachujov 130
0%
Moravskoslezský Kravaře Strahovice 885
0%
Středočeský Nymburk Straky 523
0%
Vysočina Velké Meziříčí Stránecká Zhoř 608
0%
Středočeský Benešov Stranný 118
0%
Jihočeský Strakonice Strašice 188
0%
Plzeňský Rokycany Strašice 2 599
0%
Plzeňský Sušice Strašín 326
0%
Ústecký Roudnice nad Labem Straškov-Vodochody 1 075
0%
Středočeský Mladá Boleslav Strašnov 302
0%
Pardubický Přelouč Strašov 335
0%
Vysočina Bystřice nad Pernštejnem Strážek 825
0%
Olomoucký Konice Stražisko 436
0%
Středočeský Mnichovo Hradiště Strážiště 129
0%
Jihočeský České Budějovice Strážkovice 500
0%
Královéhradecký Vrchlabí Strážné 219
0%
Pardubický Chrudim Střemošice 170
0%
Středočeský Mělník Střemy 436
0%
Královéhradecký Jičín Střevač 291
0%
Královéhradecký Hradec Králové Střezetice 396
0%
Středočeský Votice Střezimíř 325
0%
Jihomoravský Tišnov Strhaře 131
0%
Středočeský Říčany Stříbrná Skalice 1 448
0%
Vysočina Havlíčkův Brod Stříbrné Hory 248
0%
Zlínský Kroměříž Střílky 601
0%
Jihočeský Kaplice Střítež 430
0%
Moravskoslezský Třinec Střítež 1 054
0%
Vysočina Bystřice nad Pernštejnem Střítež 104
0%
Vysočina Jihlava Střítež 465
0%
Vysočina Pelhřimov Střítež 106
0%
Vysočina Třebíč Střítež 563
0%
Zlínský Valašské Meziříčí Střítež nad Bečvou 862
0%
Olomoucký Hranice Střítež nad Ludinou 849
0%
Vysočina Pelhřimov Střítež pod Křemešníkem 67
0%
Jihočeský České Budějovice Střížov 221
0%
Jihočeský Jindřichův Hradec Střížovice 560
0%
Plzeňský Blovice Střížovice 383
0%
Zlínský Kroměříž Střížovice 249
0%
Středočeský Vlašim Strojetice 133
0%
Vysočina Třebíč Stropešín 126
0%
Olomoucký Šternberk Strukov 158
0%
Ústecký Chomutov Strupčice 1 053
0%
Karlovarský Karlovy Vary Stružná 570
0%
Liberecký Česká Lípa Stružnice 984
0%
Jihočeský České Budějovice Strýčice 63
0%
Jihočeský Dačice Studená 2 285
0%
Plzeňský Kralovice Studená 35
0%
Liberecký Jilemnice Studenec 1 898
0%
Vysočina Náměšť nad Oslavou Studenec 591
0%
Středočeský Slaný Studeněves 485
0%
Středočeský Vlašim Studený 99
0%
Pardubický Svitavy Študlov 104
0%
Zlínský Valašské Klobouky Študlov 501
0%
Jihomoravský Boskovice Stvolová 163
0%
Olomoucký Konice Šubířov 251
0%
Pardubický Litomyšl Suchá Lhota 86
0%
Zlínský Uherský Brod Suchá Loz 1 151
0%
Moravskoslezský Nový Jičín Suchdol nad Odrou 2 710
0%
Středočeský Příbram Suchodol 391
0%
Jihomoravský Moravský Krumlov Suchohrdly u Miroslavi 499
0%
Středočeský Beroun Suchomasty 490
0%
Olomoucký Olomouc Suchonice 183
0%
Jihomoravský Veselí nad Moravou Suchov 494
0%
Královéhradecký Trutnov Suchovršice 369
0%
Královéhradecký Náchod Suchý Důl 404
0%
Středočeský Kutná Hora Sudějov 83
0%
Pardubický Ústí nad Orlicí Sudislav nad Orlicí 139
0%
Jihočeský Tábor Sudoměřice u Bechyně 777
0%
Jihočeský Tábor Sudoměřice u Tábora 298
0%
Pardubický Vysoké Mýto Sudslava 187
0%
Ústecký Lovosice Sulejovice 780
0%
Jihomoravský Boskovice Sulíkov 306
0%
Zlínský Kroměříž Sulimov 150
0%
Plzeňský Stříbro Sulislav 210
0%
Vysočina Bystřice nad Pernštejnem Sulkovec 163
0%
Jihomoravský Znojmo Šumná 642
0%
Olomoucký Uničov Šumvald 1 628
0%
Jihomoravský Vyškov Švábenice 1 038
0%
Vysočina Jihlava Švábov 69
0%
Středočeský Kladno Svárov 605
0%
Zlínský Uherské Hradiště Svárov 225
0%
Jihočeský Vimperk Svatá Maří 613
0%
Středočeský Dobříš Svaté Pole 507
0%
Jihomoravský Kyjov Svatobořice-Mistřín 3 493
0%
Královéhradecký Jičín Svatojanský Újezd 102
0%
Moravskoslezský Vítkov Svatoňovice 265
0%
Jihomoravský Tišnov Svatoslav 446
0%
Vysočina Třebíč Svatoslav 252
0%
Jihočeský Trhové Sviny Svatý Jan nad Malší 602
0%
Pardubický Vysoké Mýto Svatý Jiří 291
0%
Středočeský Kutná Hora Svatý Mikuláš 879
0%
Olomoucký Zábřeh Svébohov 420
0%
Středočeský Brandýs n. Lab.-St.Boleslav Svémyslice 526
0%
Vysočina Pelhřimov Svépravice 117
0%
Plzeňský Horažďovice Svéradice 316
0%
Olomoucký Olomouc Svésedlice 227
0%
Jihočeský Jindřichův Hradec Světce 132
0%
Královéhradecký Hradec Králové Světí 332
0%
Středočeský Říčany Světice 1 274
0%
Jihočeský Český Krumlov Světlík 236
0%
Vysočina Žďár nad Sázavou Světnov 472
0%
Plzeňský Klatovy Švihov 1 665
0%
Středočeský Rakovník Švihov 54
0%
Středočeský Beroun Svinaře 838
0%
Středočeský Kladno Svinařov 730
0%
Pardubický Přelouč Svinčany 493
0%
Jihomoravský Blansko Svinošice 383
0%
Moravskoslezský Bruntál Svobodné Heřmanice 557
0%
Pardubický Polička Svojanov 371
0%
Liberecký Jilemnice Svojek 172
0%
Středočeský Říčany Svojetice 1 160
0%
Středočeský Rakovník Svojetín 366
0%
Liberecký Nový Bor Svojkov 259
0%
Plzeňský Rokycany Svojkovice 433
0%
Vysočina Telč Svojkovice 49
0%
Pardubický Přelouč Svojšice 274
0%
Středočeský Kolín Svojšice 541
0%
Středočeský Příbram Svojšice 111
0%
Plzeňský Stříbro Svojšín 438
0%
Jihočeský Tábor Svrabov 55
0%
Pardubický Hlinsko Svratouch 899
0%
Středočeský Černošice Svrkyně 301
0%
Středočeský Rakovník Sýkořice 556
0%
Jihomoravský Tišnov Synalov 122
0%
Královéhradecký Hradec Králové Syrovátka 450
0%
Jihomoravský Kyjov Syrovín 345
0%
Plzeňský Stříbro Sytno 318
0%
Středočeský Černošice Tachlovice 878
0%
Plzeňský Nýřany Tatiná 260
0%
Liberecký Turnov Tatobity 589
0%
Karlovarský Sokolov Tatrovice 180
0%
Jihomoravský Moravský Krumlov Tavíkovice 587
0%
Jihočeský Blatná Tchořovice 242
0%
Středočeský Příbram Těchařovice 49
0%
Královéhradecký Hradec Králové Těchlovice 353
0%
Ústecký Děčín Těchlovice 523
0%
Vysočina Pacov Těchobuz 75
0%
Zlínský Zlín Tečovice 1 385
0%
Jihomoravský Kyjov Těmice 923
0%
Vysočina Pelhřimov Těmice 397
0%
Plzeňský Rokycany Těně 274
0%
Karlovarský Karlovy Vary Teplička 124
0%
Středočeský Benešov Teplýšovice 526
0%
Plzeňský Rokycany Terešov 187
0%
Jihomoravský Židlochovice Těšany 1 281
0%
Plzeňský Rokycany Těškov 316
0%
Moravskoslezský Opava Těškovice 821
0%
Jihočeský Prachatice Těšovice 320
0%
Karlovarský Sokolov Těšovice 258
0%
Pardubický Přelouč Tetov 172
0%
Středočeský Vlašim Tichonice 207
0%
Zlínský Valašské Klobouky Tichov 308
0%
Ústecký Ústí nad Labem Tisá 960
0%
Moravskoslezský Bílovec Tísek 953
0%
Středočeský Český Brod Tismice 536
0%
Jihomoravský Tišnov Tišnovská Nová Ves 98
0%
Pardubický Hlinsko Tisovec 323
0%
Olomoucký Prostějov Tištín 470
0%
Plzeňský Kralovice Tis u Blatna 113
0%
Plzeňský Nýřany Tlučná 3 293
0%
Plzeňský Domažlice Tlumačov 431
0%
Zlínský Otrokovice Tlumačov 2 458
0%
Středočeský Hořovice Tlustice 1 095
0%
Středočeský Beroun Tmaň 1 247
0%
Středočeský Příbram Tochovice 647
0%
Plzeňský Nepomuk Tojice 100
0%
Středočeský Vlašim Tomice 135
0%
Jihomoravský Vyškov Topolany 358
0%
Zlínský Uherské Hradiště Topolná 1 639
0%
Středočeský Kolín Toušice 358
0%
Ústecký Louny Toužetín 281
0%
Olomoucký Olomouc Tovéř 620
0%
Moravskoslezský Frýdek-Místek Třanovice 1 065
0%
Zlínský Uherské Hradiště Traplice 1 153
0%
Ústecký Litoměřice Travčice 599
0%
Jihomoravský Ivančice Trboušany 380
0%
Pardubický Moravská Třebová Třebařov 926
0%
Plzeňský Nepomuk Třebčice 130
0%
Jihočeský Soběslav Třebějice 67
0%
Vysočina Moravské Budějovice Třebelovice 425
0%
Středočeský Benešov Třebešice 99
0%
Středočeský Čáslav Třebešice 288
0%
Královéhradecký Rychnov nad Kněžnou Třebešov 293
0%
Středočeský Nymburk Třebestovice 1 027
0%
Jihočeský Dačice Třebětice 337
0%
Zlínský Holešov Třebětice 273
0%
Středočeský Kutná Hora Třebětín 119
0%
Středočeský Kladno Třebichovice 599
0%
Královéhradecký Dvůr Králové nad Labem Třebihošť 447
0%
Středočeský Slaný Třebíz 231
0%
Královéhradecký Hořice Třebnouševes 276
0%
Středočeský Rakovník Třeboc 156
0%
Jihočeský Strakonice Třebohostice 321
0%
Středočeský Čáslav Třebonín 139
0%
Středočeský Černošice Třebotov 1 488
0%
Středočeský Kolín Třebovle 551
0%
Středočeský Příbram Třebsko 282
0%
Středočeský Kladno Třebusice 501
0%
Ústecký Litoměřice Třebušín 571
0%
Moravskoslezský Krnov Třemešná 898
0%
Plzeňský Tachov Třemešné 370
0%
Plzeňský Nýřany Třemošná 5 139
0%
Vysočina Náměšť nad Oslavou Třesov 99
0%
Jihočeský Strakonice Třešovice 76
0%
Královéhradecký Hradec Králové Třesovice 271
0%
Vysočina Jihlava Třeštice 157
0%
Olomoucký Mohelnice Třeština 399
0%
Plzeňský Domažlice Trhanov 537
0%
Středočeský Příbram Trhové Dušníky 447
0%
Středočeský Kolín Tři Dvory 998
0%
Karlovarský Mariánské Lázně Tři Sekery 984
0%
Jihomoravský Moravský Krumlov Trnové Pole 122
0%
Moravskoslezský Frenštát pod Radhoštěm Trojanovice 2 687
0%
Pardubický Chrudim Trojovice 184
0%
Plzeňský Rokycany Trokavec 106
0%
Jihomoravský Pohořelice Troskotovice 693
0%
Královéhradecký Dvůr Králové nad Labem Trotina 93
0%
Olomoucký Uničov Troubelice 1 870
0%
Zlínský Kroměříž Troubky-Zdislavice 424
0%
Pardubický Lanškroun Trpík 89
0%
Pardubický Polička Trpín 439
0%
Vysočina Světlá nad Sázavou Trpišovice 179
0%
Plzeňský Stříbro Trpísty 280
0%
Olomoucký Olomouc Tršice 1 756
0%
Královéhradecký Jičín Třtěnice 344
0%
Středočeský Rakovník Třtice 493
0%
Středočeský Beroun Trubín 539
0%
Středočeský Beroun Trubská 184
0%
Jihočeský Vodňany Truskovice 208
0%
Pardubický Holice Trusnov 223
0%
Pardubický Litomyšl Tržek 158
0%
Středočeský Černošice Tuchoměřice 1 586
0%
Středočeský Český Brod Tuchoraz 581
0%
Ústecký Žatec Tuchořice 685
0%
Olomoucký Přerov Tučín 439
0%
Jihomoravský Moravský Krumlov Tulešice 198
0%
Pardubický Chrudim Tuněchody 609
0%
Zlínský Uherské Hradiště Tupesy 1 143
0%
Pardubický Přelouč Turkovice 305
0%
Jihočeský Tábor Turovec 281
0%
Středočeský Příbram Tušovice 110
0%
Královéhradecký Kostelec nad Orlicí Tutleky 358
0%
Plzeňský Horažďovice Tužice 94
0%
Jihomoravský Znojmo Tvořihráz 431
0%
Moravskoslezský Rýmařov Tvrdkov 237
0%
Jihomoravský Břeclav Tvrdonice 2 122
0%
Jihočeský Prachatice Tvrzice 124
0%
Plzeňský Rokycany Týček 233
0%
Plzeňský Plzeň Tymákov 1 059
0%
Olomoucký Lipník nad Bečvou Týn nad Bečvou 835
0%
Královéhradecký Nová Paka Úbislavice 453
0%
Zlínský Vizovice Ublo 312
0%
Plzeňský Domažlice Úboč 130
0%
Vysočina Bystřice nad Pernštejnem Ubušínek 88
0%
Ústecký Chomutov Údlice 1 237
0%
Královéhradecký Jičín Údrnice 298
0%
Vysočina Chotěboř Uhelná Příbram 504
0%
Plzeňský Nýřany Úherce 377
0%
Ústecký Louny Úherce 82
0%
Královéhradecký Hořice Úhlejov 147
0%
Moravskoslezský Opava Uhlířov 376
0%
Středočeský Černošice Úholičky 811
0%
Středočeský Černošice Úhonice 1 139
0%
Vysočina Havlíčkův Brod Úhořilka 46
0%
Vysočina Velké Meziříčí Uhřínov 371
0%
Vysočina Bystřice nad Pernštejnem Ujčov 467
0%
Ústecký Teplice Újezdeček 883
0%
Plzeňský Nýřany Újezd nade Mží 102
0%
Jihomoravský Boskovice Újezd u Boskovic 490
0%
Jihomoravský Blansko Újezd u Černé Hory 266
0%
Plzeňský Klatovy Újezd u Plánice 123
0%
Jihomoravský Rosice Újezd u Rosic 295
0%
Pardubický Pardubice Újezd u Sezemic 227
0%
Plzeňský Rokycany Újezd u Svatého Kříže 239
0%
Jihomoravský Tišnov Újezd u Tišnova 138
0%
Středočeský Mladá Boleslav Ujkovice 110
0%
Jihočeský Strakonice Úlehle 97
0%
Středočeský Kutná Hora Úmonín 514
0%
Středočeský Poděbrady Úmyslovice 313
0%
Jihomoravský Znojmo Únanov 1 290
0%
Vysočina Bystřice nad Pernštejnem Unčín 194
0%
Plzeňský Stříbro Únehle 138
0%
Plzeňský Domažlice Únějovice 108
0%
Plzeňský Nýřany Úněšov 597
0%
Jihočeský Strakonice Únice 65
0%
Jihomoravský Židlochovice Unkovice 738
0%
Ústecký Lovosice Úpohlavy 255
0%
Královéhradecký Hradec Králové Urbanice 320
0%
Pardubický Přelouč Urbanice 63
0%
Vysočina Telč Urbanov 136
0%
Olomoucký Prostějov Určice 1 401
0%
Jihočeský České Budějovice Úsilné 512
0%
Plzeňský Domažlice Úsilov 123
0%
Vysočina Havlíčkův Brod Úsobí 684
0%
Jihočeský Tábor Ústrašice 391
0%
Vysočina Pelhřimov Ústrašín 265
0%
Jihomoravský Boskovice Ústup 42
0%
Jihomoravský Tišnov Úsuší 128
0%
Vysočina Pelhřimov Útěchovice 61
0%
Vysočina Pacov Útěchovice pod Stražištěm 104
0%
Vysočina Pelhřimov Útěchovičky 70
0%
Plzeňský Přeštice Útušice 705
0%
Karlovarský Karlovy Vary Útvina 601
0%
Jihočeský Blatná Uzenice 107
0%
Jihočeský Blatná Uzeničky 118
0%
Středočeský Rakovník Václavy 64
0%
Jihočeský Strakonice Vacovice 51
0%
Zlínský Vsetín Valašská Senice 426
0%
Jihomoravský Boskovice Valchov 455
0%
Vysočina Třebíč Valdíkov 115
0%
Ústecký Děčín Valkeřice 384
0%
Jihomoravský Znojmo Valtrovice 416
0%
Vysočina Telč Vanov 86
0%
Jihomoravský Boskovice Vanovice 535
0%
Vysočina Telč Vanůvek 38
0%
Zlínský Uherský Brod Vápenice 198
0%
Pardubický Chrudim Vápenný Podol 299
0%
Pardubický Přelouč Vápno 135
0%
Vysočina Telč Vápovice 41
0%
Jihočeský Písek Varvažov 184
0%
Vysočina Žďár nad Sázavou Vatín 330
0%
Jihomoravský Blansko Vavřinec 882
0%
Středočeský Kutná Hora Vavřinec 565
0%
Jihomoravský Slavkov u Brna Vážany nad Litavou 735
0%
Pardubický Hlinsko Včelákov 540
0%
Jihočeský České Budějovice Včelná 2 275
0%
Vysočina Pelhřimov Včelnička 242
0%
Vysočina Bystřice nad Pernštejnem Věchnov 329
0%
Vysočina Nové Město na Moravě Věcov 713
0%
Ústecký Roudnice nad Labem Vědomice 916
0%
Jihomoravský Moravský Krumlov Vedrovice 859
0%
Plzeňský Nýřany Vejprnice 4 397
0%
Plzeňský Rokycany Vejvanov 255
0%
Pardubický Chrudim Vejvanovice 314
0%
Plzeňský Kralovice Velečín 70
0%
Ústecký Lovosice Velemín 1 623
0%
Ústecký Žatec Velemyšleves 349
0%
Jihomoravský Boskovice Velenov 255
0%
Středočeský Kolín Veletov 268
0%
Plzeňský Sušice Velhartice 841
0%
Středočeský Brandýs n. Lab.-St.Boleslav Veliká Ves 389
0%
Ústecký Kadaň Veliká Ves 317
0%
Královéhradecký Jičín Veliš 202
0%
Středočeský Vlašim Veliš 343
0%
Vysočina Velké Meziříčí Velká Bíteš 5 227
0%
Středočeský Rakovník Velká Buková 280
0%
Ústecký Děčín Velká Bukovina 510
0%
Středočeský Rakovník Velká Chmelištná 63
0%
Vysočina Pacov Velká Chyška 282
0%
Středočeský Kladno Velká Dobrá 1 832
0%
Karlovarský Mariánské Lázně Velká Hleďsebe 2 331
0%
Královéhradecký Náchod Velká Jesenice 742
0%
Středočeský Dobříš Velká Lečice 181
0%
Vysočina Žďár nad Sázavou Velká Losenice 1 226
0%
Jihočeský Strakonice Velká Turná 171
0%
Moravskoslezský Bílovec Velké Albrechtice 1 155
0%
Ústecký Ústí nad Labem Velké Chvojno 885
0%
Jihomoravský Hustopeče Velké Hostěrádky 510
0%
Plzeňský Horažďovice Velké Hydčice 258
0%
Vysočina Bystřice nad Pernštejnem Velké Janovice 132
0%
Olomoucký Jeseník Velké Kunětice 535
0%
Jihomoravský Hustopeče Velké Němčice 1 777
0%
Královéhradecký Náchod Velké Petrovice 435
0%
Královéhradecký Náchod Velké Poříčí 2 355
0%
Středočeský Kladno Velké Přítočno 1 038
0%
Královéhradecký Trutnov Velké Svatoňovice 1 277
0%
Vysočina Bystřice nad Pernštejnem Velké Tresné 105
0%
Plzeňský Horažďovice Velký Bor 555
0%
Středočeský Mělník Velký Borek 1 140
0%
Středočeský Hořovice Velký Chlumec 409
0%
Jihomoravský Znojmo Velký Karlov 404
0%
Karlovarský Cheb Velký Luh 163
0%
Plzeňský Horšovský Týn Velký Malahov 249
0%
Zlínský Zlín Velký Ořechov 752
0%
Středočeský Kolín Velký Osek 2 432
0%
Vysočina Pelhřimov Velký Rybník 189
0%
Ústecký Rumburk Velký Šenov 1 977
0%
Královéhradecký Jaroměř Velký Třebešov 310
0%
Liberecký Česká Lípa Velký Valtinov 189
0%
Moravskoslezský Třinec Vělopolí 298
0%
Ústecký Louny Veltěže 412
0%
Jihomoravský Moravský Krumlov Vémyslice 698
0%
Pardubický Svitavy Vendolí 963
0%
Vysočina Chotěboř Vepříkov 336
0%
Ústecký Děčín Verneřice 1 174
0%
Královéhradecký Broumov Vernéřovice 326
0%
Olomoucký Šumperk Vernířovice 206
0%
Olomoucký Olomouc Věrovany 1 382
0%
Karlovarský Karlovy Vary Verušičky 461
0%
Jihočeský Soběslav Vesce 282
0%
Jihočeský Milevsko Veselíčko 211
0%
Olomoucký Lipník nad Bečvou Veselíčko 891
0%
Vysočina Havlíčkův Brod Veselý Žďár 582
0%
Středočeský Příbram Věšín 704
0%
Vysočina Bystřice nad Pernštejnem Věstín 159
0%
Plzeňský Stod Ves Touškov 356
0%
Jihomoravský Kyjov Věteřov 500
0%
Moravskoslezský Vítkov Větřkovice 742
0%
Středočeský Brandýs n. Lab.-St.Boleslav Větrušice 634
0%
Jihomoravský Znojmo Vevčice 70
0%
Jihomoravský Rosice Veverské Knínice 957
0%
Vysočina Bystřice nad Pernštejnem Věžná 238
0%
Vysočina Pacov Věžná 134
0%
Vysočina Havlíčkův Brod Věžnice 426
0%
Vysočina Jihlava Věžnice 152
0%
Vysočina Jihlava Věžnička 138
0%
Jihočeský Český Krumlov Věžovatá Pláně 156
0%
Olomoucký Prostějov Víceměřice 569
0%
Jihočeský Jindřichův Hradec Vícemil 86
0%
Vysočina Moravské Budějovice Vícenice 191
0%
Vysočina Náměšť nad Oslavou Vícenice u Náměště nad Oslavou 412
0%
Liberecký Jilemnice Víchová nad Jizerou 914
0%
Olomoucký Prostějov Vícov 552
0%
Zlínský Rožnov pod Radhoštěm Vidče 1 764
0%
Plzeňský Horšovský Týn Vidice 170
0%
Středočeský Kutná Hora Vidice 268
0%
Středočeský Mělník Vidim 122
0%
Královéhradecký Nová Paka Vidochov 390
0%
Vysočina Velké Meziříčí Vidonín 166
0%
Jihočeský České Budějovice Vidov 607
0%
Olomoucký Šumperk Vikantice 75
0%
Olomoucký Šumperk Vikýřovice 2 342
0%
Vysočina Jihlava Vílanec 325
0%
Královéhradecký Dvůr Králové nad Labem Vilantice 212
0%
Jihočeský Tábor Vilice 136
0%
Středočeský Čáslav Vinaře 260
0%
Královéhradecký Nový Bydžov Vinary 461
0%
Pardubický Vysoké Mýto Vinary 132
0%
Olomoucký Prostějov Vincencov 117
0%
Středočeský Mladá Boleslav Vinec 291
0%
Karlovarský Sokolov Vintířov 1 196
0%
Pardubický Moravská Třebová Víska u Jevíčka 165
0%
Jihomoravský Boskovice Vísky 250
0%
Plzeňský Rokycany Vísky 62
0%
Pardubický Hlinsko Vítanov 450
0%
Olomoucký Prostějov Vitčice 183
0%
Jihočeský Prachatice Vitějovice 511
0%
Královéhradecký Dvůr Králové nad Labem Vítězná 1 480
0%
Středočeský Český Brod Vitice 1 092
0%
Jihočeský České Budějovice Vitín 459
0%
Královéhradecký Jičín Vitiněves 355
0%
Jihomoravský Znojmo Vítonice 253
0%
Zlínský Bystřice pod Hostýnem Vítonice 392
0%
Středočeský Hořovice Vižina 276
0%
Zlínský Valašské Klobouky Vlachova Lhota 220
0%
Vysočina Nové Město na Moravě Vlachovice 137
0%
Zlínský Valašské Klobouky Vlachovice 1 466
0%
Středočeský Čáslav Vlačice 258
0%
Jihočeský Písek Vlastec 227
0%
Jihočeský Soběslav Vlastiboř 325
0%
Liberecký Železný Brod Vlastiboř 115
0%
Liberecký Turnov Vlastibořice 346
0%
Ústecký Lovosice Vlastislav 177
0%
Vysočina Třebíč Vlčatín 150
0%
Jihočeský Jindřichův Hradec Vlčetínec 43
0%
Jihočeský Tábor Vlčeves 110
0%
Zlínský Zlín Vlčková 408
0%
Královéhradecký Dvůr Králové nad Labem Vlčkovice v Podkrkonoší 365
0%
Zlínský Uherský Brod Vlčnov 2 982
0%
Plzeňský Blovice Vlčtejn 92
0%
Středočeský Říčany Vlkančice 205
0%
Středočeský Čáslav Vlkaneč 622
0%
Plzeňský Domažlice Vlkanov 122
0%
Vysočina Světlá nad Sázavou Vlkanov 45
0%
Středočeský Mladá Boleslav Vlkava 420
0%
Jihomoravský Kyjov Vlkoš 1 040
0%
Olomoucký Přerov Vlkoš 703
0%
Středočeský Poděbrady Vlkov pod Oškobrhem 91
0%
Jihočeský Milevsko Vlksice 147
0%
Plzeňský Nýřany Vochov 1 291
0%
Jihomoravský Boskovice Voděrady 538
0%
Královéhradecký Rychnov nad Kněžnou Voděrady 737
0%
Pardubický Ústí nad Orlicí Voděrady 336
0%
Středočeský Čáslav Vodranty 84
0%
Středočeský Benešov Vodslivy 99
0%
Jihomoravský Tišnov Vohančice 191
0%
Jihočeský Písek Vojníkov 80
0%
Vysočina Humpolec Vojslavice 90
0%
Vysočina Pelhřimov Vokov 183
0%
Královéhradecký Jičín Volanice 219
0%
Středočeský Kolín Volárna 514
0%
Plzeňský Rokycany Volduchy 1 221
0%
Jihočeský Strakonice Volenice 554
0%
Středočeský Příbram Volenice 377
0%
Ústecký Most Volevčice 119
0%
Vysočina Telč Volevčice 75
0%
Liberecký Česká Lípa Volfartice 713
0%
Jihočeský Dačice Volfířov 725
0%
Středočeský Černošice Vonoklasy 562
0%
Středočeský Dobříš Voznice 683
0%
Jihočeský České Budějovice Vrábče 813
0%
Pardubický Vysoké Mýto Vraclav 784
0%
Jihomoravský Kyjov Vracov 4 569
0%
Jihomoravský Znojmo Vracovice 200
0%
Středočeský Vlašim Vracovice 396
0%
Pardubický Vysoké Mýto Vračovice-Orlov 167
0%
Středočeský Mělník Vraňany 926
0%
Středočeský Příbram Vrančice 159
0%
Středočeský Černošice Vrané nad Vltavou 2 663
0%
Jihomoravský Boskovice Vranová 381
0%
Pardubický Moravská Třebová Vranová Lhota 443
0%
Jihomoravský Znojmo Vranovská Ves 307
0%
Středočeský Slaný Vraný 767
0%
Jihomoravský Znojmo Vratěnín 292
0%
Jihomoravský Tišnov Vratislávka 93
0%
Středočeský Český Brod Vrátkov 273
0%
Jihočeský České Budějovice Vráto 425
0%
Ústecký Roudnice nad Labem Vražkov 408
0%
Moravskoslezský Odry Vražné 853
0%
Pardubický Moravská Třebová Vrážné 65
0%
Pardubický Chrudim Vrbatův Kostelec 356
0%
Středočeský Kolín Vrbčany 406
0%
Středočeský Slaný Vrbičany 209
0%
Ústecký Lovosice Vrbičany 293
0%
Ústecký Louny Vrbno nad Lesy 193
0%
Plzeňský Nepomuk Vrčeň 339
0%
Olomoucký Prostějov Vrchoslavice 618
0%
Liberecký Česká Lípa Vrchovany 105
0%
Královéhradecký Hradec Králové Vrchovnice 68
0%
Jihočeský Písek Vrcovice 183
0%
Plzeňský Klatovy Vřeskovice 321
0%
Královéhradecký Hořice Vřesník 94
0%
Karlovarský Sokolov Vřesová 395
0%
Jihomoravský Kyjov Vřesovice 585
0%
Olomoucký Prostějov Vřesovice 558
0%
Plzeňský Klatovy Vrhaveč 891
0%
Ústecký Podbořany Vroutek 1 828
0%
Královéhradecký Jičín Vršce 242
0%
Moravskoslezský Opava Vršovice 519
0%
Ústecký Louny Vršovice 248
0%
Královéhradecký Nové Město nad Metují Vršovka 146
0%
Ústecký Litoměřice Vrutice 314
0%
Plzeňský Kralovice Všehrdy 55
0%
Ústecký Chomutov Všehrdy 158
0%
Středočeský Mladá Boleslav Všejany 695
0%
Plzeňský Stod Všekary 100
0%
Liberecký Liberec Všelibice 601
0%
Zlínský Vizovice Všemina 1 132
0%
Jihočeský Týn nad Vltavou Všemyslice 1 143
0%
Plzeňský Rokycany Všenice 273
0%
Plzeňský Domažlice Všepadly 43
0%
Středočeský Beroun Všeradice 456
0%
Pardubický Hlinsko Všeradov 148
0%
Plzeňský Domažlice Všeruby 816
0%
Plzeňský Nýřany Všeruby 1 624
0%
Středočeský Kralupy nad Vltavou Všestudy 383
0%
Ústecký Chomutov Všestudy 191
0%
Středočeský Rakovník Všesulov 138
0%
Středočeský Příbram Vševily 142
0%
Plzeňský Stod Vstiš 544
0%
Jihočeský Jindřichův Hradec Vydří 116
0%
Středočeský Lysá nad Labem Vykáň 393
0%
Vysočina Pacov Vyklantice 151
0%
Olomoucký Přerov Výkleky 279
0%
Jihomoravský Znojmo Výrovice 173
0%
Pardubický Přelouč Vyšehněvice 264
0%
Olomoucký Zábřeh Vyšehoří 252
0%
Středočeský Brandýs n. Lab.-St.Boleslav Vyšehořovice 665
0%
Zlínský Uherský Brod Vyškovec 149
0%
Vysočina Pelhřimov Vyskytná 716
0%
Vysočina Jihlava Vyskytná nad Jihlavou 914
0%
Ústecký Chomutov Výsluní 397
0%
Plzeňský Kralovice Vysoká Libyně 218
0%
Karlovarský Karlovy Vary Vysoká Pec 351
0%
Ústecký Chomutov Vysoká Pec 1 086
0%
Královéhradecký Náchod Vysoká Srbská 295
0%
Středočeský Příbram Vysoká u Příbramě 352
0%
Zlínský Valašské Klobouky Vysoké Pole 855
0%
Jihomoravský Rosice Vysoké Popovice 722
0%
Vysočina Jihlava Vysoké Studnice 428
0%
Středočeský Sedlčany Vysoký Chlumec 826
0%
Královéhradecký Hradec Králové Vysoký Újezd 87
0%
Středočeský Benešov Vysoký Újezd 194
0%
Středočeský Beroun Vysoký Újezd 1 216
0%
Vysočina Telč Vystrčenovice 118
0%
Vysočina Humpolec Vystrkov 285
0%
Středočeský Říčany Výžerky 182
0%
Pardubický Chrudim Vyžice 200
0%
Středočeský Říčany Vyžlovka 757
0%
Středočeský Benešov Xaverov 55
0%
Jihomoravský Židlochovice Žabčice 1 649
0%
Moravskoslezský Frýdek-Místek Žabeň 906
0%
Olomoucký Přerov Zábeštní Lhota 179
0%
Jihočeský Prachatice Záblatí 321
0%
Jihočeský Třeboň Záblatí 85
0%
Vysočina Velké Meziříčí Záblatí 256
0%
Středočeský Kolín Žabonosy 242
0%
Jihočeský Blatná Záboří 331
0%
Jihočeský České Budějovice Záboří 391
0%
Středočeský Kutná Hora Záboří nad Labem 843
0%
Vysočina Jihlava Záborná 263
0%
Jihočeský České Budějovice Žabovřesky 424
0%
Ústecký Roudnice nad Labem Žabovřesky nad Ohří 278
0%
Jihočeský Prachatice Zábrdí 66
0%
Královéhradecký Dvůr Králové nad Labem Zábřezí-Řečice 149
0%
Královéhradecký Náchod Zábrodí 580
0%
Ústecký Teplice Zabrušany 1 136
0%
Pardubický Žamberk Záchlumí 776
0%
Plzeňský Stříbro Záchlumí 402
0%
Královéhradecký Nový Bydžov Zachrašťany 242
0%
Plzeňský Tachov Zadní Chodov 252
0%
Jihočeský Tábor Zadní Střítež 32
0%
Vysočina Telč Zadní Vydří 50
0%
Vysočina Velké Meziříčí Zadní Zhořec 136
0%
Pardubický Vysoké Mýto Zádolí 95
0%
Jihomoravský Kyjov Žádovice 745
0%
Karlovarský Mariánské Lázně Zádub-Závišín 334
0%
Zlínský Vizovice Zádveřice-Raková 1 515
0%
Jihočeský České Budějovice Zahájí 485
0%
Plzeňský Domažlice Zahořany 1 035
0%
Středočeský Černošice Zahořany 316
0%
Jihočeský Strakonice Zahorčice 58
0%
Jihočeský Jindřichův Hradec Záhoří 106
0%
Jihočeský Písek Záhoří 784
0%
Jihočeský Tábor Záhoří 63
0%
Liberecký Semily Záhoří 492
0%
Středočeský Poděbrady Záhornice 416
0%
Zlínský Uherský Brod Záhorovice 1 031
0%
Plzeňský Nýřany Zahrádka 146
0%
Vysočina Náměšť nad Oslavou Zahrádka 139
0%
Pardubický Chrudim Zaječice 1 058
0%
Středočeský Hořovice Zaječov 1 439
0%
Středočeský Kladno Zájezd 122
0%
Pardubický Chrudim Zájezdec 111
0%
Vysočina Pelhřimov Zajíčkov 230
0%
Plzeňský Blovice Žákava 476
0%
Olomoucký Přerov Žákovice 243
0%
Jihomoravský Rosice Zakřany 787
0%
Liberecký Česká Lípa Zákupy 2 845
0%
Středočeský Čáslav Žáky 351
0%
Ústecký Teplice Žalany 521
0%
Středočeský Kolín Zalešany 114
0%
Jihomoravský Rosice Zálesná Zhoř 65
0%
Středočeský Neratovice Zálezlice 410
0%
Ústecký Litoměřice Žalhostice 526
0%
Zlínský Kroměříž Žalkovice 581
0%
Královéhradecký Jaroměř Zaloňov 445
0%
Jihočeský Soběslav Zálší 244
0%
Pardubický Vysoké Mýto Zálší 236
0%
Středočeský Příbram Zalužany 321
0%
Středočeský Hořovice Záluží 521
0%
Ústecký Roudnice nad Labem Záluží 185
0%
Ústecký Žatec Zálužice 100
0%
Královéhradecký Jičín Zámostí-Blata 124
0%
Pardubický Žamberk Žampach 297
0%
Olomoucký Hranice Zámrsky 241
0%
Liberecký Česká Lípa Žandov 1 888
0%
Pardubický Přelouč Žáravice 113
0%
Pardubický Vysoké Mýto Zářecká Lhota 211
0%
Zlínský Kroměříž Záříčí 717
0%
Jihomoravský Kyjov Žarošice 1 117
0%
Jihočeský Vimperk Žárovná 117
0%
Vysočina Třebíč Zárubice 120
0%
Středočeský Brandýs n. Lab.-St.Boleslav Záryby 1 031
0%
Středočeský Kolín Zásmuky 2 007
0%
Vysočina Třebíč Zašovice 123
0%
Zlínský Kroměříž Zástřizly 144
0%
Jihomoravský Židlochovice Žatčany 924
0%
Moravskoslezský Hlučín Závada 584
0%
Středočeský Rakovník Zavidov 331
0%
Moravskoslezský Kopřivnice Závišice 1 084
0%
Jihomoravský Blansko Závist 139
0%
Plzeňský Klatovy Zavlekov 423
0%
Jihočeský České Budějovice Závraty 51
0%
Středočeský Rakovník Zbečno 570
0%
Jihočeský Milevsko Zbelítov 348
0%
Středočeský Příbram Zbenice 132
0%
Jihočeský Milevsko Zběšičky 162
0%
Vysočina Jihlava Zbilidy 231
0%
Vysočina Jihlava Zbinohy 98
0%
Středočeský Kutná Hora Zbizuby 478
0%
Jihomoravský Znojmo Zblovice 42
0%
Plzeňský Klatovy Zborovy 113
0%
Středočeský Nymburk Zbožíčko 248
0%
Ústecký Louny Zbrašín 387
0%
Jihomoravský Boskovice Zbraslavec 224
0%
Moravskoslezský Ostrava Zbyslavice 632
0%
Jihočeský Prachatice Zbytiny 338
0%
Plzeňský Domažlice Ždánov 158
0%
Královéhradecký Náchod Žďárky 558
0%
Královéhradecký Náchod Žďár nad Metují 664
0%
Královéhradecký Kostelec nad Orlicí Žďár nad Orlicí 527
0%
Královéhradecký Kostelec nad Orlicí Zdelov 265
0%
Plzeňský Blovice Zdemyslice 644
0%
Vysočina Telč Zdeňkov 56
0%
Pardubický Chrudim Zderaz 282
0%
Středočeský Brandýs n. Lab.-St.Boleslav Zdiby 3 874
0%
Jihočeský Vimperk Zdíkov 1 710
0%
Liberecký Liberec Zdislava 273
0%
Středočeský Vlašim Zdislavice 523
0%
Královéhradecký Dvůr Králové nad Labem Zdobín 123
0%
Středočeský Příbram Zduchovice 314
0%
Jihomoravský Vyškov Zelená Hora 308
0%
Královéhradecký Jičín Zelenecká Lhota 157
0%
Středočeský Slaný Želenice 195
0%
Ústecký Most Želenice 483
0%
Pardubický Svitavy Želivsko 40
0%
Ústecký Louny Želkovice 95
0%
Jihočeský Prachatice Želnava 116
0%
Plzeňský Stod Zemětice 308
0%
Moravskoslezský Kopřivnice Ženklava 1 098
0%
Jihomoravský Kyjov Žeravice 1 012
0%
Jihomoravský Veselí nad Moravou Žeraviny 185
0%
Královéhradecký Jičín Žeretice 257
0%
Moravskoslezský Frýdek-Místek Žermanice 347
0%
Jihočeský Prachatice Žernovice 317
0%
Jihomoravský Znojmo Žerotice 367
0%
Jihomoravský Boskovice Žerůtky 77
0%
Jihomoravský Znojmo Žerůtky 273
0%
Vysočina Pacov Zhořec 104
0%
Jihočeský Tábor Zhoř u Mladé Vožice 100
0%
Jihočeský Tábor Zhoř u Tábora 160
0%
Středočeský Slaný Zichovec 196
0%
Plzeňský Sušice Žichovice 647
0%
Středočeský Mladá Boleslav Židněves 374
0%
Královéhradecký Jičín Židovice 119
0%
Ústecký Roudnice nad Labem Židovice 383
0%
Plzeňský Kralovice Žihle 1 302
0%
Plzeňský Sušice Žihobce 588
0%
Středočeský Kladno Žilina 859
0%
Plzeňský Nýřany Žilov 441
0%
Jihočeský Týn nad Vltavou Žimutice 632
0%
Plzeňský Nepomuk Žinkovy 844
0%
Jihočeský Soběslav Žíšov 248
0%
Ústecký Litoměřice Žitenice 1 598
0%
Zlínský Uherský Brod Žítková 175
0%
Středočeský Nymburk Žitovlice 184
0%
Plzeňský Nepomuk Životice 46
0%
Moravskoslezský Nový Jičín Životice u Nového Jičína 662
0%
Středočeský Kolín Žiželice 1 803
0%
Ústecký Žatec Žiželice 408
0%
Středočeský Slaný Žižice 712
0%
Vysočina Havlíčkův Brod Žižkovo Pole 395
0%
Zlínský Uherské Hradiště Zlámanec 322
0%
Vysočina Pacov Zlátenka 48
0%
Středočeský Černošice Zlatníky-Hodkovice 1 345
0%
Pardubický Chrudim Žlebské Chvalovice 136
0%
Zlínský Uherské Hradiště Zlechov 1 653
0%
Zlínský Kroměříž Zlobice 614
0%
Středočeský Kralupy nad Vltavou Zlončice 586
0%
Středočeský Brandýs n. Lab.-St.Boleslav Zlonín 956
0%
Středočeský Kralupy nad Vltavou Zlosyň 485
0%
Jihočeský Soběslav Zlukov 276
0%
Královéhradecký Jičín Žlunice 225
0%
Zlínský Otrokovice Žlutava 1 204
0%
Vysočina Žďár nad Sázavou Znětínek 208
0%
Plzeňský Nýřany Zruč-Senec 3 411
0%
Jihočeský Český Krumlov Zubčice 425
0%
Pardubický Chrudim Žumberk 268
0%
Jihočeský Dačice Županovice 59
0%
Středočeský Dobříš Županovice 73
0%
Středočeský Říčany Zvánovice 572
0%
Středočeský Nymburk Zvěřínek 286
0%
Vysočina Moravské Budějovice Zvěrkovice 211
0%
Jihočeský Soběslav Zvěrotice 399
0%
Středočeský Votice Zvěstov 372
0%
Vysočina Havlíčkův Brod Zvěstovice 71
0%
Plzeňský Rokycany Zvíkovec 204
0%
Středočeský Slaný Zvoleněves 883
0%
Vysočina Telč Zvolenovice 84
0%
Jihočeský Strakonice Zvotoky 66
0%
No matching quizzes found
Score Distribution
Percent of People with Each Score
Percentile by Number Answered
Your Score History
You have not taken this quiz